{"text_format":"1","workbook":"xlsx","n_sheets":5,"sheets":["свод","3.1","3.2","1632-2021-3.1-КЖ1_07.03.010-Сме","1632-2021-3.2-КЖ1_07.03.010-Сме"],"not_rendered":{"charts":0,"images":0,"macros":1,"external_links":0,"defined_names":6,"comments":0,"pivot_tables":0},"unopened":[],"bounds":{"document_bytes":16777216,"sheet_cells":100000,"rows_first":2000,"rows_last":500,"rows_between":2000,"halvings":0,"cell_chars":16384,"cell_head_chars":4096},"cells_cut":0,"cells_raw":0,"read":"whole","date_system":"1900"}

{"sheet":"свод","index":0,"n_rows":14,"n_cols":5,"rows_kept":14,"cut":false,"hidden":false,"merged":[[11,3,11,4],[12,3,12,4],[13,3,13,4],[0,0,0,1],[0,2,0,4],[1,0,1,1],[3,0,3,1],[4,0,4,1],[6,3,6,4]]}
["Наименование закупки: ",null,"Выполнение комплекса строительно-монтажных работ по монтажу подкрановых путей крытого склада №1 и №2 на объекте «Терминал по перевалке минеральных удобрений в морском торговом порту Усть-Луга».\n"]
["Исх. № ______________ от __.__.2023г."]
[]
["Наименование Участника:"]
["ИНН Участника "]
[]
["№ п/п","Наименование","Требование ООО «ЕТУ»","Предложение Участника, руб без НДС"]
[null,null,null,"Материалы","Работы"]
[1,"Конструкции железобетонные. Ростверк., 07.03.010 Крытый склад № 1 (код SAP 01.01.001) код ГП 3.1",null,{"$f":"'3.1'!I116","v":411655.3},{"$f":"'3.1'!G116","v":24698865.100000001}]
[2,"Конструкции железобетонные. Ростверк., 07.03.010 Крытый склад № 2 (код SAP 01.01.001) код ГП 3.1",null,{"$f":"'3.2'!I109","v":458133.62},{"$f":"'3.2'!G109","v":26559256.219999999}]
[3,"Итоговая стоимость строительно-монтажных работ",null,{"$f":"D9+D10","v":869788.92},{"$f":"E9+E10","v":51258121.32}]
[4,"ВСЕГО",null,{"$f":"D11+E11","v":52127910.240000002}]
[5,"НДС",0.2,{"$f":"D12*0.2","v":10425582.050000001}]
[6,"Итоговая стоимость СМР, руб с НДС",null,{"$f":"D12+D13","v":62553492.289999999}]

{"sheet":"3.1","index":1,"n_rows":116,"n_cols":10,"rows_kept":116,"cut":false,"hidden":false,"merged":[[5,2,5,4],[1,0,1,8],[3,0,3,8],[2,0,2,8],[4,0,4,8]]}
[]
["Терминал по перевалке минеральных удобрений в морском торговом порту Усть-Луга. Береговые объекты терминала"]
["(наименование стройки)"]
["на на Конструкции железобетонные. Ростверк., 07.03.010 Крытый склад № 1 (код SAP 01.01.001) код ГП 3.1, "]
["(наименование работ и затрат, наименование объекта)"]
[null,"Основание:","1632-2021-3.1-КЖ1"]
[]
["№ п/п","Обоснование","Наименование работ и затрат","Ед. изм.","Кол-во","Цена за ед.измерения работ, руб. с НДС","Всего, стоимость работ,руб. с НДС","Цена за ед.измерения материалов, руб. с НДС","Всего, стоимость материалов, руб. с НДС"]
["1","2","3","4","5",6,7,8,9]
["Раздел 1. Рельсовый путь № 1"]
["1","ТЕР09-03-005-02","Монтаж подкрановых путей: по металлическим  подкрановым балкам для рельсов типа КР\n//вес 83,09 кг./м","100 м рельса в одну нитку",6.4989999999999997,{"$f":"G11/E11","v":1398677.04},9090002.0700000003,{"$f":"I11/E11","v":24775.22},161014.16]
[null,"101-0309","Канаты пеньковые пропитанные","т","0,0009\n0,0058",null,0,null,0]
[null,"101-0324","Кислород технический: газообразный","м3","16,58\n107,8",null,0,null,0]
[null,"101-0797","Проволока горячекатаная в мотках, диаметром 6,3-6,5 мм","т","0,0002\n0,0013",null,0,null,0]
[null,"101-1515","Электроды диаметром: 4 мм Э46","т","0,1\n0,6499",null,0,null,0]
[null,"101-1805","Гвозди строительные","т","0,0008\n0,0052",null,0,null,0]
[null,"101-2278","Пропан-бутан, смесь техническая","кг","5\n32,5",null,0,null,0]
[null,"101-2467","Растворитель марки: Р-4","т","0,0005\n0,0032",null,0,null,0]
[null,"102-0023","Бруски обрезные хвойных пород длиной: 4-6,5 м, шириной 75-150 мм, толщиной 40-75 мм, I сорта","м3","0,08\n0,5199",null,0,null,0]
[null,"113-0021","Грунтовка: ГФ-021 красно-коричневая","т","0,0026\n0,0169",null,0,null,0]
[null,"508-0097","Канат двойной свивки типа ТК, конструкции 6х19(1+6+12)+1 о.с., оцинкованный из проволок марки В, маркировочная группа: 1770 н/мм2, диаметром 5,5 мм","10 м","0,09\n0,5849",null,0,null,0]
["2\n*","ТССЦ-202-0017","Пути подкрановые, марка стали: С 255, крепления и упоры//Рельсовые комплекты","т",25.172709999999999,{"$f":"G22/E22","v":0},0,{"$f":"I22/E22","v":0},0]
["3\n*","ТССЦ-202-0016","Пути подкрановые, марка стали: С 255, рельсы железнодорожные","т",27.000095999999999,0,0,0,0]
["Раздел 2. Рельсовый путь № 2",null,null,null,null,null,0,null,0]
["4","ТЕР09-03-005-02","Монтаж подкрановых путей: по металлическим  подкрановым балкам для рельсов типа КР\n//вес 83,09 кг./м","100 м рельса в одну нитку",6.8545999999999996,1398676.94,9587370.9199999999,24775.22,169824.22]
[null,"101-0309","Канаты пеньковые пропитанные","т","0,0009\n0,0062",null,0,null,0]
[null,"101-0324","Кислород технический: газообразный","м3","16,58\n113,6",null,0,null,0]
[null,"101-0797","Проволока горячекатаная в мотках, диаметром 6,3-6,5 мм","т","0,0002\n0,0014",null,0,null,0]
[null,"101-1515","Электроды диаметром: 4 мм Э46","т","0,1\n0,6855",null,0,null,0]
[null,"101-1805","Гвозди строительные","т","0,0008\n0,0055",null,0,null,0]
[null,"101-2278","Пропан-бутан, смесь техническая","кг","5\n34,27",null,0,null,0]
[null,"101-2467","Растворитель марки: Р-4","т","0,0005\n0,0034",null,0,null,0]
[null,"102-0023","Бруски обрезные хвойных пород длиной: 4-6,5 м, шириной 75-150 мм, толщиной 40-75 мм, I сорта","м3","0,08\n0,5484",null,0,null,0]
[null,"113-0021","Грунтовка: ГФ-021 красно-коричневая","т","0,0026\n0,0178",null,0,null,0]
[null,"508-0097","Канат двойной свивки типа ТК, конструкции 6х19(1+6+12)+1 о.с., оцинкованный из проволок марки В, маркировочная группа: 1770 н/мм2, диаметром 5,5 мм","10 м","0,09\n0,6169",null,0,null,0]
["5\n*","ТССЦ-202-0017","Пути подкрановые, марка стали: С 255, крепления и упоры//Рельсовые комплекты","т",43.106340000000003,{"$f":"G36/E36","v":0},0,{"$f":"I36/E36","v":0},0]
["6\n*","ТССЦ-202-0016","Пути подкрановые, марка стали: С 255, рельсы железнодорожные","т",38.889572999999999,0,0,0,0]
["Раздел 3. Рельсовый путь № 3",null,null,null,null,null,0,null,0]
["7","ТЕР09-03-005-02","Монтаж подкрановых путей: по металлическим  подкрановым балкам для рельсов типа КР\n//вес 83,09 кг./м","100 м рельса в одну нитку",6.5439999999999996,1398676.91,9152941.7200000007,24775.22,162129.04999999999]
[null,"101-0309","Канаты пеньковые пропитанные","т","0,0009\n0,0059",null,0,null,0]
[null,"101-0324","Кислород технический: газообразный","м3","16,58\n108,5",null,0,null,0]
[null,"101-0797","Проволока горячекатаная в мотках, диаметром 6,3-6,5 мм","т","0,0002\n0,0013",null,0,null,0]
[null,"101-1515","Электроды диаметром: 4 мм Э46","т","0,1\n0,6544",null,0,null,0]
[null,"101-1805","Гвозди строительные","т","0,0008\n0,0052",null,0,null,0]
[null,"101-2278","Пропан-бутан, смесь техническая","кг","5\n32,72",null,0,null,0]
[null,"101-2467","Растворитель марки: Р-4","т","0,0005\n0,0033",null,0,null,0]
[null,"102-0023","Бруски обрезные хвойных пород длиной: 4-6,5 м, шириной 75-150 мм, толщиной 40-75 мм, I сорта","м3","0,08\n0,5235",null,0,null,0]
[null,"113-0021","Грунтовка: ГФ-021 красно-коричневая","т","0,0026\n0,017",null,0,null,0]
[null,"508-0097","Канат двойной свивки типа ТК, конструкции 6х19(1+6+12)+1 о.с., оцинкованный из проволок марки В, маркировочная группа: 1770 н/мм2, диаметром 5,5 мм","10 м","0,09\n0,589",null,0,null,0]
["8\n*","ТССЦ-202-0017","Пути подкрановые, марка стали: С 255, крепления и упоры//Рельсовые комплекты","т",12.101000000000001,{"$f":"G50/E50","v":0},0,{"$f":"I50/E50","v":0},0]
["9\n*","ТССЦ-202-0016","Пути подкрановые, марка стали: С 255, рельсы железнодорожные","т",4.1096320000000004,0,0,0,0]
["10","ТЕР46-08-012-05","Установка анкеров в отверстия глубиной 100 мм с применением смесей серии MASTERFLOW, диаметр анкера: 20 мм и более","100 шт.",13.06,34380.22,449005.61,0,0]
["11","ТЕР46-08-012-10","На каждые 10 мм изменения глубины отверстия добавлять (уменьшать) к расценке: 46-08-012-05","100 шт.",13.06,93601.03,1222429.46,0,0]
["12\n*","ТССЦ-509-5787","Анкер химический (капсула с клеевым составом) Hilti HIT-HY 150/330","шт.",1306,0,0,0,0]
["13\n*","ТССЦ-509-4617","Шпилька анкерная Hilti: HIT-V-5,8 М24х450 (HAS) для использования с химическими анкерами HIT","шт.",1306,0,0,0,0]
["Раздел 4. Подливка из безусадочного мелкозернистого бетона",null,null,null,null,null,0,null,0]
["Рельсовый путь № 3 длинна 327,2м толщ (разрез 15-15 лист 282) 54 мм ширина (разрез 15-15 лист 282) - 400 мм",null,null,null,null,null,0,null,0]
["Рельсовый путь № 2 длинна 342,73 м толщ (разрез 3-3 лист 282) 130 мм ширина (разрез 3-3 лист 282) - 600 мм",null,null,null,null,null,0,null,0]
["Рельсовый путь № 1 длинна 324,95 м толщ (разрез 1-1 лист 282) 150 мм ширина (разрез 1-1 лист 282) - 600 мм",null,null,null,null,null,0,null,0]
["Раздел 5. Крепление опорных деталей. Лист 282.2, 282.3",null,null,null,null,null,0,null,0]
["Крепление стоек к ростверку",null,null,null,null,null,0,null,0]
["14","ТЕР46-08-012-01","Установка анкеров в отверстия глубиной 100 мм с применением смесей серии MASTERFLOW, диаметр анкера: до 8 мм","100 шт.",2.96,14329.38,42414.96,0,0]
["15","ТЕР46-08-012-06","На каждые 10 мм изменения глубины отверстия добавлять (уменьшать) к расценке: 46-08-012-01","100 шт.",-2.96,4904.07,-14516.05,0,0]
["16\n*","ТССЦ-509-2631","Капсула с клеевым составом Hilti HVU-TZ M20","шт.",296,0,0,0,0]
["17\n*","ТССЦ-509-4616","Шпилька анкерная Hilti: HIT-V-5,8 М16х300 (HAS) для использования с химическими анкерами HIT","шт.",296,0,0,0,0]
["Крепление тормозных упоров крацер-крана к роствергу",null,null,null,null,null,0,null,0]
["18","ТЕР46-08-012-05","Установка анкеров в отверстия глубиной 100 мм с применением смесей серии MASTERFLOW, диаметр анкера: 20 мм и более","100 шт.",0.24,34379.21,8251.01,0,0]
["19","ТЕР46-08-012-10","На каждые 10 мм изменения глубины отверстия добавлять (уменьшать) к расценке: 46-08-012-05","100 шт.",0.24,124798.5,29951.64,0,0]
["20\n*","ТССЦ-509-4614","Анкер химический (капсула с клеевым составом) Hilti HVU М24/210","шт.",24,0,0,0,0]
["21\n*","ТССЦ-509-4617","Шпилька анкерная Hilti: HIT-V-5,8 М24х450 (HAS) для использования с химическими анкерами HIT","шт.",24,0,0,0,0]
["Крепление крацер-крана в сервесном положении",null,null,null,null,null,0,null,0]
["22","ТЕР46-08-012-01","Установка анкеров в отверстия глубиной 100 мм с применением смесей серии MASTERFLOW, диаметр анкера: до 8 мм","100 шт.",0.24,14324,3437.76,0,0]
["23","ТЕР46-08-012-06","На каждые 10 мм изменения глубины отверстия добавлять (уменьшать) к расценке: 46-08-012-01","100 шт.",0.24,36779.79,8827.15,0,0]
["24\n*","ТССЦ-509-2631","Капсула с клеевым составом Hilti HVU-TZ M20","шт.",24,0,0,0,0]
["25\n*","ТССЦ-509-4616","Шпилька анкерная Hilti: HIT-V-5,8 М16х300 (HAS) для использования с химическими анкерами HIT","шт.",24,0,0,0,0]
["Крепление стоек хвостовой станции к ростверку",null,null,null,null,null,0,null,0]
["26","ТЕР46-08-012-05","Установка анкеров в отверстия глубиной 100 мм с применением смесей серии MASTERFLOW, диаметр анкера: 20 мм и более","100 шт.",0.16,34375.25,5500.04,0,0]
["27","ТЕР46-08-012-10","На каждые 10 мм изменения глубины отверстия добавлять (уменьшать) к расценке: 46-08-012-05","100 шт.",0.16,93598.88,14975.82,0,0]
["28\n*","ТССЦ-509-4614","Анкер химический (капсула с клеевым составом) Hilti HVU М24/210","шт.",16,0,0,0,0]
["29\n*","ТССЦ-509-4617","Шпилька анкерная Hilti: HIT-V-5,8 М24х450 (HAS) для использования с химическими анкерами HIT","шт.",16,0,0,0,0]
["30","ТЕР46-03-014-01","Сверление вертикальных отверстий в железобетонных конструкциях полов перфоратором глубиной 200 мм диаметром: 20 мм","100 отверстий",0.08,17718.25,1417.46,0,0]
["31","ТЕР46-03-014-14","На каждые 10 мм изменения глубины сверления добавлять или исключать: к расценке 46-03-014-01","100 отверстий",-0.08,7297.13,-583.77,0,0]
["32","ТЕР06-01-015-03","Установка анкерных болтов: при бетонировании со связями из арматуры","1 т",2.317E-3,286309.88,663.38,159132.5,368.71]
[null,"101-1513","Электроды диаметром: 4 мм Э42","т","0,002\n0",null,0,null,0]
[null,"201-0798","Кондуктор инвентарный металлический","шт.","0,01\n0",null,0,null,0]
[null,"204-0005","Горячекатаная арматурная сталь гладкая класса А-I, диаметром: 14 мм","т","0,09\n0,0002",null,0,null,0]
[null,"204-0059","Анкерные детали из прямых или гнутых круглых стержней с резьбой (в комплекте с шайбами и гайками или без них),: поставляемые отдельно","т","1\n0,0023",null,0,null,0]
["Крепление тормазных упоров мобильного бункера",null,null,null,null,null,0,null,0]
["33","ТЕР46-08-012-05","Установка анкеров в отверстия глубиной 100 мм с применением смесей серии MASTERFLOW, диаметр анкера: 20 мм и более","100 шт.",0.18,{"$f":"G89/E89","v":34371.279999999999},6186.83,{"$f":"I89/E89","v":0},0]
["34","ТЕР46-08-012-10","На каждые 10 мм изменения глубины отверстия добавлять (уменьшать) к расценке: 46-08-012-05","100 шт.",0.18,93596.22,16847.32,0,0]
["35\n*","ТССЦ-509-4614","Анкер химический (капсула с клеевым составом) Hilti HVU М24/210","шт.",18,0,0,0,0]
["36\n*","ТССЦ-509-4617","Шпилька анкерная Hilti: HIT-V-5,8 М24х450 (HAS) для использования с химическими анкерами HIT","шт.",18,0,0,0,0]
["37","ТЕР46-03-014-01","Сверление вертикальных отверстий в железобетонных конструкциях полов перфоратором глубиной 200 мм диаметром: 20 мм","100 отверстий",0.18,17731.439999999999,3191.66,0,0]
["38","ТЕР46-03-014-14","На каждые 10 мм изменения глубины сверления добавлять или исключать: к расценке 46-03-014-01","100 отверстий",-0.18,7291.83,-1312.53,0,0]
["39","ТЕР06-01-015-03","Установка анкерных болтов: при бетонировании со связями из арматуры","1 т",4.0860000000000002E-3,286287.32,1169.77,159133.63,650.22]
[null,"101-1513","Электроды диаметром: 4 мм Э42","т","0,002\n0",null,0,null,0]
[null,"201-0798","Кондуктор инвентарный металлический","шт.","0,01\n0",null,0,null,0]
[null,"204-0005","Горячекатаная арматурная сталь гладкая класса А-I, диаметром: 14 мм","т","0,09\n0,0004",null,0,null,0]
[null,"204-0059","Анкерные детали из прямых или гнутых круглых стержней с резьбой (в комплекте с шайбами и гайками или без них),: поставляемые отдельно","т","1\n0,0041",null,0,null,0]
["Крепление стоек вертикального гравитационного натяжного устройтсва к ростверку",null,null,null,null,null,0,null,0]
["40","ТЕР46-08-012-01","Установка анкеров в отверстия глубиной 100 мм с применением смесей серии MASTERFLOW, диаметр анкера: до 8 мм","100 шт.",0.04,{"$f":"G101/E101","v":14308},572.32000000000005,{"$f":"I101/E101","v":0},0]
["41","ТЕР46-08-012-06","На каждые 10 мм изменения глубины отверстия добавлять (уменьшать) к расценке: 46-08-012-01","100 шт.",0.04,36771.75,1470.87,0,0]
["42\n*","ТССЦ-509-2631","Капсула с клеевым составом Hilti HVU-TZ M20","шт.",4,0,0,0,0]
["43\n*","ТССЦ-509-4616","Шпилька анкерная Hilti: HIT-V-5,8 М16х300 (HAS) для использования с химическими анкерами HIT","шт.",4,0,0,0,0]
["Крепление стоек орграждения к роствергу",null,null,null,null,null,0,null,0]
["44","ТЕР46-08-012-01","Установка анкеров в отверстия глубиной 100 мм с применением смесей серии MASTERFLOW, диаметр анкера: до 8 мм","100 шт.",0.24,14324,3437.76,0,0]
["45","ТЕР46-08-012-06","На каждые 10 мм изменения глубины отверстия добавлять (уменьшать) к расценке: 46-08-012-01","100 шт.",0.24,12257.29,2941.75,0,0]
["46\n*","ТССЦ-509-2631","Капсула с клеевым составом Hilti HVU-TZ M20","шт.",24,0,0,0,0]
["47\n*","ТССЦ-509-4616","Шпилька анкерная Hilti: HIT-V-5,8 М16х300 (HAS) для использования с химическими анкерами HIT","шт.",24,0,0,0,0]
["Крепление лебедки обслуживания к росвергу",null,null,null,null,null,0,null,0]
["48","ТЕР46-08-012-01","Установка анкеров в отверстия глубиной 100 мм с применением смесей серии MASTERFLOW, диаметр анкера: до 8 мм","100 шт.",0.04,14308,572.32000000000005,0,0]
["49","ТЕР46-08-012-06","На каждые 10 мм изменения глубины отверстия добавлять (уменьшать) к расценке: 46-08-012-01","100 шт.",0.04,36771.75,1470.87,0,0]
["50\n*","ТССЦ-509-2631","Капсула с клеевым составом Hilti HVU-TZ M20","шт.",4,0,0,0,0]
["51\n*","ТССЦ-509-4616","Шпилька анкерная Hilti: HIT-V-5,8 М16х300 (HAS) для использования с химическими анкерами HIT","шт.",4,0,null,0,null,"общая стоимость"]
[null,null,"Всего, руб. с НДС",null,null,null,{"$f":"SUM(G11:G114)","v":29638638.120000001},null,{"$f":"SUM(I11:I114)","v":493986.36},{"$f":"G115+I115","v":30132624.48}]
[null,null,"Всего, руб. без НДС",null,null,null,{"$f":"G115/1.2","v":24698865.100000001},null,{"$f":"I115/1.2","v":411655.3},{"$f":"G116+I116","v":25110520.399999999}]

{"sheet":"3.2","index":2,"n_rows":109,"n_cols":10,"rows_kept":109,"cut":false,"hidden":false,"merged":[[3,0,3,8],[2,0,2,8],[1,0,1,8],[5,2,5,4],[4,0,4,8]]}
[]
["Терминал по перевалке минеральных удобрений в морском торговом порту Усть-Луга. Береговые объекты терминала"]
["(наименование стройки)"]
["на на Конструкции железобетонные. Ростверк., 07.03.010 Крытый склад № 2 (код SAP 01.01.001) код ГП 3.1, "]
["(наименование работ и затрат, наименование объекта)"]
[null,"Основание:","1632-2021-3.2-КЖ1"]
[]
["№ п/п","Обоснование","Наименование работ и затрат","Ед. изм.","Кол-во","Цена за ед.измерения работ, руб. с НДС","Всего, стоимость работ,руб. с НДС","Цена за ед.измерения материалов, руб. с НДС","Всего, стоимость материалов, руб. с НДС"]
["1","2","3","4","5",6,7,8,9]
["Раздел 1. Рельсовый путь № 1"]
["1","ТЕР09-03-005-02","Монтаж подкрановых путей: по металлическим  подкрановым балкам для рельсов типа КР\n//вес 83,09 кг./м","100 м рельса в одну нитку",7.6948999999999996,{"$f":"G11/E11","v":1316310.92},10128880.880000001,{"$f":"I11/E11","v":23316.240000000002},179416.16]
[null,"101-0309","Канаты пеньковые пропитанные","т","0,0009\n0,0069",null,0,null,0]
[null,"101-0324","Кислород технический: газообразный","м3","16,58\n127,6",null,0,null,0]
[null,"101-0797","Проволока горячекатаная в мотках, диаметром 6,3-6,5 мм","т","0,0002\n0,0015",null,0,null,0]
[null,"101-1515","Электроды диаметром: 4 мм Э46","т","0,1\n0,7695",null,0,null,0]
[null,"101-1805","Гвозди строительные","т","0,0008\n0,0062",null,0,null,0]
[null,"101-2278","Пропан-бутан, смесь техническая","кг","5\n38,47",null,0,null,0]
[null,"101-2467","Растворитель марки: Р-4","т","0,0005\n0,0038",null,0,null,0]
[null,"102-0023","Бруски обрезные хвойных пород длиной: 4-6,5 м, шириной 75-150 мм, толщиной 40-75 мм, I сорта","м3","0,08\n0,6156",null,0,null,0]
[null,"113-0021","Грунтовка: ГФ-021 красно-коричневая","т","0,0026\n0,02",null,0,null,0]
[null,"508-0097","Канат двойной свивки типа ТК, конструкции 6х19(1+6+12)+1 о.с., оцинкованный из проволок марки В, маркировочная группа: 1770 н/мм2, диаметром 5,5 мм","10 м","0,09\n0,6925",null,0,null,0]
["2\n*","ТССЦ-202-0017","Пути подкрановые, марка стали: С 255, крепления и упоры//Рельсовые комплекты","т",29.783619999999999,{"$f":"G22/E22","v":0},0,{"$f":"I22/E22","v":0},0]
["3\n*","ТССЦ-202-0016","Пути подкрановые, марка стали: С 255, рельсы железнодорожные","т",31.968461999999999,0,0,0,0]
["Раздел 2. Рельсовый путь № 2",null,null,null,null,null,0,null,0]
["Раздел 2. Рельсовый путь № 2",null,null,null,null,null,0,null,0]
["4","ТЕР09-03-005-02","Монтаж подкрановых путей: по металлическим  подкрановым балкам для рельсов типа КР\n//вес 83,09 кг./м","100 м рельса в одну нитку",8.0701999999999998,1316311.06,10622893.48,23316.240000000002,188166.74]
[null,"101-0309","Канаты пеньковые пропитанные","т","0,0009\n0,0073",null,0,null,0]
[null,"101-0324","Кислород технический: газообразный","м3","16,58\n133,8",null,0,null,0]
[null,"101-0797","Проволока горячекатаная в мотках, диаметром 6,3-6,5 мм","т","0,0002\n0,0016",null,0,null,0]
[null,"101-1515","Электроды диаметром: 4 мм Э46","т","0,1\n0,807",null,0,null,0]
[null,"101-1805","Гвозди строительные","т","0,0008\n0,0065",null,0,null,0]
[null,"101-2278","Пропан-бутан, смесь техническая","кг","5\n40,35",null,0,null,0]
[null,"101-2467","Растворитель марки: Р-4","т","0,0005\n0,004",null,0,null,0]
[null,"102-0023","Бруски обрезные хвойных пород длиной: 4-6,5 м, шириной 75-150 мм, толщиной 40-75 мм, I сорта","м3","0,08\n0,6456",null,0,null,0]
[null,"113-0021","Грунтовка: ГФ-021 красно-коричневая","т","0,0026\n0,021",null,0,null,0]
[null,"508-0097","Канат двойной свивки типа ТК, конструкции 6х19(1+6+12)+1 о.с., оцинкованный из проволок марки В, маркировочная группа: 1770 н/мм2, диаметром 5,5 мм","10 м","0,09\n0,7263",null,0,null,0]
["5\n*","ТССЦ-202-0017","Пути подкрановые, марка стали: С 255, крепления и упоры//Рельсовые комплекты","т",31.731100000000001,0,0,0,0]
["6\n*","ТССЦ-202-0016","Пути подкрановые, марка стали: С 255, рельсы железнодорожные","т",45.786279999999998,0,0,0,0]
["Раздел 3. Рельсовый путь № 3",null,null,null,null,null,0,null,0]
["Раздел 3. Рельсовый путь № 3",null,null,null,null,null,0,null,0]
["7","ТЕР09-03-005-02","Монтаж подкрановых путей: по металлическим  подкрановым балкам для рельсов типа КР\n//вес 83,09 кг./м","100 м рельса в одну нитку",7.7721999999999998,1316310.95,10230632,23316.240000000002,181218.51]
[null,"101-0309","Канаты пеньковые пропитанные","т","0,0009\n0,007",null,0,null,0]
[null,"101-0324","Кислород технический: газообразный","м3","16,58\n128,9",null,0,null,0]
[null,"101-0797","Проволока горячекатаная в мотках, диаметром 6,3-6,5 мм","т","0,0002\n0,0016",null,0,null,0]
[null,"101-1515","Электроды диаметром: 4 мм Э46","т","0,1\n0,7772",null,0,null,0]
[null,"101-1805","Гвозди строительные","т","0,0008\n0,0062",null,0,null,0]
[null,"101-2278","Пропан-бутан, смесь техническая","кг","5\n38,86",null,0,null,0]
[null,"101-2467","Растворитель марки: Р-4","т","0,0005\n0,0039",null,0,null,0]
[null,"102-0023","Бруски обрезные хвойных пород длиной: 4-6,5 м, шириной 75-150 мм, толщиной 40-75 мм, I сорта","м3","0,08\n0,6218",null,0,null,0]
[null,"113-0021","Грунтовка: ГФ-021 красно-коричневая","т","0,0026\n0,0202",null,0,null,0]
[null,"508-0097","Канат двойной свивки типа ТК, конструкции 6х19(1+6+12)+1 о.с., оцинкованный из проволок марки В, маркировочная группа: 1770 н/мм2, диаметром 5,5 мм","10 м","0,09\n0,6995",null,0,null,0]
["8\n*","ТССЦ-202-0017","Пути подкрановые, марка стали: С 255, крепления и упоры//Рельсовые комплекты","т",14.42985,0,0,0,0]
["9\n*","ТССЦ-202-0016","Пути подкрановые, марка стали: С 255, рельсы железнодорожные","т",4.8809420000000001,0,0,0,0]
["10","ТЕР46-08-012-01","Установка анкеров в отверстия глубиной 100 мм с применением смесей серии MASTERFLOW, диаметр анкера: до 8 мм","100 шт.",15.46,13485.62,208487.61,0,0]
["11","ТЕР46-08-012-06","На каждые 10 мм изменения глубины отверстия добавлять (уменьшать) к расценке: 46-08-012-01","100 шт.",15.46,34616.559999999998,535172.01,0,0]
["12\n*","ТССЦ-509-2631","Капсула с клеевым составом Hilti HVU-TZ M20","шт.",1546,0,0,0,0]
["13\n*","ТССЦ-509-4616","Шпилька анкерная Hilti: HIT-V-5,8 М16х300 (HAS) для использования с химическими анкерами HIT","шт.",1546,0,0,0,0]
["Раздел 4. Подливка из безусадочного мелкозернистого бетона",null,null,null,null,null,0,null,0]
["Рельсовый путь № 3 длинна 388,61 толщ (разрез 15-15 лист 424) 54 мм ширина (разрез 15-15 лист 424) - 400 мм",null,null,null,null,null,0,null,0]
["Рельсовый путь № 2 длинна 403,510 м толщ (разрез 3-3 лист 424) 130 мм ширина (разрез 3-3 лист 424) - 600 мм",null,null,null,null,null,0,null,0]
["Рельсовый путь № 1 длинна 384,745 м толщ (разрез 1-1 лист 424) 150 мм ширина (разрез 1-1 лист 424) - 600 мм",null,null,null,null,null,0,null,0]
["Раздел 5. Крепление опорных деталей. Лист 282.2, 282.3",null,null,null,null,null,0,null,0]
["Раздел 5. Крепление опорных деталей. Лист 424,.2, 424.3",null,null,null,null,null,0,null,0]
["Крепление стоек к ростверку",null,null,null,null,null,0,null,0]
["14","ТЕР46-08-012-01","Установка анкеров в отверстия глубиной 100 мм с применением смесей серии MASTERFLOW, диаметр анкера: до 8 мм","100 шт.",3.42,13485.47,46120.32,0,0]
["15","ТЕР46-08-012-06","На каждые 10 мм изменения глубины отверстия добавлять (уменьшать) к расценке: 46-08-012-01","100 шт.",3.42,4615.03,15783.39,0,0]
["16\n*","ТССЦ-509-2631","Капсула с клеевым составом Hilti HVU-TZ M20","шт.",342,0,0,0,0]
["17\n*","ТССЦ-509-4616","Шпилька анкерная Hilti: HIT-V-5,8 М16х300 (HAS) для использования с химическими анкерами HIT","шт.",342,0,0,0,0]
["Крепление тормозных упоров крацер-крана к роствергу",null,null,null,null,null,0,null,0]
["18","ТЕР46-08-012-05","Установка анкеров в отверстия глубиной 100 мм с применением смесей серии MASTERFLOW, диаметр анкера: 20 мм и более","100 шт.",0.24,32354.67,7765.12,0,0]
["19","ТЕР46-08-012-10","На каждые 10 мм изменения глубины отверстия добавлять (уменьшать) к расценке: 46-08-012-05","100 шт.",0.24,117449.29,28187.83,0,0]
["20\n*","ТССЦ-509-4614","Анкер химический (капсула с клеевым составом) Hilti HVU М24/210","шт.",24,0,0,0,0]
["21\n*","ТССЦ-509-4617","Шпилька анкерная Hilti: HIT-V-5,8 М24х450 (HAS) для использования с химическими анкерами HIT","шт.",24,0,0,0,0]
["Крепление крацер-крана в сервесном положении",null,null,null,null,null,0,null,0]
["22","ТЕР46-08-012-01","Установка анкеров в отверстия глубиной 100 мм с применением смесей серии MASTERFLOW, диаметр анкера: до 8 мм","100 шт.",0.24,13480.5,3235.32,0,0]
["23","ТЕР46-08-012-06","На каждые 10 мм изменения глубины отверстия добавлять (уменьшать) к расценке: 46-08-012-01","100 шт.",0.24,{"$f":"G76/E76","v":34613.879999999997},8307.33,{"$f":"I76/E76","v":0},0]
["24\n*","ТССЦ-509-2631","Капсула с клеевым составом Hilti HVU-TZ M20","шт.",24,0,0,0,0]
["25\n*","ТССЦ-509-4616","Шпилька анкерная Hilti: HIT-V-5,8 М16х300 (HAS) для использования с химическими анкерами HIT","шт.",24,0,0,0,0]
["Крепление стоек подъемной карентки к роствергу",null,null,null,null,null,0,null,0]
["26","ТЕР46-08-012-01","Установка анкеров в отверстия глубиной 100 мм с применением смесей серии MASTERFLOW, диаметр анкера: до 8 мм","100 шт.",0.16,13476.75,2156.2800000000002,0,0]
["27","ТЕР46-08-012-06","На каждые 10 мм изменения глубины отверстия добавлять (уменьшать) к расценке: 46-08-012-01","100 шт.",0.16,34606.379999999997,5537.02,0,0]
["28\n*","ТССЦ-509-4614","Анкер химический (капсула с клеевым составом) Hilti HVU М24/210","шт.",16,0,0,0,0]
["29\n*","ТССЦ-509-4617","Шпилька анкерная Hilti: HIT-V-5,8 М24х450 (HAS) для использования с химическими анкерами HIT","шт.",16,0,0,0,0]
["30","ТЕР46-03-014-01","Сверление вертикальных отверстий в железобетонных конструкциях полов перфоратором глубиной 200 мм диаметром: 20 мм","100 отверстий",0.08,16674.75,1333.98,0,0]
["31","ТЕР46-03-014-14","На каждые 10 мм изменения глубины сверления добавлять или исключать: к расценке 46-03-014-01","100 отверстий",-0.08,6867.38,-549.39,0,0]
["32","ТЕР06-01-015-03","Установка анкерных болтов: при бетонировании со связями из арматуры","1 т",2.317E-3,269451.88,624.32000000000005,149762.62,347]
[null,"101-1513","Электроды диаметром: 4 мм Э42","т","0,002\n0",null,0,null,0]
[null,"201-0798","Кондуктор инвентарный металлический","шт.","0,01\n0",null,0,null,0]
[null,"204-0005","Горячекатаная арматурная сталь гладкая класса А-I, диаметром: 14 мм","т","0,09\n0,0002",null,0,null,0]
[null,"204-0059","Анкерные детали из прямых или гнутых круглых стержней с резьбой (в комплекте с шайбами и гайками или без них),: поставляемые отдельно","т","1\n0,0023",null,0,null,0]
["Крепление тормазных упоров мобильного бункера",null,null,null,null,null,0,null,0]
["33","ТЕР46-08-012-01","Установка анкеров в отверстия глубиной 100 мм с применением смесей серии MASTERFLOW, диаметр анкера: до 8 мм","100 шт.",0.18,13485.5,2427.39,0,0]
["34","ТЕР46-08-012-06","На каждые 10 мм изменения глубины отверстия добавлять (уменьшать) к расценке: 46-08-012-01","100 шт.",0.18,34611.39,6230.05,0,0]
["35\n*","ТССЦ-509-4614","Анкер химический (капсула с клеевым составом) Hilti HVU М24/210","шт.",18,0,0,0,0]
["36\n*","ТССЦ-509-4617","Шпилька анкерная Hilti: HIT-V-5,8 М24х450 (HAS) для использования с химическими анкерами HIT","шт.",18,0,0,0,0]
["37","ТЕР46-03-014-01","Сверление вертикальных отверстий в железобетонных конструкциях полов перфоратором глубиной 200 мм диаметром: 20 мм","100 отверстий",0.18,16687.28,3003.71,0,0]
["38","ТЕР46-03-014-14","На каждые 10 мм изменения глубины сверления добавлять или исключать: к расценке 46-03-014-01","100 отверстий",-0.18,6862.44,-1235.24,0,0]
["39","ТЕР06-01-015-03","Установка анкерных болтов: при бетонировании со связями из арматуры","1 т",4.0860000000000002E-3,269429.76000000001,1100.8900000000001,149762.6,611.92999999999995]
[null,"101-1513","Электроды диаметром: 4 мм Э42","т","0,002\n0",null,0,null,0]
[null,"201-0798","Кондуктор инвентарный металлический","шт.","0,01\n0",null,0,null,0]
[null,"204-0005","Горячекатаная арматурная сталь гладкая класса А-I, диаметром: 14 мм","т","0,09\n0,0004",null,0,null,0]
[null,"204-0059","Анкерные детали из прямых или гнутых круглых стержней с резьбой (в комплекте с шайбами и гайками или без них),: поставляемые отдельно","т","1\n0,0041",null,0,null,0]
["Крепление стоек орграждения к роствергу",null,null,null,null,null,0,null,0]
["40","ТЕР46-08-012-01","Установка анкеров в отверстия глубиной 100 мм с применением смесей серии MASTERFLOW, диаметр анкера: до 8 мм","100 шт.",0.6,13483.48,8090.09,0,0]
["41","ТЕР46-08-012-06","На каждые 10 мм изменения глубины отверстия добавлять (уменьшать) к расценке: 46-08-012-01","100 шт.",0.6,11538.45,6923.07,0,0]
["42\n*","ТССЦ-509-2631","Капсула с клеевым составом Hilti HVU-TZ M20","шт.",60,0,0,0,0]
["43\n*","ТССЦ-509-4616","Шпилька анкерная Hilti: HIT-V-5,8 М16х300 (HAS) для использования с химическими анкерами HIT","шт.",60,0,null,0,null,"общая стоимость"]
[null,null,"Всего, руб. с НДС",null,null,null,{"$f":"SUM(G11:G107)","v":31871107.460000001},null,{"$f":"SUM(I11:I107)","v":549760.34},{"$f":"G108+I108","v":32420867.800000001}]
[null,null,"Всего, руб. без НДС",null,null,null,{"$f":"G108/1.2","v":26559256.219999999},null,{"$f":"I108/1.2","v":458133.62},{"$f":"G109+I109","v":27017389.84}]

{"sheet":"1632-2021-3.1-КЖ1_07.03.010-Сме","index":3,"n_rows":327,"n_cols":79,"rows_kept":327,"cut":false,"hidden":false,"merged":[[7,0,7,15],[8,0,8,15],[10,0,10,15],[11,0,11,15],[12,0,12,15],[13,0,13,15],[1,0,1,2],[1,12,1,15],[2,0,2,3],[2,11,2,15],[3,0,3,3],[3,11,3,15],[14,2,14,6],[19,5,19,15],[20,11,20,12],[22,0,24,0],[22,1,24,1],[22,2,24,4],[22,5,24,5],[22,6,22,8],[22,9,22,13],[22,14,23,15],[26,0,26,15],[27,2,27,4],[29,2,29,15],[30,2,30,15],[34,2,34,4],[36,2,36,15],[23,8,24,8],[23,9,24,9],[23,10,24,10],[23,11,24,11],[23,13,24,13],[25,2,25,4],[48,2,48,4],[50,2,50,15],[51,2,51,4],[53,2,53,15],[54,0,54,15],[55,2,55,4],[37,2,37,4],[39,2,39,15],[40,0,40,15],[41,2,41,4],[43,2,43,15],[44,2,44,15],[68,2,68,4],[70,2,70,15],[71,2,71,15],[75,2,75,4],[77,2,77,15],[78,2,78,15],[57,2,57,15],[58,2,58,15],[62,2,62,4],[64,2,64,15],[65,2,65,4],[67,2,67,15],[88,0,88,15],[89,2,89,4],[91,2,91,15],[92,2,92,15],[96,2,96,4],[98,2,98,15],[79,2,79,15],[83,2,83,4],[84,2,84,15],[85,2,85,4],[86,2,86,15],[87,0,87,15],[108,0,108,15],[109,2,109,4],[111,2,111,15],[112,2,112,15],[116,2,116,4],[118,2,118,15],[99,2,99,15],[100,2,100,15],[104,2,104,4],[105,2,105,15],[106,2,106,4],[107,2,107,15],[128,0,128,15],[129,2,129,4],[131,2,131,15],[132,2,132,15],[136,2,136,4],[138,2,138,15],[119,2,119,15],[120,2,120,15],[124,2,124,4],[125,2,125,15],[126,2,126,4],[127,2,127,15],[148,0,148,15],[149,2,149,4],[151,2,151,15],[152,2,152,15],[156,2,156,4],[158,2,158,15],[139,2,139,15],[140,2,140,15],[144,2,144,4],[145,2,145,15],[146,2,146,4],[147,2,147,15],[168,2,168,4],[170,2,170,15],[171,2,171,15],[175,2,175,4],[177,2,177,15],[178,2,178,15],[159,2,159,15],[160,2,160,15],[164,2,164,4],[165,2,165,15],[166,2,166,4],[167,2,167,15],[193,2,193,15],[194,2,194,15],[198,2,198,4],[200,2,200,15],[201,2,201,15],[202,2,202,15],[179,2,179,15],[183,2,183,4],[185,2,185,15],[186,2,186,15],[190,0,190,15],[191,2,191,4],[213,2,213,15],[217,2,217,4],[219,2,219,15],[220,2,220,15],[221,2,221,15],[225,2,225,4],[206,2,206,4],[207,2,207,15],[208,2,208,4],[209,2,209,15],[210,2,210,4],[212,2,212,15],[240,2,240,4],[242,2,242,15],[243,2,243,15],[244,2,244,15],[248,2,248,4],[249,2,249,15],[227,2,227,15],[228,2,228,15],[232,0,232,15],[233,2,233,4],[235,2,235,15],[236,2,236,15],[260,2,260,4],[262,2,262,15],[263,2,263,15],[264,2,264,15],[268,2,268,4],[269,2,269,15],[250,2,250,4],[251,2,251,15],[252,0,252,15],[253,2,253,4],[255,2,255,15],[256,2,256,15],[280,2,280,4],[282,2,282,15],[283,2,283,15],[284,2,284,15],[288,2,288,4],[289,2,289,15],[270,2,270,4],[271,2,271,15],[272,0,272,15],[273,2,273,4],[275,2,275,15],[276,2,276,15],[296,0,296,9],[297,0,297,9],[298,0,298,9],[299,0,299,9],[300,0,300,9],[301,0,301,9],[290,2,290,4],[291,2,291,15],[292,0,292,9],[293,0,293,9],[294,0,294,9],[295,0,295,9],[308,0,308,9],[309,0,309,9],[310,0,310,9],[311,0,311,9],[312,0,312,9],[313,0,313,9],[302,0,302,9],[303,0,303,9],[304,0,304,9],[305,0,305,9],[306,0,306,9],[307,0,307,9],[322,0,322,15],[323,0,323,15],[325,0,325,15],[326,0,326,15],[328,8,328,11],[314,0,314,9],[315,0,315,9],[316,0,316,9],[317,0,317,9],[318,0,318,9],[319,0,319,9]]}
[]
["СОГЛАСОВАНО:",null,null,null,null,null,null,null,null,null,null,null,"УТВЕРЖДАЮ:"]
[]
[null,null,null,null,null,null,null,null,null,null,null,null,null,null,null,null,null,null,"","","","","","","","",""]
[]
["\"____\" ________________ 2025 года",null,null,null,null,null,null,null,null,null,null,null,null,null,null,"\"____\" ________________ 2025 года"]
[]
["Терминал по перевалке минеральных удобрений в морском торговом порту Усть-Луга. Береговые объекты терминала",null,null,null,null,null,null,null,null,null,null,null,null,null,null,null,null,null,null,null,null,null,null,null,null,null,null,"Терминал по перевалке минеральных удобрений в морском торговом порту Усть-Луга. Береговые объекты терминала","","","","","","","","","","","","","","",""]
["(наименование стройки)"]
[]
["ЛОКАЛЬНАЯ СМЕТА № 1632-2021-3.1-КЖ1_07.03.010-В02"]
["(локальная смета)"]
["на Конструкции железобетонные. Ростверк., 07.03.010 Крытый склад № 1 (код SAP 01.01.001) код ГП 3.1",null,null,null,null,null,null,null,null,null,null,null,null,null,null,null,null,null,null,null,null,null,null,null,null,null,null,null,null,null,null,null,null,null,null,null,null,null,null,null,null,null,null,"на Конструкции железобетонные. Ростверк., 07.03.010 Крытый склад № 1 (код SAP 01.01.001) код ГП 3.1","","","","","","","","","","","","","","",""]
["(наименование работ и затрат, наименование объекта)"]
[null,"Основание:","1632-2021-3.1-КЖ1"]
[null,"Сметная стоимость",null,null,30132.62,"тыс.руб."]
[null,"   строительных работ",null,null,48267.67,"тыс.руб."]
[null,"Средства на оплату труда",null,null,5415.26,"тыс.руб."]
[null,"Сметная трудоемкость",null,null,12089.79,"чел.час"]
[null,"Составлен(а) в текущих (прогнозных) ценах по состоянию на ",null,null,null,"1 кв. 2025 г.",null,null,null,null,null,null,null,null,null,null,null,null,null,null,null,null,null,null,null,null,null,null,null,null,null,null,null,null,null,null,null,null,null,null,null,null,null,null,null,null,null,null,null,null,null,null,null,null,null,null,null,null,null,"1 кв. 2025 г.","","","","","","","","","",""]
[]
[]
["№ п/п","Шифр и номер позиции норматива","Наименование работ и затрат, единица измерения",null,null,"Кол-во","Стоимость единицы, руб.",null,null,"Общая стоимость, руб.",null,null,null,null,"Затраты труда рабочих, чел.-ч, не занятых обслуживанием машин "]
[null,null,null,null,null,null,"Всего","эксплуатации машин","материалы","Обору-\nдование","Всего","оплаты труда","эксплуатации машин","материалы"]
[null,null,null,null,null,null,"оплаты труда","в т.ч. оплаты труда",null,null,null,null,"в т.ч. оплаты труда",null,"на единицу","всего"]
[1,2,3,null,null,4,5,6,7,8,9,10,11,12,13,14]
["Раздел 1. Рельсовый путь № 1",null,null,null,null,null,null,null,null,null,null,null,null,null,null,null,null,null,null,null,null,null,null,null,null,null,null,null,null,null,null,null,null,null,null,null,null,null,null,null,null,null,null,null,null,null,null,null,null,null,null,null,null,null,null,null,null,null,null,null,null,null,null,null,null,null,null,null,null,null,"Раздел 1. Рельсовый путь № 1"]
["1","ТЕР09-03-005-02\nПриказ Администрации ЛО от 20.10.15 №28","Монтаж подкрановых путей: по металлическим  подкрановым балкам для рельсов типа КР\n//вес 83,09 кг./м\n(100 м рельса в одну нитку)",null,null,6.4989999999999997,"21 371,83\n10 079,87","9 774,83\n1 214,85",1517.13,null,2285792.6800000002,1475918.73,"725 473,82\n177 881,12",84400.13,559.05999999999995,3633.34,null,null,null,null,null,null,null,null,null,null,null,null,null,null,null,null,null,null,null,null,null,null,null,null,null,null,null,null,null,null,null,null,null,null,null,null,null,null,null,null,null,null,null,null,null,null,null,null,null,null,null,null,null,null,null,"Монтаж подкрановых путей: по металлическим  подкрановым балкам для рельсов типа КР\n//вес 83,09 кг./м\n(100 м рельса в одну нитку)"]
[null,null,"Объем=(324,95*2) / 100"]
[null,"421/пр_2020_прил.10_т.3_п.3_гр.3","Производство работ осуществляется на территории действующего предприятия с наличием в зоне производства работ одного или нескольких из следующих факторов:\n- разветвленная сеть транспортных и инженерных коммуникаций;\n- стесненные условия для складирования материалов;\n- действующее технологическое оборудование;\n- движение технологического транспорта ОЗП=1,15; ЭМ=1,15 к расх.; ЗПМ=1,15; ТЗ=1,15; ТЗМ=1,15",null,null,null,null,null,null,null,null,null,null,null,null,null,null,null,null,null,null,null,null,null,null,null,null,null,null,null,null,null,null,null,null,null,null,null,null,null,null,null,null,null,null,null,null,null,null,null,null,null,null,null,null,null,null,null,null,null,null,null,null,null,null,null,null,null,null,null,null,null,"Производство работ осуществляется на территории действующего предприятия с наличием в зоне производства работ одного или нескольких из следующих факторов:\n- разветвленная сеть транспортных и инженерных коммуникаций;\n- стесненные условия для складирования материалов;\n- действующее технологическое оборудование;\n- движение технологического транспорта ОЗП=1,15; ЭМ=1,15 к расх.; ЗПМ=1,15; ТЗ=1,15; ТЗМ=1,15"]
[null,"1","ИНДЕКС К ПОЗИЦИИ: СМР 1 квартал 2025г Минстрой ОЗП=22,53; ЭМ=11,42; ЗПМ=22,53; МАТ=8,56",null,null,null,null,null,null,null,null,null,null,null,null,null,null,null,null,null,null,null,null,null,null,null,null,null,null,null,null,null,null,null,null,null,null,null,null,null,null,null,null,null,null,null,null,null,null,null,null,null,null,null,null,null,null,null,null,null,null,null,null,null,null,null,null,null,null,null,null,null,null,"ИНДЕКС К ПОЗИЦИИ: СМР 1 квартал 2025г Минстрой ОЗП=22,53; ЭМ=11,42; ЗПМ=22,53; МАТ=8,56"]
[null,null,null,null,"Накладные расходы 93% ФОТ (от 1 653 799,85)",null,null,null,null,null,1538033.86]
[null,null,null,null,"Сметная прибыль 62% ФОТ (от 1 653 799,85)",null,null,null,null,null,1025355.91]
[null,null,null,null,"Итого c накладными и см. прибылью",null,null,null,null,null,4849182.45]
["2\n*","ТССЦ-202-0017\nПриказ Администрации ЛО от 20.10.15 №28","Пути подкрановые, марка стали: С 255, крепления и упоры//Рельсовые комплекты\n(т)",null,null,25.172709999999999,28461.8,null,28461.8,null,6132903.0599999996,null,null,6132903.0599999996,0,0,null,null,null,null,null,null,null,null,null,null,null,null,null,null,null,null,null,null,null,null,null,null,null,null,null,null,null,null,null,null,null,null,null,null,null,null,null,null,null,null,null,null,null,null,null,null,null,null,null,null,null,null,null,null,null,"Пути подкрановые, марка стали: С 255, крепления и упоры//Рельсовые комплекты\n(т)"]
[null,null,"Объем=(21641+1816+347,3+237,8+348,7+318,8+171,1+153,01+139)*0,001"]
[null,"1","ИНДЕКС К ПОЗИЦИИ: СМР 1 квартал 2025г Минстрой ОЗП=22,53; ЭМ=11,42; ЗПМ=22,53; МАТ=8,56",null,null,null,null,null,null,null,null,null,null,null,null,null,null,null,null,null,null,null,null,null,null,null,null,null,null,null,null,null,null,null,null,null,null,null,null,null,null,null,null,null,null,null,null,null,null,null,null,null,null,null,null,null,null,null,null,null,null,null,null,null,null,null,null,null,null,null,null,null,null,"ИНДЕКС К ПОЗИЦИИ: СМР 1 квартал 2025г Минстрой ОЗП=22,53; ЭМ=11,42; ЗПМ=22,53; МАТ=8,56"]
["3\n*","ТССЦ-202-0016\nПриказ Администрации ЛО от 20.10.15 №28","Пути подкрановые, марка стали: С 255, рельсы железнодорожные\n(т)",null,null,27.0000955,11986.77,null,11986.77,null,2770392.08,null,null,2770392.08,0,0,null,null,null,null,null,null,null,null,null,null,null,null,null,null,null,null,null,null,null,null,null,null,null,null,null,null,null,null,null,null,null,null,null,null,null,null,null,null,null,null,null,null,null,null,null,null,null,null,null,null,null,null,null,null,null,"Пути подкрановые, марка стали: С 255, рельсы железнодорожные\n(т)"]
[null,null,"Объем=83,09*324,95*0,001"]
[null,"1","ИНДЕКС К ПОЗИЦИИ: СМР 1 квартал 2025г Минстрой ОЗП=22,53; ЭМ=11,42; ЗПМ=22,53; МАТ=8,56",null,null,null,null,null,null,null,null,null,null,null,null,null,null,null,null,null,null,null,null,null,null,null,null,null,null,null,null,null,null,null,null,null,null,null,null,null,null,null,null,null,null,null,null,null,null,null,null,null,null,null,null,null,null,null,null,null,null,null,null,null,null,null,null,null,null,null,null,null,null,"ИНДЕКС К ПОЗИЦИИ: СМР 1 квартал 2025г Минстрой ОЗП=22,53; ЭМ=11,42; ЗПМ=22,53; МАТ=8,56"]
["Раздел 2. Рельсовый путь № 2",null,null,null,null,null,null,null,null,null,null,null,null,null,null,null,null,null,null,null,null,null,null,null,null,null,null,null,null,null,null,null,null,null,null,null,null,null,null,null,null,null,null,null,null,null,null,null,null,null,null,null,null,null,null,null,null,null,null,null,null,null,null,null,null,null,null,null,null,null,"Раздел 2. Рельсовый путь № 2"]
["4","ТЕР09-03-005-02\nПриказ Администрации ЛО от 20.10.15 №28","Монтаж подкрановых путей: по металлическим  подкрановым балкам для рельсов типа КР\n//вес 83,09 кг./м\n(100 м рельса в одну нитку)",null,null,6.8545999999999996,"21 371,83\n10 079,87","9 774,83\n1 214,85",1517.13,null,2410862.35,1556675.26,"765 168,92\n187 614,08",89018.17,559.05999999999995,3832.14,null,null,null,null,null,null,null,null,null,null,null,null,null,null,null,null,null,null,null,null,null,null,null,null,null,null,null,null,null,null,null,null,null,null,null,null,null,null,null,null,null,null,null,null,null,null,null,null,null,null,null,null,null,null,null,"Монтаж подкрановых путей: по металлическим  подкрановым балкам для рельсов типа КР\n//вес 83,09 кг./м\n(100 м рельса в одну нитку)"]
[null,null,"Объем=(342,73*2) / 100"]
[null,"421/пр_2020_прил.10_т.3_п.3_гр.3","Производство работ осуществляется на территории действующего предприятия с наличием в зоне производства работ одного или нескольких из следующих факторов:\n- разветвленная сеть транспортных и инженерных коммуникаций;\n- стесненные условия для складирования материалов;\n- действующее технологическое оборудование;\n- движение технологического транспорта ОЗП=1,15; ЭМ=1,15 к расх.; ЗПМ=1,15; ТЗ=1,15; ТЗМ=1,15",null,null,null,null,null,null,null,null,null,null,null,null,null,null,null,null,null,null,null,null,null,null,null,null,null,null,null,null,null,null,null,null,null,null,null,null,null,null,null,null,null,null,null,null,null,null,null,null,null,null,null,null,null,null,null,null,null,null,null,null,null,null,null,null,null,null,null,null,null,"Производство работ осуществляется на территории действующего предприятия с наличием в зоне производства работ одного или нескольких из следующих факторов:\n- разветвленная сеть транспортных и инженерных коммуникаций;\n- стесненные условия для складирования материалов;\n- действующее технологическое оборудование;\n- движение технологического транспорта ОЗП=1,15; ЭМ=1,15 к расх.; ЗПМ=1,15; ТЗ=1,15; ТЗМ=1,15"]
[null,"1","ИНДЕКС К ПОЗИЦИИ: СМР 1 квартал 2025г Минстрой ОЗП=22,53; ЭМ=11,42; ЗПМ=22,53; МАТ=8,56",null,null,null,null,null,null,null,null,null,null,null,null,null,null,null,null,null,null,null,null,null,null,null,null,null,null,null,null,null,null,null,null,null,null,null,null,null,null,null,null,null,null,null,null,null,null,null,null,null,null,null,null,null,null,null,null,null,null,null,null,null,null,null,null,null,null,null,null,null,null,"ИНДЕКС К ПОЗИЦИИ: СМР 1 квартал 2025г Минстрой ОЗП=22,53; ЭМ=11,42; ЗПМ=22,53; МАТ=8,56"]
[null,null,null,null,"Накладные расходы 93% ФОТ (от 1 744 289,34)",null,null,null,null,null,1622189.09]
[null,null,null,null,"Сметная прибыль 62% ФОТ (от 1 744 289,34)",null,null,null,null,null,1081459.3899999999]
[null,null,null,null,"Итого c накладными и см. прибылью",null,null,null,null,null,5114510.83]
["5\n*","ТССЦ-202-0017\nПриказ Администрации ЛО от 20.10.15 №28","Пути подкрановые, марка стали: С 255, крепления и упоры//Рельсовые комплекты\n(т)",null,null,43.106340000000003,28461.8,null,28461.8,null,10502127.279999999,null,null,10502127.279999999,0,0,null,null,null,null,null,null,null,null,null,null,null,null,null,null,null,null,null,null,null,null,null,null,null,null,null,null,null,null,null,null,null,null,null,null,null,null,null,null,null,null,null,null,null,null,null,null,null,null,null,null,null,null,null,null,null,"Пути подкрановые, марка стали: С 255, крепления и упоры//Рельсовые комплекты\n(т)"]
[null,null,"Объем=(22762+18446+432,2+196,4+111,3+174,2+120,7+117,58+177,3+181,4+108,06+152,3+126,9)*0,001"]
[null,"1","ИНДЕКС К ПОЗИЦИИ: СМР 1 квартал 2025г Минстрой ОЗП=22,53; ЭМ=11,42; ЗПМ=22,53; МАТ=8,56",null,null,null,null,null,null,null,null,null,null,null,null,null,null,null,null,null,null,null,null,null,null,null,null,null,null,null,null,null,null,null,null,null,null,null,null,null,null,null,null,null,null,null,null,null,null,null,null,null,null,null,null,null,null,null,null,null,null,null,null,null,null,null,null,null,null,null,null,null,null,"ИНДЕКС К ПОЗИЦИИ: СМР 1 квартал 2025г Минстрой ОЗП=22,53; ЭМ=11,42; ЗПМ=22,53; МАТ=8,56"]
["6\n*","ТССЦ-202-0016\nПриказ Администрации ЛО от 20.10.15 №28","Пути подкрановые, марка стали: С 255, рельсы железнодорожные\n(т)",null,null,38.8895731,11986.77,null,11986.77,null,3990332.75,null,null,3990332.75,0,0,null,null,null,null,null,null,null,null,null,null,null,null,null,null,null,null,null,null,null,null,null,null,null,null,null,null,null,null,null,null,null,null,null,null,null,null,null,null,null,null,null,null,null,null,null,null,null,null,null,null,null,null,null,null,null,"Пути подкрановые, марка стали: С 255, рельсы железнодорожные\n(т)"]
[null,null,"Объем=113,47*342,73*0,001"]
[null,"1","ИНДЕКС К ПОЗИЦИИ: СМР 1 квартал 2025г Минстрой ОЗП=22,53; ЭМ=11,42; ЗПМ=22,53; МАТ=8,56",null,null,null,null,null,null,null,null,null,null,null,null,null,null,null,null,null,null,null,null,null,null,null,null,null,null,null,null,null,null,null,null,null,null,null,null,null,null,null,null,null,null,null,null,null,null,null,null,null,null,null,null,null,null,null,null,null,null,null,null,null,null,null,null,null,null,null,null,null,null,"ИНДЕКС К ПОЗИЦИИ: СМР 1 квартал 2025г Минстрой ОЗП=22,53; ЭМ=11,42; ЗПМ=22,53; МАТ=8,56"]
["Раздел 3. Рельсовый путь № 3",null,null,null,null,null,null,null,null,null,null,null,null,null,null,null,null,null,null,null,null,null,null,null,null,null,null,null,null,null,null,null,null,null,null,null,null,null,null,null,null,null,null,null,null,null,null,null,null,null,null,null,null,null,null,null,null,null,null,null,null,null,null,null,null,null,null,null,null,null,"Раздел 3. Рельсовый путь № 3"]
["7","ТЕР09-03-005-02\nПриказ Администрации ЛО от 20.10.15 №28","Монтаж подкрановых путей: по металлическим  подкрановым балкам для рельсов типа КР\n//вес 83,09 кг./м\n(100 м рельса в одну нитку)",null,null,6.5439999999999996,"21 371,83\n10 079,87","9 774,83\n1 214,85",1517.13,null,2301619.83,1486138.2,"730 497,10\n179 112,79",84984.53,559.05999999999995,3658.5,null,null,null,null,null,null,null,null,null,null,null,null,null,null,null,null,null,null,null,null,null,null,null,null,null,null,null,null,null,null,null,null,null,null,null,null,null,null,null,null,null,null,null,null,null,null,null,null,null,null,null,null,null,null,null,"Монтаж подкрановых путей: по металлическим  подкрановым балкам для рельсов типа КР\n//вес 83,09 кг./м\n(100 м рельса в одну нитку)"]
[null,null,"Объем=(327,2*2) / 100"]
[null,"421/пр_2020_прил.10_т.3_п.3_гр.3","Производство работ осуществляется на территории действующего предприятия с наличием в зоне производства работ одного или нескольких из следующих факторов:\n- разветвленная сеть транспортных и инженерных коммуникаций;\n- стесненные условия для складирования материалов;\n- действующее технологическое оборудование;\n- движение технологического транспорта ОЗП=1,15; ЭМ=1,15 к расх.; ЗПМ=1,15; ТЗ=1,15; ТЗМ=1,15",null,null,null,null,null,null,null,null,null,null,null,null,null,null,null,null,null,null,null,null,null,null,null,null,null,null,null,null,null,null,null,null,null,null,null,null,null,null,null,null,null,null,null,null,null,null,null,null,null,null,null,null,null,null,null,null,null,null,null,null,null,null,null,null,null,null,null,null,null,"Производство работ осуществляется на территории действующего предприятия с наличием в зоне производства работ одного или нескольких из следующих факторов:\n- разветвленная сеть транспортных и инженерных коммуникаций;\n- стесненные условия для складирования материалов;\n- действующее технологическое оборудование;\n- движение технологического транспорта ОЗП=1,15; ЭМ=1,15 к расх.; ЗПМ=1,15; ТЗ=1,15; ТЗМ=1,15"]
[null,"1","ИНДЕКС К ПОЗИЦИИ: СМР 1 квартал 2025г Минстрой ОЗП=22,53; ЭМ=11,42; ЗПМ=22,53; МАТ=8,56",null,null,null,null,null,null,null,null,null,null,null,null,null,null,null,null,null,null,null,null,null,null,null,null,null,null,null,null,null,null,null,null,null,null,null,null,null,null,null,null,null,null,null,null,null,null,null,null,null,null,null,null,null,null,null,null,null,null,null,null,null,null,null,null,null,null,null,null,null,null,"ИНДЕКС К ПОЗИЦИИ: СМР 1 квартал 2025г Минстрой ОЗП=22,53; ЭМ=11,42; ЗПМ=22,53; МАТ=8,56"]
[null,null,null,null,"Накладные расходы 93% ФОТ (от 1 665 250,99)",null,null,null,null,null,1548683.42]
[null,null,null,null,"Сметная прибыль 62% ФОТ (от 1 665 250,99)",null,null,null,null,null,1032455.61]
[null,null,null,null,"Итого c накладными и см. прибылью",null,null,null,null,null,4882758.8600000003]
["8\n*","ТССЦ-202-0017\nПриказ Администрации ЛО от 20.10.15 №28","Пути подкрановые, марка стали: С 255, крепления и упоры//Рельсовые комплекты\n(т)",null,null,12.101000000000001,28461.8,null,28461.8,null,2948203.03,null,null,2948203.03,0,0,null,null,null,null,null,null,null,null,null,null,null,null,null,null,null,null,null,null,null,null,null,null,null,null,null,null,null,null,null,null,null,null,null,null,null,null,null,null,null,null,null,null,null,null,null,null,null,null,null,null,null,null,null,null,null,"Пути подкрановые, марка стали: С 255, крепления и упоры//Рельсовые комплекты\n(т)"]
[null,null,"Объем=(10415,13+352,72+28,45+42,77+76,68+65,38+54,08+997,02+68,77)*0,001"]
[null,"1","ИНДЕКС К ПОЗИЦИИ: СМР 1 квартал 2025г Минстрой ОЗП=22,53; ЭМ=11,42; ЗПМ=22,53; МАТ=8,56",null,null,null,null,null,null,null,null,null,null,null,null,null,null,null,null,null,null,null,null,null,null,null,null,null,null,null,null,null,null,null,null,null,null,null,null,null,null,null,null,null,null,null,null,null,null,null,null,null,null,null,null,null,null,null,null,null,null,null,null,null,null,null,null,null,null,null,null,null,null,"ИНДЕКС К ПОЗИЦИИ: СМР 1 квартал 2025г Минстрой ОЗП=22,53; ЭМ=11,42; ЗПМ=22,53; МАТ=8,56"]
["9\n*","ТССЦ-202-0016\nПриказ Администрации ЛО от 20.10.15 №28","Пути подкрановые, марка стали: С 255, рельсы железнодорожные\n(т)",null,null,4.1096320000000004,11986.77,null,11986.77,null,421675.99,null,null,421675.99,0,0,null,null,null,null,null,null,null,null,null,null,null,null,null,null,null,null,null,null,null,null,null,null,null,null,null,null,null,null,null,null,null,null,null,null,null,null,null,null,null,null,null,null,null,null,null,null,null,null,null,null,null,null,null,null,null,"Пути подкрановые, марка стали: С 255, рельсы железнодорожные\n(т)"]
[null,null,"Объем=12,56*327,2*0,001"]
[null,"1","ИНДЕКС К ПОЗИЦИИ: СМР 1 квартал 2025г Минстрой ОЗП=22,53; ЭМ=11,42; ЗПМ=22,53; МАТ=8,56",null,null,null,null,null,null,null,null,null,null,null,null,null,null,null,null,null,null,null,null,null,null,null,null,null,null,null,null,null,null,null,null,null,null,null,null,null,null,null,null,null,null,null,null,null,null,null,null,null,null,null,null,null,null,null,null,null,null,null,null,null,null,null,null,null,null,null,null,null,null,"ИНДЕКС К ПОЗИЦИИ: СМР 1 квартал 2025г Минстрой ОЗП=22,53; ЭМ=11,42; ЗПМ=22,53; МАТ=8,56"]
["10","ТЕР46-08-012-05\nПриказ Администрации ЛО от 20.10.15 №28","Установка анкеров в отверстия глубиной 100 мм с применением смесей серии MASTERFLOW, диаметр анкера: 20 мм и более\n(100 шт.)",null,null,13.06,"341,59\n296,60",44.99,null,null,93980.83,87271.09,6709.74,null,18.34,239.55,null,null,null,null,null,null,null,null,null,null,null,null,null,null,null,null,null,null,null,null,null,null,null,null,null,null,null,null,null,null,null,null,null,null,null,null,null,null,null,null,null,null,null,null,null,null,null,null,null,null,null,null,null,null,null,"Установка анкеров в отверстия глубиной 100 мм с применением смесей серии MASTERFLOW, диаметр анкера: 20 мм и более\n(100 шт.)"]
[null,null,"Объем=1306 / 100"]
[null,"421/пр_2020_прил.10_т.3_п.3_гр.3","Производство работ осуществляется на территории действующего предприятия с наличием в зоне производства работ одного или нескольких из следующих факторов:\n- разветвленная сеть транспортных и инженерных коммуникаций;\n- стесненные условия для складирования материалов;\n- действующее технологическое оборудование;\n- движение технологического транспорта ОЗП=1,15; ЭМ=1,15 к расх.; ЗПМ=1,15; ТЗ=1,15; ТЗМ=1,15",null,null,null,null,null,null,null,null,null,null,null,null,null,null,null,null,null,null,null,null,null,null,null,null,null,null,null,null,null,null,null,null,null,null,null,null,null,null,null,null,null,null,null,null,null,null,null,null,null,null,null,null,null,null,null,null,null,null,null,null,null,null,null,null,null,null,null,null,null,"Производство работ осуществляется на территории действующего предприятия с наличием в зоне производства работ одного или нескольких из следующих факторов:\n- разветвленная сеть транспортных и инженерных коммуникаций;\n- стесненные условия для складирования материалов;\n- действующее технологическое оборудование;\n- движение технологического транспорта ОЗП=1,15; ЭМ=1,15 к расх.; ЗПМ=1,15; ТЗ=1,15; ТЗМ=1,15"]
[null,"1","ИНДЕКС К ПОЗИЦИИ: СМР 1 квартал 2025г Минстрой ОЗП=22,53; ЭМ=11,42; ЗПМ=22,53; МАТ=8,56",null,null,null,null,null,null,null,null,null,null,null,null,null,null,null,null,null,null,null,null,null,null,null,null,null,null,null,null,null,null,null,null,null,null,null,null,null,null,null,null,null,null,null,null,null,null,null,null,null,null,null,null,null,null,null,null,null,null,null,null,null,null,null,null,null,null,null,null,null,null,"ИНДЕКС К ПОЗИЦИИ: СМР 1 квартал 2025г Минстрой ОЗП=22,53; ЭМ=11,42; ЗПМ=22,53; МАТ=8,56"]
[null,null,null,null,"Накладные расходы 103% ФОТ (от 87 271,09)",null,null,null,null,null,89889.22]
[null,null,null,null,"Сметная прибыль 59% ФОТ (от 87 271,09)",null,null,null,null,null,51489.94]
[null,null,null,null,"Итого c накладными и см. прибылью",null,null,null,null,null,235359.99]
["11","ТЕР46-08-012-10\nПриказ Администрации ЛО от 20.10.15 №28","На каждые 10 мм изменения глубины отверстия добавлять (уменьшать) к расценке: 46-08-012-05\n(100 шт.)",null,null,13.06,"923,57\n809,03",114.54,null,null,255132.06,238048.97,17083.09,null,50.03,653.33000000000004,null,null,null,null,null,null,null,null,null,null,null,null,null,null,null,null,null,null,null,null,null,null,null,null,null,null,null,null,null,null,null,null,null,null,null,null,null,null,null,null,null,null,null,null,null,null,null,null,null,null,null,null,null,null,null,"На каждые 10 мм изменения глубины отверстия добавлять (уменьшать) к расценке: 46-08-012-05\n(100 шт.)"]
[null,null,"Объем=1306 / 100"]
[null,null,"глубина 400: 400-100=300/10=30 ПЗ=30 (ОЗП=30; ЭМ=30 к расх.; ЗПМ=30; МАТ=30 к расх.; ТЗ=30; ТЗМ=30)",null,null,null,null,null,null,null,null,null,null,null,null,null,null,null,null,null,null,null,null,null,null,null,null,null,null,null,null,null,null,null,null,null,null,null,null,null,null,null,null,null,null,null,null,null,null,null,null,null,null,null,null,null,null,null,null,null,null,null,null,null,null,null,null,null,null,null,null,null,"глубина 400: 400-100=300/10=30 ПЗ=30 (ОЗП=30; ЭМ=30 к расх.; ЗПМ=30; МАТ=30 к расх.; ТЗ=30; ТЗМ=30)"]
[null,"421/пр_2020_прил.10_т.3_п.3_гр.3","Производство работ осуществляется на территории действующего предприятия с наличием в зоне производства работ одного или нескольких из следующих факторов:\n- разветвленная сеть транспортных и инженерных коммуникаций;\n- стесненные условия для складирования материалов;\n- действующее технологическое оборудование;\n- движение технологического транспорта ОЗП=1,15; ЭМ=1,15 к расх.; ЗПМ=1,15; ТЗ=1,15; ТЗМ=1,15",null,null,null,null,null,null,null,null,null,null,null,null,null,null,null,null,null,null,null,null,null,null,null,null,null,null,null,null,null,null,null,null,null,null,null,null,null,null,null,null,null,null,null,null,null,null,null,null,null,null,null,null,null,null,null,null,null,null,null,null,null,null,null,null,null,null,null,null,null,"Производство работ осуществляется на территории действующего предприятия с наличием в зоне производства работ одного или нескольких из следующих факторов:\n- разветвленная сеть транспортных и инженерных коммуникаций;\n- стесненные условия для складирования материалов;\n- действующее технологическое оборудование;\n- движение технологического транспорта ОЗП=1,15; ЭМ=1,15 к расх.; ЗПМ=1,15; ТЗ=1,15; ТЗМ=1,15"]
[null,"1","ИНДЕКС К ПОЗИЦИИ: СМР 1 квартал 2025г Минстрой ОЗП=22,53; ЭМ=11,42; ЗПМ=22,53; МАТ=8,56",null,null,null,null,null,null,null,null,null,null,null,null,null,null,null,null,null,null,null,null,null,null,null,null,null,null,null,null,null,null,null,null,null,null,null,null,null,null,null,null,null,null,null,null,null,null,null,null,null,null,null,null,null,null,null,null,null,null,null,null,null,null,null,null,null,null,null,null,null,null,"ИНДЕКС К ПОЗИЦИИ: СМР 1 квартал 2025г Минстрой ОЗП=22,53; ЭМ=11,42; ЗПМ=22,53; МАТ=8,56"]
[null,null,null,null,"Накладные расходы 103% ФОТ (от 238 048,97)",null,null,null,null,null,245190.44]
[null,null,null,null,"Сметная прибыль 59% ФОТ (от 238 048,97)",null,null,null,null,null,140448.89000000001]
[null,null,null,null,"Итого c накладными и см. прибылью",null,null,null,null,null,640771.39]
["12\n*","ТССЦ-509-5787\nПриказ Администрации ЛО от 20.10.15 №28\nприменительно","Анкер химический (капсула с клеевым составом) Hilti HIT-HY 150/330\n(шт.)",null,null,1306,346.8,null,346.8,null,3877002.05,null,null,3877002.05,0,0,null,null,null,null,null,null,null,null,null,null,null,null,null,null,null,null,null,null,null,null,null,null,null,null,null,null,null,null,null,null,null,null,null,null,null,null,null,null,null,null,null,null,null,null,null,null,null,null,null,null,null,null,null,null,null,"Анкер химический (капсула с клеевым составом) Hilti HIT-HY 150/330\n(шт.)"]
[null,"1","ИНДЕКС К ПОЗИЦИИ: СМР 1 квартал 2025г Минстрой ОЗП=22,53; ЭМ=11,42; ЗПМ=22,53; МАТ=8,56",null,null,null,null,null,null,null,null,null,null,null,null,null,null,null,null,null,null,null,null,null,null,null,null,null,null,null,null,null,null,null,null,null,null,null,null,null,null,null,null,null,null,null,null,null,null,null,null,null,null,null,null,null,null,null,null,null,null,null,null,null,null,null,null,null,null,null,null,null,null,"ИНДЕКС К ПОЗИЦИИ: СМР 1 квартал 2025г Минстрой ОЗП=22,53; ЭМ=11,42; ЗПМ=22,53; МАТ=8,56"]
["13\n*","ТССЦ-509-4617\nПриказ Администрации ЛО от 20.10.15 №28\nприменительно","Шпилька анкерная Hilti: HIT-V-5,8 М24х450 (HAS) для использования с химическими анкерами HIT\n(шт.)",null,null,1306,133.4,null,133.4,null,1491326.62,null,null,1491326.62,0,0,null,null,null,null,null,null,null,null,null,null,null,null,null,null,null,null,null,null,null,null,null,null,null,null,null,null,null,null,null,null,null,null,null,null,null,null,null,null,null,null,null,null,null,null,null,null,null,null,null,null,null,null,null,null,null,"Шпилька анкерная Hilti: HIT-V-5,8 М24х450 (HAS) для использования с химическими анкерами HIT\n(шт.)"]
[null,"1","ИНДЕКС К ПОЗИЦИИ: СМР 1 квартал 2025г Минстрой ОЗП=22,53; ЭМ=11,42; ЗПМ=22,53; МАТ=8,56",null,null,null,null,null,null,null,null,null,null,null,null,null,null,null,null,null,null,null,null,null,null,null,null,null,null,null,null,null,null,null,null,null,null,null,null,null,null,null,null,null,null,null,null,null,null,null,null,null,null,null,null,null,null,null,null,null,null,null,null,null,null,null,null,null,null,null,null,null,null,"ИНДЕКС К ПОЗИЦИИ: СМР 1 квартал 2025г Минстрой ОЗП=22,53; ЭМ=11,42; ЗПМ=22,53; МАТ=8,56"]
["Раздел 4. Крепление опорных деталей. Лист 282.2, 282.3",null,null,null,null,null,null,null,null,null,null,null,null,null,null,null,null,null,null,null,null,null,null,null,null,null,null,null,null,null,null,null,null,null,null,null,null,null,null,null,null,null,null,null,null,null,null,null,null,null,null,null,null,null,null,null,null,null,null,null,null,null,null,null,null,null,null,null,null,null,"Раздел 4. Крепление опорных деталей. Лист 282.2, 282.3"]
["Крепление стоек к ростверку",null,null,null,null,null,null,null,null,null,null,null,null,null,null,null,null,null,null,null,null,null,null,null,null,null,null,null,null,null,null,null,null,null,null,null,null,null,null,null,null,null,null,null,null,null,null,null,null,null,null,null,null,null,null,null,null,null,null,null,null,null,null,null,null,null,null,null,null,null,null,null,null,null,"Крепление стоек к ростверку"]
["14","ТЕР46-08-012-01\nПриказ Администрации ЛО от 20.10.15 №28","Установка анкеров в отверстия глубиной 100 мм с применением смесей серии MASTERFLOW, диаметр анкера: до 8 мм\n(100 шт.)",null,null,2.96,"140,67\n124,03",16.64,null,null,8833.75,8271.25,562.5,null,7.67,22.7,null,null,null,null,null,null,null,null,null,null,null,null,null,null,null,null,null,null,null,null,null,null,null,null,null,null,null,null,null,null,null,null,null,null,null,null,null,null,null,null,null,null,null,null,null,null,null,null,null,null,null,null,null,null,null,"Установка анкеров в отверстия глубиной 100 мм с применением смесей серии MASTERFLOW, диаметр анкера: до 8 мм\n(100 шт.)"]
[null,null,"Объем=296 / 100"]
[null,"421/пр_2020_прил.10_т.3_п.3_гр.3","Производство работ осуществляется на территории действующего предприятия с наличием в зоне производства работ одного или нескольких из следующих факторов:\n- разветвленная сеть транспортных и инженерных коммуникаций;\n- стесненные условия для складирования материалов;\n- действующее технологическое оборудование;\n- движение технологического транспорта ОЗП=1,15; ЭМ=1,15 к расх.; ЗПМ=1,15; ТЗ=1,15; ТЗМ=1,15",null,null,null,null,null,null,null,null,null,null,null,null,null,null,null,null,null,null,null,null,null,null,null,null,null,null,null,null,null,null,null,null,null,null,null,null,null,null,null,null,null,null,null,null,null,null,null,null,null,null,null,null,null,null,null,null,null,null,null,null,null,null,null,null,null,null,null,null,null,"Производство работ осуществляется на территории действующего предприятия с наличием в зоне производства работ одного или нескольких из следующих факторов:\n- разветвленная сеть транспортных и инженерных коммуникаций;\n- стесненные условия для складирования материалов;\n- действующее технологическое оборудование;\n- движение технологического транспорта ОЗП=1,15; ЭМ=1,15 к расх.; ЗПМ=1,15; ТЗ=1,15; ТЗМ=1,15"]
[null,"1","ИНДЕКС К ПОЗИЦИИ: СМР 1 квартал 2025г Минстрой ОЗП=22,53; ЭМ=11,42; ЗПМ=22,53; МАТ=8,56",null,null,null,null,null,null,null,null,null,null,null,null,null,null,null,null,null,null,null,null,null,null,null,null,null,null,null,null,null,null,null,null,null,null,null,null,null,null,null,null,null,null,null,null,null,null,null,null,null,null,null,null,null,null,null,null,null,null,null,null,null,null,null,null,null,null,null,null,null,null,"ИНДЕКС К ПОЗИЦИИ: СМР 1 квартал 2025г Минстрой ОЗП=22,53; ЭМ=11,42; ЗПМ=22,53; МАТ=8,56"]
[null,null,null,null,"Накладные расходы 103% ФОТ (от 8 271,25)",null,null,null,null,null,8519.39]
[null,null,null,null,"Сметная прибыль 59% ФОТ (от 8 271,25)",null,null,null,null,null,4880.04]
[null,null,null,null,"Итого c накладными и см. прибылью",null,null,null,null,null,22233.18]
["15","ТЕР46-08-012-06\nПриказ Администрации ЛО от 20.10.15 №28","На каждые 10 мм изменения глубины отверстия добавлять (уменьшать) к расценке: 46-08-012-01\n(100 шт.)",null,null,-2.96,"48,30\n42,41",5.89,null,null,-3027.44,-2828.41,-199.03,null,2.62,-7.76,null,null,null,null,null,null,null,null,null,null,null,null,null,null,null,null,null,null,null,null,null,null,null,null,null,null,null,null,null,null,null,null,null,null,null,null,null,null,null,null,null,null,null,null,null,null,null,null,null,null,null,null,null,null,null,"На каждые 10 мм изменения глубины отверстия добавлять (уменьшать) к расценке: 46-08-012-01\n(100 шт.)"]
[null,null,"Объем=-296 / 100"]
[null,null,"глубина 60: 100-60=40/10=4 ПЗ=4 (ОЗП=4; ЭМ=4 к расх.; ЗПМ=4; МАТ=4 к расх.; ТЗ=4; ТЗМ=4)",null,null,null,null,null,null,null,null,null,null,null,null,null,null,null,null,null,null,null,null,null,null,null,null,null,null,null,null,null,null,null,null,null,null,null,null,null,null,null,null,null,null,null,null,null,null,null,null,null,null,null,null,null,null,null,null,null,null,null,null,null,null,null,null,null,null,null,null,null,"глубина 60: 100-60=40/10=4 ПЗ=4 (ОЗП=4; ЭМ=4 к расх.; ЗПМ=4; МАТ=4 к расх.; ТЗ=4; ТЗМ=4)"]
[null,"421/пр_2020_прил.10_т.3_п.3_гр.3","Производство работ осуществляется на территории действующего предприятия с наличием в зоне производства работ одного или нескольких из следующих факторов:\n- разветвленная сеть транспортных и инженерных коммуникаций;\n- стесненные условия для складирования материалов;\n- действующее технологическое оборудование;\n- движение технологического транспорта ОЗП=1,15; ЭМ=1,15 к расх.; ЗПМ=1,15; ТЗ=1,15; ТЗМ=1,15",null,null,null,null,null,null,null,null,null,null,null,null,null,null,null,null,null,null,null,null,null,null,null,null,null,null,null,null,null,null,null,null,null,null,null,null,null,null,null,null,null,null,null,null,null,null,null,null,null,null,null,null,null,null,null,null,null,null,null,null,null,null,null,null,null,null,null,null,null,"Производство работ осуществляется на территории действующего предприятия с наличием в зоне производства работ одного или нескольких из следующих факторов:\n- разветвленная сеть транспортных и инженерных коммуникаций;\n- стесненные условия для складирования материалов;\n- действующее технологическое оборудование;\n- движение технологического транспорта ОЗП=1,15; ЭМ=1,15 к расх.; ЗПМ=1,15; ТЗ=1,15; ТЗМ=1,15"]
[null,"1","ИНДЕКС К ПОЗИЦИИ: СМР 1 квартал 2025г Минстрой ОЗП=22,53; ЭМ=11,42; ЗПМ=22,53; МАТ=8,56",null,null,null,null,null,null,null,null,null,null,null,null,null,null,null,null,null,null,null,null,null,null,null,null,null,null,null,null,null,null,null,null,null,null,null,null,null,null,null,null,null,null,null,null,null,null,null,null,null,null,null,null,null,null,null,null,null,null,null,null,null,null,null,null,null,null,null,null,null,null,"ИНДЕКС К ПОЗИЦИИ: СМР 1 квартал 2025г Минстрой ОЗП=22,53; ЭМ=11,42; ЗПМ=22,53; МАТ=8,56"]
[null,null,null,null,"Накладные расходы 103% ФОТ (от -2 828,41)",null,null,null,null,null,-2913.26]
[null,null,null,null,"Сметная прибыль 59% ФОТ (от -2 828,41)",null,null,null,null,null,-1668.76]
[null,null,null,null,"Итого c накладными и см. прибылью",null,null,null,null,null,-7609.46]
["16\n*","ТССЦ-509-2631\nПриказ Администрации ЛО от 20.10.15 №28\nПрименительно","Капсула с клеевым составом Hilti HVU-TZ M20\n(шт.)",null,null,296,35.28,null,35.28,null,89391.05,null,null,89391.05,0,0,null,null,null,null,null,null,null,null,null,null,null,null,null,null,null,null,null,null,null,null,null,null,null,null,null,null,null,null,null,null,null,null,null,null,null,null,null,null,null,null,null,null,null,null,null,null,null,null,null,null,null,null,null,null,null,"Капсула с клеевым составом Hilti HVU-TZ M20\n(шт.)"]
[null,"1","ИНДЕКС К ПОЗИЦИИ: СМР 1 квартал 2025г Минстрой ОЗП=22,53; ЭМ=11,42; ЗПМ=22,53; МАТ=8,56",null,null,null,null,null,null,null,null,null,null,null,null,null,null,null,null,null,null,null,null,null,null,null,null,null,null,null,null,null,null,null,null,null,null,null,null,null,null,null,null,null,null,null,null,null,null,null,null,null,null,null,null,null,null,null,null,null,null,null,null,null,null,null,null,null,null,null,null,null,null,"ИНДЕКС К ПОЗИЦИИ: СМР 1 квартал 2025г Минстрой ОЗП=22,53; ЭМ=11,42; ЗПМ=22,53; МАТ=8,56"]
["17\n*","ТССЦ-509-4616\nПриказ Администрации ЛО от 20.10.15 №28\nПрименительно","Шпилька анкерная Hilti: HIT-V-5,8 М16х300 (HAS) для использования с химическими анкерами HIT\n(шт.)",null,null,296,40.090000000000003,null,40.090000000000003,null,101578.44,null,null,101578.44,0,0,null,null,null,null,null,null,null,null,null,null,null,null,null,null,null,null,null,null,null,null,null,null,null,null,null,null,null,null,null,null,null,null,null,null,null,null,null,null,null,null,null,null,null,null,null,null,null,null,null,null,null,null,null,null,null,"Шпилька анкерная Hilti: HIT-V-5,8 М16х300 (HAS) для использования с химическими анкерами HIT\n(шт.)"]
[null,"1","ИНДЕКС К ПОЗИЦИИ: СМР 1 квартал 2025г Минстрой ОЗП=22,53; ЭМ=11,42; ЗПМ=22,53; МАТ=8,56",null,null,null,null,null,null,null,null,null,null,null,null,null,null,null,null,null,null,null,null,null,null,null,null,null,null,null,null,null,null,null,null,null,null,null,null,null,null,null,null,null,null,null,null,null,null,null,null,null,null,null,null,null,null,null,null,null,null,null,null,null,null,null,null,null,null,null,null,null,null,"ИНДЕКС К ПОЗИЦИИ: СМР 1 квартал 2025г Минстрой ОЗП=22,53; ЭМ=11,42; ЗПМ=22,53; МАТ=8,56"]
["Крепление тормозных упоров крацер-крана к ростверку",null,null,null,null,null,null,null,null,null,null,null,null,null,null,null,null,null,null,null,null,null,null,null,null,null,null,null,null,null,null,null,null,null,null,null,null,null,null,null,null,null,null,null,null,null,null,null,null,null,null,null,null,null,null,null,null,null,null,null,null,null,null,null,null,null,null,null,null,null,null,null,null,null,"Крепление тормозных упоров крацер-крана к ростверку"]
["18","ТЕР46-08-012-05\nПриказ Администрации ЛО от 20.10.15 №28","Установка анкеров в отверстия глубиной 100 мм с применением смесей серии MASTERFLOW, диаметр анкера: 20 мм и более\n(100 шт.)",null,null,0.24,"341,59\n296,60",44.99,null,null,1727.06,1603.76,123.3,null,18.34,4.4000000000000004,null,null,null,null,null,null,null,null,null,null,null,null,null,null,null,null,null,null,null,null,null,null,null,null,null,null,null,null,null,null,null,null,null,null,null,null,null,null,null,null,null,null,null,null,null,null,null,null,null,null,null,null,null,null,null,"Установка анкеров в отверстия глубиной 100 мм с применением смесей серии MASTERFLOW, диаметр анкера: 20 мм и более\n(100 шт.)"]
[null,null,"Объем=24 / 100"]
[null,"421/пр_2020_прил.10_т.3_п.3_гр.3","Производство работ осуществляется на территории действующего предприятия с наличием в зоне производства работ одного или нескольких из следующих факторов:\n- разветвленная сеть транспортных и инженерных коммуникаций;\n- стесненные условия для складирования материалов;\n- действующее технологическое оборудование;\n- движение технологического транспорта ОЗП=1,15; ЭМ=1,15 к расх.; ЗПМ=1,15; ТЗ=1,15; ТЗМ=1,15",null,null,null,null,null,null,null,null,null,null,null,null,null,null,null,null,null,null,null,null,null,null,null,null,null,null,null,null,null,null,null,null,null,null,null,null,null,null,null,null,null,null,null,null,null,null,null,null,null,null,null,null,null,null,null,null,null,null,null,null,null,null,null,null,null,null,null,null,null,"Производство работ осуществляется на территории действующего предприятия с наличием в зоне производства работ одного или нескольких из следующих факторов:\n- разветвленная сеть транспортных и инженерных коммуникаций;\n- стесненные условия для складирования материалов;\n- действующее технологическое оборудование;\n- движение технологического транспорта ОЗП=1,15; ЭМ=1,15 к расх.; ЗПМ=1,15; ТЗ=1,15; ТЗМ=1,15"]
[null,"1","ИНДЕКС К ПОЗИЦИИ: СМР 1 квартал 2025г Минстрой ОЗП=22,53; ЭМ=11,42; ЗПМ=22,53; МАТ=8,56",null,null,null,null,null,null,null,null,null,null,null,null,null,null,null,null,null,null,null,null,null,null,null,null,null,null,null,null,null,null,null,null,null,null,null,null,null,null,null,null,null,null,null,null,null,null,null,null,null,null,null,null,null,null,null,null,null,null,null,null,null,null,null,null,null,null,null,null,null,null,"ИНДЕКС К ПОЗИЦИИ: СМР 1 квартал 2025г Минстрой ОЗП=22,53; ЭМ=11,42; ЗПМ=22,53; МАТ=8,56"]
[null,null,null,null,"Накладные расходы 103% ФОТ (от 1 603,76)",null,null,null,null,null,1651.87]
[null,null,null,null,"Сметная прибыль 59% ФОТ (от 1 603,76)",null,null,null,null,null,946.22]
[null,null,null,null,"Итого c накладными и см. прибылью",null,null,null,null,null,4325.1499999999996]
["19","ТЕР46-08-012-10\nПриказ Администрации ЛО от 20.10.15 №28","На каждые 10 мм изменения глубины отверстия добавлять (уменьшать) к расценке: 46-08-012-05\n(100 шт.)",null,null,0.24,"1 231,42\n1 078,70",152.72,null,null,6251.32,5832.75,418.57,null,66.7,16.010000000000002,null,null,null,null,null,null,null,null,null,null,null,null,null,null,null,null,null,null,null,null,null,null,null,null,null,null,null,null,null,null,null,null,null,null,null,null,null,null,null,null,null,null,null,null,null,null,null,null,null,null,null,null,null,null,null,"На каждые 10 мм изменения глубины отверстия добавлять (уменьшать) к расценке: 46-08-012-05\n(100 шт.)"]
[null,null,"Объем=24 / 100"]
[null,null,"глубина 500: 500-100=400/10=40 ПЗ=40 (ОЗП=40; ЭМ=40 к расх.; ЗПМ=40; МАТ=40 к расх.; ТЗ=40; ТЗМ=40)",null,null,null,null,null,null,null,null,null,null,null,null,null,null,null,null,null,null,null,null,null,null,null,null,null,null,null,null,null,null,null,null,null,null,null,null,null,null,null,null,null,null,null,null,null,null,null,null,null,null,null,null,null,null,null,null,null,null,null,null,null,null,null,null,null,null,null,null,null,"глубина 500: 500-100=400/10=40 ПЗ=40 (ОЗП=40; ЭМ=40 к расх.; ЗПМ=40; МАТ=40 к расх.; ТЗ=40; ТЗМ=40)"]
[null,"421/пр_2020_прил.10_т.3_п.3_гр.3","Производство работ осуществляется на территории действующего предприятия с наличием в зоне производства работ одного или нескольких из следующих факторов:\n- разветвленная сеть транспортных и инженерных коммуникаций;\n- стесненные условия для складирования материалов;\n- действующее технологическое оборудование;\n- движение технологического транспорта ОЗП=1,15; ЭМ=1,15 к расх.; ЗПМ=1,15; ТЗ=1,15; ТЗМ=1,15",null,null,null,null,null,null,null,null,null,null,null,null,null,null,null,null,null,null,null,null,null,null,null,null,null,null,null,null,null,null,null,null,null,null,null,null,null,null,null,null,null,null,null,null,null,null,null,null,null,null,null,null,null,null,null,null,null,null,null,null,null,null,null,null,null,null,null,null,null,"Производство работ осуществляется на территории действующего предприятия с наличием в зоне производства работ одного или нескольких из следующих факторов:\n- разветвленная сеть транспортных и инженерных коммуникаций;\n- стесненные условия для складирования материалов;\n- действующее технологическое оборудование;\n- движение технологического транспорта ОЗП=1,15; ЭМ=1,15 к расх.; ЗПМ=1,15; ТЗ=1,15; ТЗМ=1,15"]
[null,"1","ИНДЕКС К ПОЗИЦИИ: СМР 1 квартал 2025г Минстрой ОЗП=22,53; ЭМ=11,42; ЗПМ=22,53; МАТ=8,56",null,null,null,null,null,null,null,null,null,null,null,null,null,null,null,null,null,null,null,null,null,null,null,null,null,null,null,null,null,null,null,null,null,null,null,null,null,null,null,null,null,null,null,null,null,null,null,null,null,null,null,null,null,null,null,null,null,null,null,null,null,null,null,null,null,null,null,null,null,null,"ИНДЕКС К ПОЗИЦИИ: СМР 1 квартал 2025г Минстрой ОЗП=22,53; ЭМ=11,42; ЗПМ=22,53; МАТ=8,56"]
[null,null,null,null,"Накладные расходы 103% ФОТ (от 5 832,75)",null,null,null,null,null,6007.73]
[null,null,null,null,"Сметная прибыль 59% ФОТ (от 5 832,75)",null,null,null,null,null,3441.32]
[null,null,null,null,"Итого c накладными и см. прибылью",null,null,null,null,null,15700.37]
["20\n*","ТССЦ-509-4614\nПриказ Администрации ЛО от 20.10.15 №28\nприменительно","Анкер химический (капсула с клеевым составом) Hilti HVU М24/210\n(шт.)",null,null,24,91.65,null,91.65,null,18828.580000000002,null,null,18828.580000000002,0,0,null,null,null,null,null,null,null,null,null,null,null,null,null,null,null,null,null,null,null,null,null,null,null,null,null,null,null,null,null,null,null,null,null,null,null,null,null,null,null,null,null,null,null,null,null,null,null,null,null,null,null,null,null,null,null,"Анкер химический (капсула с клеевым составом) Hilti HVU М24/210\n(шт.)"]
[null,"1","ИНДЕКС К ПОЗИЦИИ: СМР 1 квартал 2025г Минстрой ОЗП=22,53; ЭМ=11,42; ЗПМ=22,53; МАТ=8,56",null,null,null,null,null,null,null,null,null,null,null,null,null,null,null,null,null,null,null,null,null,null,null,null,null,null,null,null,null,null,null,null,null,null,null,null,null,null,null,null,null,null,null,null,null,null,null,null,null,null,null,null,null,null,null,null,null,null,null,null,null,null,null,null,null,null,null,null,null,null,"ИНДЕКС К ПОЗИЦИИ: СМР 1 квартал 2025г Минстрой ОЗП=22,53; ЭМ=11,42; ЗПМ=22,53; МАТ=8,56"]
["21\n*","ТССЦ-509-4617\nПриказ Администрации ЛО от 20.10.15 №28\nПрименительно","Шпилька анкерная Hilti: HIT-V-5,8 М24х450 (HAS) для использования с химическими анкерами HIT\n(шт.)",null,null,24,133.4,null,133.4,null,27405.7,null,null,27405.7,0,0,null,null,null,null,null,null,null,null,null,null,null,null,null,null,null,null,null,null,null,null,null,null,null,null,null,null,null,null,null,null,null,null,null,null,null,null,null,null,null,null,null,null,null,null,null,null,null,null,null,null,null,null,null,null,null,"Шпилька анкерная Hilti: HIT-V-5,8 М24х450 (HAS) для использования с химическими анкерами HIT\n(шт.)"]
[null,"1","ИНДЕКС К ПОЗИЦИИ: СМР 1 квартал 2025г Минстрой ОЗП=22,53; ЭМ=11,42; ЗПМ=22,53; МАТ=8,56",null,null,null,null,null,null,null,null,null,null,null,null,null,null,null,null,null,null,null,null,null,null,null,null,null,null,null,null,null,null,null,null,null,null,null,null,null,null,null,null,null,null,null,null,null,null,null,null,null,null,null,null,null,null,null,null,null,null,null,null,null,null,null,null,null,null,null,null,null,null,"ИНДЕКС К ПОЗИЦИИ: СМР 1 квартал 2025г Минстрой ОЗП=22,53; ЭМ=11,42; ЗПМ=22,53; МАТ=8,56"]
["Крепление крацер-крана в сервесном положении",null,null,null,null,null,null,null,null,null,null,null,null,null,null,null,null,null,null,null,null,null,null,null,null,null,null,null,null,null,null,null,null,null,null,null,null,null,null,null,null,null,null,null,null,null,null,null,null,null,null,null,null,null,null,null,null,null,null,null,null,null,null,null,null,null,null,null,null,null,null,null,null,null,"Крепление крацер-крана в сервесном положении"]
["22","ТЕР46-08-012-01\nПриказ Администрации ЛО от 20.10.15 №28","Установка анкеров в отверстия глубиной 100 мм с применением смесей серии MASTERFLOW, диаметр анкера: до 8 мм\n(100 шт.)",null,null,0.24,"140,67\n124,03",16.64,null,null,716.25,670.64,45.61,null,7.67,1.84,null,null,null,null,null,null,null,null,null,null,null,null,null,null,null,null,null,null,null,null,null,null,null,null,null,null,null,null,null,null,null,null,null,null,null,null,null,null,null,null,null,null,null,null,null,null,null,null,null,null,null,null,null,null,null,"Установка анкеров в отверстия глубиной 100 мм с применением смесей серии MASTERFLOW, диаметр анкера: до 8 мм\n(100 шт.)"]
[null,null,"Объем=24 / 100"]
[null,"421/пр_2020_прил.10_т.3_п.3_гр.3","Производство работ осуществляется на территории действующего предприятия с наличием в зоне производства работ одного или нескольких из следующих факторов:\n- разветвленная сеть транспортных и инженерных коммуникаций;\n- стесненные условия для складирования материалов;\n- действующее технологическое оборудование;\n- движение технологического транспорта ОЗП=1,15; ЭМ=1,15 к расх.; ЗПМ=1,15; ТЗ=1,15; ТЗМ=1,15",null,null,null,null,null,null,null,null,null,null,null,null,null,null,null,null,null,null,null,null,null,null,null,null,null,null,null,null,null,null,null,null,null,null,null,null,null,null,null,null,null,null,null,null,null,null,null,null,null,null,null,null,null,null,null,null,null,null,null,null,null,null,null,null,null,null,null,null,null,"Производство работ осуществляется на территории действующего предприятия с наличием в зоне производства работ одного или нескольких из следующих факторов:\n- разветвленная сеть транспортных и инженерных коммуникаций;\n- стесненные условия для складирования материалов;\n- действующее технологическое оборудование;\n- движение технологического транспорта ОЗП=1,15; ЭМ=1,15 к расх.; ЗПМ=1,15; ТЗ=1,15; ТЗМ=1,15"]
[null,"1","ИНДЕКС К ПОЗИЦИИ: СМР 1 квартал 2025г Минстрой ОЗП=22,53; ЭМ=11,42; ЗПМ=22,53; МАТ=8,56",null,null,null,null,null,null,null,null,null,null,null,null,null,null,null,null,null,null,null,null,null,null,null,null,null,null,null,null,null,null,null,null,null,null,null,null,null,null,null,null,null,null,null,null,null,null,null,null,null,null,null,null,null,null,null,null,null,null,null,null,null,null,null,null,null,null,null,null,null,null,"ИНДЕКС К ПОЗИЦИИ: СМР 1 квартал 2025г Минстрой ОЗП=22,53; ЭМ=11,42; ЗПМ=22,53; МАТ=8,56"]
[null,null,null,null,"Накладные расходы 103% ФОТ (от 670,64)",null,null,null,null,null,690.76]
[null,null,null,null,"Сметная прибыль 59% ФОТ (от 670,64)",null,null,null,null,null,395.68]
[null,null,null,null,"Итого c накладными и см. прибылью",null,null,null,null,null,1802.69]
["23","ТЕР46-08-012-06\nПриказ Администрации ЛО от 20.10.15 №28","На каждые 10 мм изменения глубины отверстия добавлять (уменьшать) к расценке: 46-08-012-01\n(100 шт.)",null,null,0.24,"362,25\n318,09",44.16,null,null,1841.01,1719.98,121.03,null,19.670000000000002,4.72,null,null,null,null,null,null,null,null,null,null,null,null,null,null,null,null,null,null,null,null,null,null,null,null,null,null,null,null,null,null,null,null,null,null,null,null,null,null,null,null,null,null,null,null,null,null,null,null,null,null,null,null,null,null,null,"На каждые 10 мм изменения глубины отверстия добавлять (уменьшать) к расценке: 46-08-012-01\n(100 шт.)"]
[null,null,"Объем=24 / 100"]
[null,null,"глубина 400: 400-100=300/10=30 ПЗ=30 (ОЗП=30; ЭМ=30 к расх.; ЗПМ=30; МАТ=30 к расх.; ТЗ=30; ТЗМ=30)",null,null,null,null,null,null,null,null,null,null,null,null,null,null,null,null,null,null,null,null,null,null,null,null,null,null,null,null,null,null,null,null,null,null,null,null,null,null,null,null,null,null,null,null,null,null,null,null,null,null,null,null,null,null,null,null,null,null,null,null,null,null,null,null,null,null,null,null,null,"глубина 400: 400-100=300/10=30 ПЗ=30 (ОЗП=30; ЭМ=30 к расх.; ЗПМ=30; МАТ=30 к расх.; ТЗ=30; ТЗМ=30)"]
[null,"421/пр_2020_прил.10_т.3_п.3_гр.3","Производство работ осуществляется на территории действующего предприятия с наличием в зоне производства работ одного или нескольких из следующих факторов:\n- разветвленная сеть транспортных и инженерных коммуникаций;\n- стесненные условия для складирования материалов;\n- действующее технологическое оборудование;\n- движение технологического транспорта ОЗП=1,15; ЭМ=1,15 к расх.; ЗПМ=1,15; ТЗ=1,15; ТЗМ=1,15",null,null,null,null,null,null,null,null,null,null,null,null,null,null,null,null,null,null,null,null,null,null,null,null,null,null,null,null,null,null,null,null,null,null,null,null,null,null,null,null,null,null,null,null,null,null,null,null,null,null,null,null,null,null,null,null,null,null,null,null,null,null,null,null,null,null,null,null,null,"Производство работ осуществляется на территории действующего предприятия с наличием в зоне производства работ одного или нескольких из следующих факторов:\n- разветвленная сеть транспортных и инженерных коммуникаций;\n- стесненные условия для складирования материалов;\n- действующее технологическое оборудование;\n- движение технологического транспорта ОЗП=1,15; ЭМ=1,15 к расх.; ЗПМ=1,15; ТЗ=1,15; ТЗМ=1,15"]
[null,"1","ИНДЕКС К ПОЗИЦИИ: СМР 1 квартал 2025г Минстрой ОЗП=22,53; ЭМ=11,42; ЗПМ=22,53; МАТ=8,56",null,null,null,null,null,null,null,null,null,null,null,null,null,null,null,null,null,null,null,null,null,null,null,null,null,null,null,null,null,null,null,null,null,null,null,null,null,null,null,null,null,null,null,null,null,null,null,null,null,null,null,null,null,null,null,null,null,null,null,null,null,null,null,null,null,null,null,null,null,null,"ИНДЕКС К ПОЗИЦИИ: СМР 1 квартал 2025г Минстрой ОЗП=22,53; ЭМ=11,42; ЗПМ=22,53; МАТ=8,56"]
[null,null,null,null,"Накладные расходы 103% ФОТ (от 1 719,98)",null,null,null,null,null,1771.58]
[null,null,null,null,"Сметная прибыль 59% ФОТ (от 1 719,98)",null,null,null,null,null,1014.79]
[null,null,null,null,"Итого c накладными и см. прибылью",null,null,null,null,null,4627.38]
["24\n*","ТССЦ-509-2631\nПриказ Администрации ЛО от 20.10.15 №28\nПрименительно","Капсула с клеевым составом Hilti HVU-TZ M20\n(шт.)",null,null,24,35.28,null,35.28,null,7247.92,null,null,7247.92,0,0,null,null,null,null,null,null,null,null,null,null,null,null,null,null,null,null,null,null,null,null,null,null,null,null,null,null,null,null,null,null,null,null,null,null,null,null,null,null,null,null,null,null,null,null,null,null,null,null,null,null,null,null,null,null,null,"Капсула с клеевым составом Hilti HVU-TZ M20\n(шт.)"]
[null,"1","ИНДЕКС К ПОЗИЦИИ: СМР 1 квартал 2025г Минстрой ОЗП=22,53; ЭМ=11,42; ЗПМ=22,53; МАТ=8,56",null,null,null,null,null,null,null,null,null,null,null,null,null,null,null,null,null,null,null,null,null,null,null,null,null,null,null,null,null,null,null,null,null,null,null,null,null,null,null,null,null,null,null,null,null,null,null,null,null,null,null,null,null,null,null,null,null,null,null,null,null,null,null,null,null,null,null,null,null,null,"ИНДЕКС К ПОЗИЦИИ: СМР 1 квартал 2025г Минстрой ОЗП=22,53; ЭМ=11,42; ЗПМ=22,53; МАТ=8,56"]
["25\n*","ТССЦ-509-4616\nПриказ Администрации ЛО от 20.10.15 №28\nПрименительно","Шпилька анкерная Hilti: HIT-V-5,8 М16х300 (HAS) для использования с химическими анкерами HIT\n(шт.)",null,null,24,40.090000000000003,null,40.090000000000003,null,8236.09,null,null,8236.09,0,0,null,null,null,null,null,null,null,null,null,null,null,null,null,null,null,null,null,null,null,null,null,null,null,null,null,null,null,null,null,null,null,null,null,null,null,null,null,null,null,null,null,null,null,null,null,null,null,null,null,null,null,null,null,null,null,"Шпилька анкерная Hilti: HIT-V-5,8 М16х300 (HAS) для использования с химическими анкерами HIT\n(шт.)"]
[null,"1","ИНДЕКС К ПОЗИЦИИ: СМР 1 квартал 2025г Минстрой ОЗП=22,53; ЭМ=11,42; ЗПМ=22,53; МАТ=8,56",null,null,null,null,null,null,null,null,null,null,null,null,null,null,null,null,null,null,null,null,null,null,null,null,null,null,null,null,null,null,null,null,null,null,null,null,null,null,null,null,null,null,null,null,null,null,null,null,null,null,null,null,null,null,null,null,null,null,null,null,null,null,null,null,null,null,null,null,null,null,"ИНДЕКС К ПОЗИЦИИ: СМР 1 квартал 2025г Минстрой ОЗП=22,53; ЭМ=11,42; ЗПМ=22,53; МАТ=8,56"]
["Крепление стоек хвостовой станции к ростверку",null,null,null,null,null,null,null,null,null,null,null,null,null,null,null,null,null,null,null,null,null,null,null,null,null,null,null,null,null,null,null,null,null,null,null,null,null,null,null,null,null,null,null,null,null,null,null,null,null,null,null,null,null,null,null,null,null,null,null,null,null,null,null,null,null,null,null,null,null,null,null,null,null,"Крепление стоек хвостовой станции к ростверку"]
["26","ТЕР46-08-012-05\nПриказ Администрации ЛО от 20.10.15 №28","Установка анкеров в отверстия глубиной 100 мм с применением смесей серии MASTERFLOW, диаметр анкера: 20 мм и более\n(100 шт.)",null,null,0.16,"341,59\n296,60",44.99,null,null,1151.3699999999999,1069.17,82.2,null,18.34,2.93,null,null,null,null,null,null,null,null,null,null,null,null,null,null,null,null,null,null,null,null,null,null,null,null,null,null,null,null,null,null,null,null,null,null,null,null,null,null,null,null,null,null,null,null,null,null,null,null,null,null,null,null,null,null,null,"Установка анкеров в отверстия глубиной 100 мм с применением смесей серии MASTERFLOW, диаметр анкера: 20 мм и более\n(100 шт.)"]
[null,null,"Объем=16 / 100"]
[null,"421/пр_2020_прил.10_т.3_п.3_гр.3","Производство работ осуществляется на территории действующего предприятия с наличием в зоне производства работ одного или нескольких из следующих факторов:\n- разветвленная сеть транспортных и инженерных коммуникаций;\n- стесненные условия для складирования материалов;\n- действующее технологическое оборудование;\n- движение технологического транспорта ОЗП=1,15; ЭМ=1,15 к расх.; ЗПМ=1,15; ТЗ=1,15; ТЗМ=1,15",null,null,null,null,null,null,null,null,null,null,null,null,null,null,null,null,null,null,null,null,null,null,null,null,null,null,null,null,null,null,null,null,null,null,null,null,null,null,null,null,null,null,null,null,null,null,null,null,null,null,null,null,null,null,null,null,null,null,null,null,null,null,null,null,null,null,null,null,null,"Производство работ осуществляется на территории действующего предприятия с наличием в зоне производства работ одного или нескольких из следующих факторов:\n- разветвленная сеть транспортных и инженерных коммуникаций;\n- стесненные условия для складирования материалов;\n- действующее технологическое оборудование;\n- движение технологического транспорта ОЗП=1,15; ЭМ=1,15 к расх.; ЗПМ=1,15; ТЗ=1,15; ТЗМ=1,15"]
[null,"1","ИНДЕКС К ПОЗИЦИИ: СМР 1 квартал 2025г Минстрой ОЗП=22,53; ЭМ=11,42; ЗПМ=22,53; МАТ=8,56",null,null,null,null,null,null,null,null,null,null,null,null,null,null,null,null,null,null,null,null,null,null,null,null,null,null,null,null,null,null,null,null,null,null,null,null,null,null,null,null,null,null,null,null,null,null,null,null,null,null,null,null,null,null,null,null,null,null,null,null,null,null,null,null,null,null,null,null,null,null,"ИНДЕКС К ПОЗИЦИИ: СМР 1 квартал 2025г Минстрой ОЗП=22,53; ЭМ=11,42; ЗПМ=22,53; МАТ=8,56"]
[null,null,null,null,"Накладные расходы 103% ФОТ (от 1 069,17)",null,null,null,null,null,1101.25]
[null,null,null,null,"Сметная прибыль 59% ФОТ (от 1 069,17)",null,null,null,null,null,630.80999999999995]
[null,null,null,null,"Итого c накладными и см. прибылью",null,null,null,null,null,2883.43]
["27","ТЕР46-08-012-10\nПриказ Администрации ЛО от 20.10.15 №28","На каждые 10 мм изменения глубины отверстия добавлять (уменьшать) к расценке: 46-08-012-05\n(100 шт.)",null,null,0.16,"923,57\n809,03",114.54,null,null,3125.66,2916.37,209.29,null,50.03,8,null,null,null,null,null,null,null,null,null,null,null,null,null,null,null,null,null,null,null,null,null,null,null,null,null,null,null,null,null,null,null,null,null,null,null,null,null,null,null,null,null,null,null,null,null,null,null,null,null,null,null,null,null,null,null,"На каждые 10 мм изменения глубины отверстия добавлять (уменьшать) к расценке: 46-08-012-05\n(100 шт.)"]
[null,null,"Объем=16 / 100"]
[null,null,"глубина 400: 400-100=300/10=30 ПЗ=30 (ОЗП=30; ЭМ=30 к расх.; ЗПМ=30; МАТ=30 к расх.; ТЗ=30; ТЗМ=30)",null,null,null,null,null,null,null,null,null,null,null,null,null,null,null,null,null,null,null,null,null,null,null,null,null,null,null,null,null,null,null,null,null,null,null,null,null,null,null,null,null,null,null,null,null,null,null,null,null,null,null,null,null,null,null,null,null,null,null,null,null,null,null,null,null,null,null,null,null,"глубина 400: 400-100=300/10=30 ПЗ=30 (ОЗП=30; ЭМ=30 к расх.; ЗПМ=30; МАТ=30 к расх.; ТЗ=30; ТЗМ=30)"]
[null,"421/пр_2020_прил.10_т.3_п.3_гр.3","Производство работ осуществляется на территории действующего предприятия с наличием в зоне производства работ одного или нескольких из следующих факторов:\n- разветвленная сеть транспортных и инженерных коммуникаций;\n- стесненные условия для складирования материалов;\n- действующее технологическое оборудование;\n- движение технологического транспорта ОЗП=1,15; ЭМ=1,15 к расх.; ЗПМ=1,15; ТЗ=1,15; ТЗМ=1,15",null,null,null,null,null,null,null,null,null,null,null,null,null,null,null,null,null,null,null,null,null,null,null,null,null,null,null,null,null,null,null,null,null,null,null,null,null,null,null,null,null,null,null,null,null,null,null,null,null,null,null,null,null,null,null,null,null,null,null,null,null,null,null,null,null,null,null,null,null,"Производство работ осуществляется на территории действующего предприятия с наличием в зоне производства работ одного или нескольких из следующих факторов:\n- разветвленная сеть транспортных и инженерных коммуникаций;\n- стесненные условия для складирования материалов;\n- действующее технологическое оборудование;\n- движение технологического транспорта ОЗП=1,15; ЭМ=1,15 к расх.; ЗПМ=1,15; ТЗ=1,15; ТЗМ=1,15"]
[null,"1","ИНДЕКС К ПОЗИЦИИ: СМР 1 квартал 2025г Минстрой ОЗП=22,53; ЭМ=11,42; ЗПМ=22,53; МАТ=8,56",null,null,null,null,null,null,null,null,null,null,null,null,null,null,null,null,null,null,null,null,null,null,null,null,null,null,null,null,null,null,null,null,null,null,null,null,null,null,null,null,null,null,null,null,null,null,null,null,null,null,null,null,null,null,null,null,null,null,null,null,null,null,null,null,null,null,null,null,null,null,"ИНДЕКС К ПОЗИЦИИ: СМР 1 квартал 2025г Минстрой ОЗП=22,53; ЭМ=11,42; ЗПМ=22,53; МАТ=8,56"]
[null,null,null,null,"Накладные расходы 103% ФОТ (от 2 916,37)",null,null,null,null,null,3003.86]
[null,null,null,null,"Сметная прибыль 59% ФОТ (от 2 916,37)",null,null,null,null,null,1720.66]
[null,null,null,null,"Итого c накладными и см. прибылью",null,null,null,null,null,7850.18]
["28\n*","ТССЦ-509-4614\nПриказ Администрации ЛО от 20.10.15 №28\nприменительно","Анкер химический (капсула с клеевым составом) Hilti HVU М24/210\n(шт.)",null,null,16,91.65,null,91.65,null,12552.38,null,null,12552.38,0,0,null,null,null,null,null,null,null,null,null,null,null,null,null,null,null,null,null,null,null,null,null,null,null,null,null,null,null,null,null,null,null,null,null,null,null,null,null,null,null,null,null,null,null,null,null,null,null,null,null,null,null,null,null,null,null,"Анкер химический (капсула с клеевым составом) Hilti HVU М24/210\n(шт.)"]
[null,"1","ИНДЕКС К ПОЗИЦИИ: СМР 1 квартал 2025г Минстрой ОЗП=22,53; ЭМ=11,42; ЗПМ=22,53; МАТ=8,56",null,null,null,null,null,null,null,null,null,null,null,null,null,null,null,null,null,null,null,null,null,null,null,null,null,null,null,null,null,null,null,null,null,null,null,null,null,null,null,null,null,null,null,null,null,null,null,null,null,null,null,null,null,null,null,null,null,null,null,null,null,null,null,null,null,null,null,null,null,null,"ИНДЕКС К ПОЗИЦИИ: СМР 1 квартал 2025г Минстрой ОЗП=22,53; ЭМ=11,42; ЗПМ=22,53; МАТ=8,56"]
["29\n*","ТССЦ-509-4617\nПриказ Администрации ЛО от 20.10.15 №28\nПрименительно","Шпилька анкерная Hilti: HIT-V-5,8 М24х450 (HAS) для использования с химическими анкерами HIT\n(шт.)",null,null,16,133.4,null,133.4,null,18270.46,null,null,18270.46,0,0,null,null,null,null,null,null,null,null,null,null,null,null,null,null,null,null,null,null,null,null,null,null,null,null,null,null,null,null,null,null,null,null,null,null,null,null,null,null,null,null,null,null,null,null,null,null,null,null,null,null,null,null,null,null,null,"Шпилька анкерная Hilti: HIT-V-5,8 М24х450 (HAS) для использования с химическими анкерами HIT\n(шт.)"]
[null,"1","ИНДЕКС К ПОЗИЦИИ: СМР 1 квартал 2025г Минстрой ОЗП=22,53; ЭМ=11,42; ЗПМ=22,53; МАТ=8,56",null,null,null,null,null,null,null,null,null,null,null,null,null,null,null,null,null,null,null,null,null,null,null,null,null,null,null,null,null,null,null,null,null,null,null,null,null,null,null,null,null,null,null,null,null,null,null,null,null,null,null,null,null,null,null,null,null,null,null,null,null,null,null,null,null,null,null,null,null,null,"ИНДЕКС К ПОЗИЦИИ: СМР 1 квартал 2025г Минстрой ОЗП=22,53; ЭМ=11,42; ЗПМ=22,53; МАТ=8,56"]
["30","ТЕР46-03-014-01\nПриказ Администрации ЛО от 20.10.15 №28","Сверление вертикальных отверстий в железобетонных конструкциях полов перфоратором глубиной 200 мм диаметром: 20 мм\n(100 отверстий)",null,null,0.08,"283,68\n127,19",156.49,null,null,372.22,229.25,142.97,null,7.87,0.63,null,null,null,null,null,null,null,null,null,null,null,null,null,null,null,null,null,null,null,null,null,null,null,null,null,null,null,null,null,null,null,null,null,null,null,null,null,null,null,null,null,null,null,null,null,null,null,null,null,null,null,null,null,null,null,"Сверление вертикальных отверстий в железобетонных конструкциях полов перфоратором глубиной 200 мм диаметром: 20 мм\n(100 отверстий)"]
[null,null,"Объем=8 / 100"]
[null,"421/пр_2020_прил.10_т.3_п.3_гр.3","Производство работ осуществляется на территории действующего предприятия с наличием в зоне производства работ одного или нескольких из следующих факторов:\n- разветвленная сеть транспортных и инженерных коммуникаций;\n- стесненные условия для складирования материалов;\n- действующее технологическое оборудование;\n- движение технологического транспорта ОЗП=1,15; ЭМ=1,15 к расх.; ЗПМ=1,15; ТЗ=1,15; ТЗМ=1,15",null,null,null,null,null,null,null,null,null,null,null,null,null,null,null,null,null,null,null,null,null,null,null,null,null,null,null,null,null,null,null,null,null,null,null,null,null,null,null,null,null,null,null,null,null,null,null,null,null,null,null,null,null,null,null,null,null,null,null,null,null,null,null,null,null,null,null,null,null,"Производство работ осуществляется на территории действующего предприятия с наличием в зоне производства работ одного или нескольких из следующих факторов:\n- разветвленная сеть транспортных и инженерных коммуникаций;\n- стесненные условия для складирования материалов;\n- действующее технологическое оборудование;\n- движение технологического транспорта ОЗП=1,15; ЭМ=1,15 к расх.; ЗПМ=1,15; ТЗ=1,15; ТЗМ=1,15"]
[null,"1","ИНДЕКС К ПОЗИЦИИ: СМР 1 квартал 2025г Минстрой ОЗП=22,53; ЭМ=11,42; ЗПМ=22,53; МАТ=8,56",null,null,null,null,null,null,null,null,null,null,null,null,null,null,null,null,null,null,null,null,null,null,null,null,null,null,null,null,null,null,null,null,null,null,null,null,null,null,null,null,null,null,null,null,null,null,null,null,null,null,null,null,null,null,null,null,null,null,null,null,null,null,null,null,null,null,null,null,null,null,"ИНДЕКС К ПОЗИЦИИ: СМР 1 квартал 2025г Минстрой ОЗП=22,53; ЭМ=11,42; ЗПМ=22,53; МАТ=8,56"]
[null,null,null,null,"Накладные расходы 103% ФОТ (от 229,25)",null,null,null,null,null,236.13]
[null,null,null,null,"Сметная прибыль 59% ФОТ (от 229,25)",null,null,null,null,null,135.26]
[null,null,null,null,"Итого c накладными и см. прибылью",null,null,null,null,null,743.61]
["31","ТЕР46-03-014-14\nПриказ Администрации ЛО от 20.10.15 №28","На каждые 10 мм изменения глубины сверления добавлять или исключать: к расценке 46-03-014-01\n(100 отверстий)",null,null,-0.08,"125,47\n50,26",75.209999999999994,null,null,-159.29,-90.58,-68.709999999999994,null,3.11,-0.25,null,null,null,null,null,null,null,null,null,null,null,null,null,null,null,null,null,null,null,null,null,null,null,null,null,null,null,null,null,null,null,null,null,null,null,null,null,null,null,null,null,null,null,null,null,null,null,null,null,null,null,null,null,null,null,"На каждые 10 мм изменения глубины сверления добавлять или исключать: к расценке 46-03-014-01\n(100 отверстий)"]
[null,null,"Объем=-8 / 100"]
[null,null,"глубина 100: 200-100=100/10=10 ПЗ=10 (ОЗП=10; ЭМ=10 к расх.; ЗПМ=10; МАТ=10 к расх.; ТЗ=10; ТЗМ=10)",null,null,null,null,null,null,null,null,null,null,null,null,null,null,null,null,null,null,null,null,null,null,null,null,null,null,null,null,null,null,null,null,null,null,null,null,null,null,null,null,null,null,null,null,null,null,null,null,null,null,null,null,null,null,null,null,null,null,null,null,null,null,null,null,null,null,null,null,null,"глубина 100: 200-100=100/10=10 ПЗ=10 (ОЗП=10; ЭМ=10 к расх.; ЗПМ=10; МАТ=10 к расх.; ТЗ=10; ТЗМ=10)"]
[null,"421/пр_2020_прил.10_т.3_п.3_гр.3","Производство работ осуществляется на территории действующего предприятия с наличием в зоне производства работ одного или нескольких из следующих факторов:\n- разветвленная сеть транспортных и инженерных коммуникаций;\n- стесненные условия для складирования материалов;\n- действующее технологическое оборудование;\n- движение технологического транспорта ОЗП=1,15; ЭМ=1,15 к расх.; ЗПМ=1,15; ТЗ=1,15; ТЗМ=1,15",null,null,null,null,null,null,null,null,null,null,null,null,null,null,null,null,null,null,null,null,null,null,null,null,null,null,null,null,null,null,null,null,null,null,null,null,null,null,null,null,null,null,null,null,null,null,null,null,null,null,null,null,null,null,null,null,null,null,null,null,null,null,null,null,null,null,null,null,null,"Производство работ осуществляется на территории действующего предприятия с наличием в зоне производства работ одного или нескольких из следующих факторов:\n- разветвленная сеть транспортных и инженерных коммуникаций;\n- стесненные условия для складирования материалов;\n- действующее технологическое оборудование;\n- движение технологического транспорта ОЗП=1,15; ЭМ=1,15 к расх.; ЗПМ=1,15; ТЗ=1,15; ТЗМ=1,15"]
[null,"1","ИНДЕКС К ПОЗИЦИИ: СМР 1 квартал 2025г Минстрой ОЗП=22,53; ЭМ=11,42; ЗПМ=22,53; МАТ=8,56",null,null,null,null,null,null,null,null,null,null,null,null,null,null,null,null,null,null,null,null,null,null,null,null,null,null,null,null,null,null,null,null,null,null,null,null,null,null,null,null,null,null,null,null,null,null,null,null,null,null,null,null,null,null,null,null,null,null,null,null,null,null,null,null,null,null,null,null,null,null,"ИНДЕКС К ПОЗИЦИИ: СМР 1 квартал 2025г Минстрой ОЗП=22,53; ЭМ=11,42; ЗПМ=22,53; МАТ=8,56"]
[null,null,null,null,"Накладные расходы 103% ФОТ (от -90,58)",null,null,null,null,null,-93.3]
[null,null,null,null,"Сметная прибыль 59% ФОТ (от -90,58)",null,null,null,null,null,-53.44]
[null,null,null,null,"Итого c накладными и см. прибылью",null,null,null,null,null,-306.02999999999997]
["32","ТЕР06-01-015-03\nПриказ Администрации ЛО от 20.10.15 №28","Установка анкерных болтов: при бетонировании со связями из арматуры\n(1 т)",null,null,2.317E-3,"12 378,70\n2 544,10","90,06\n6,21",9744.5400000000009,null,328.46,132.81,"2,38\n0,32",193.27,147.91,0.34,null,null,null,null,null,null,null,null,null,null,null,null,null,null,null,null,null,null,null,null,null,null,null,null,null,null,null,null,null,null,null,null,null,null,null,null,null,null,null,null,null,null,null,null,null,null,null,null,null,null,null,null,null,null,null,"Установка анкерных болтов: при бетонировании со связями из арматуры\n(1 т)"]
[null,null,"Объем=(1,664+0,515+0,138)*0,001"]
[null,"421/пр_2020_прил.10_т.3_п.3_гр.3","Производство работ осуществляется на территории действующего предприятия с наличием в зоне производства работ одного или нескольких из следующих факторов:\n- разветвленная сеть транспортных и инженерных коммуникаций;\n- стесненные условия для складирования материалов;\n- действующее технологическое оборудование;\n- движение технологического транспорта ОЗП=1,15; ЭМ=1,15 к расх.; ЗПМ=1,15; ТЗ=1,15; ТЗМ=1,15",null,null,null,null,null,null,null,null,null,null,null,null,null,null,null,null,null,null,null,null,null,null,null,null,null,null,null,null,null,null,null,null,null,null,null,null,null,null,null,null,null,null,null,null,null,null,null,null,null,null,null,null,null,null,null,null,null,null,null,null,null,null,null,null,null,null,null,null,null,"Производство работ осуществляется на территории действующего предприятия с наличием в зоне производства работ одного или нескольких из следующих факторов:\n- разветвленная сеть транспортных и инженерных коммуникаций;\n- стесненные условия для складирования материалов;\n- действующее технологическое оборудование;\n- движение технологического транспорта ОЗП=1,15; ЭМ=1,15 к расх.; ЗПМ=1,15; ТЗ=1,15; ТЗМ=1,15"]
[null,"1","ИНДЕКС К ПОЗИЦИИ: СМР 1 квартал 2025г Минстрой ОЗП=22,53; ЭМ=11,42; ЗПМ=22,53; МАТ=8,56",null,null,null,null,null,null,null,null,null,null,null,null,null,null,null,null,null,null,null,null,null,null,null,null,null,null,null,null,null,null,null,null,null,null,null,null,null,null,null,null,null,null,null,null,null,null,null,null,null,null,null,null,null,null,null,null,null,null,null,null,null,null,null,null,null,null,null,null,null,null,"ИНДЕКС К ПОЗИЦИИ: СМР 1 квартал 2025г Минстрой ОЗП=22,53; ЭМ=11,42; ЗПМ=22,53; МАТ=8,56"]
[null,null,null,null,"Накладные расходы 102% ФОТ (от 133,13)",null,null,null,null,null,135.79]
[null,null,null,null,"Сметная прибыль 58% ФОТ (от 133,13)",null,null,null,null,null,77.22]
[null,null,null,null,"Итого c накладными и см. прибылью",null,null,null,null,null,541.47]
["Крепление тормазных упоров мобильного бункера",null,null,null,null,null,null,null,null,null,null,null,null,null,null,null,null,null,null,null,null,null,null,null,null,null,null,null,null,null,null,null,null,null,null,null,null,null,null,null,null,null,null,null,null,null,null,null,null,null,null,null,null,null,null,null,null,null,null,null,null,null,null,null,null,null,null,null,null,null,null,null,null,null,"Крепление тормазных упоров мобильного бункера"]
["33","ТЕР46-08-012-05\nПриказ Администрации ЛО от 20.10.15 №28","Установка анкеров в отверстия глубиной 100 мм с применением смесей серии MASTERFLOW, диаметр анкера: 20 мм и более\n(100 шт.)",null,null,0.18,"341,59\n296,60",44.99,null,null,1295.3,1202.82,92.48,null,18.34,3.3,null,null,null,null,null,null,null,null,null,null,null,null,null,null,null,null,null,null,null,null,null,null,null,null,null,null,null,null,null,null,null,null,null,null,null,null,null,null,null,null,null,null,null,null,null,null,null,null,null,null,null,null,null,null,null,"Установка анкеров в отверстия глубиной 100 мм с применением смесей серии MASTERFLOW, диаметр анкера: 20 мм и более\n(100 шт.)"]
[null,null,"Объем=18 / 100"]
[null,"421/пр_2020_прил.10_т.3_п.3_гр.3","Производство работ осуществляется на территории действующего предприятия с наличием в зоне производства работ одного или нескольких из следующих факторов:\n- разветвленная сеть транспортных и инженерных коммуникаций;\n- стесненные условия для складирования материалов;\n- действующее технологическое оборудование;\n- движение технологического транспорта ОЗП=1,15; ЭМ=1,15 к расх.; ЗПМ=1,15; ТЗ=1,15; ТЗМ=1,15",null,null,null,null,null,null,null,null,null,null,null,null,null,null,null,null,null,null,null,null,null,null,null,null,null,null,null,null,null,null,null,null,null,null,null,null,null,null,null,null,null,null,null,null,null,null,null,null,null,null,null,null,null,null,null,null,null,null,null,null,null,null,null,null,null,null,null,null,null,"Производство работ осуществляется на территории действующего предприятия с наличием в зоне производства работ одного или нескольких из следующих факторов:\n- разветвленная сеть транспортных и инженерных коммуникаций;\n- стесненные условия для складирования материалов;\n- действующее технологическое оборудование;\n- движение технологического транспорта ОЗП=1,15; ЭМ=1,15 к расх.; ЗПМ=1,15; ТЗ=1,15; ТЗМ=1,15"]
[null,"1","ИНДЕКС К ПОЗИЦИИ: СМР 1 квартал 2025г Минстрой ОЗП=22,53; ЭМ=11,42; ЗПМ=22,53; МАТ=8,56",null,null,null,null,null,null,null,null,null,null,null,null,null,null,null,null,null,null,null,null,null,null,null,null,null,null,null,null,null,null,null,null,null,null,null,null,null,null,null,null,null,null,null,null,null,null,null,null,null,null,null,null,null,null,null,null,null,null,null,null,null,null,null,null,null,null,null,null,null,null,"ИНДЕКС К ПОЗИЦИИ: СМР 1 квартал 2025г Минстрой ОЗП=22,53; ЭМ=11,42; ЗПМ=22,53; МАТ=8,56"]
[null,null,null,null,"Накладные расходы 103% ФОТ (от 1 202,82)",null,null,null,null,null,1238.9000000000001]
[null,null,null,null,"Сметная прибыль 59% ФОТ (от 1 202,82)",null,null,null,null,null,709.66]
[null,null,null,null,"Итого c накладными и см. прибылью",null,null,null,null,null,3243.86]
["34","ТЕР46-08-012-10\nПриказ Администрации ЛО от 20.10.15 №28","На каждые 10 мм изменения глубины отверстия добавлять (уменьшать) к расценке: 46-08-012-05\n(100 шт.)",null,null,0.18,"923,57\n809,03",114.54,null,null,3516.37,3280.92,235.45,null,50.03,9,null,null,null,null,null,null,null,null,null,null,null,null,null,null,null,null,null,null,null,null,null,null,null,null,null,null,null,null,null,null,null,null,null,null,null,null,null,null,null,null,null,null,null,null,null,null,null,null,null,null,null,null,null,null,null,"На каждые 10 мм изменения глубины отверстия добавлять (уменьшать) к расценке: 46-08-012-05\n(100 шт.)"]
[null,null,"Объем=18 / 100"]
[null,null,"глубина 400: 400-100=300/10=30 ПЗ=30 (ОЗП=30; ЭМ=30 к расх.; ЗПМ=30; МАТ=30 к расх.; ТЗ=30; ТЗМ=30)",null,null,null,null,null,null,null,null,null,null,null,null,null,null,null,null,null,null,null,null,null,null,null,null,null,null,null,null,null,null,null,null,null,null,null,null,null,null,null,null,null,null,null,null,null,null,null,null,null,null,null,null,null,null,null,null,null,null,null,null,null,null,null,null,null,null,null,null,null,"глубина 400: 400-100=300/10=30 ПЗ=30 (ОЗП=30; ЭМ=30 к расх.; ЗПМ=30; МАТ=30 к расх.; ТЗ=30; ТЗМ=30)"]
[null,"421/пр_2020_прил.10_т.3_п.3_гр.3","Производство работ осуществляется на территории действующего предприятия с наличием в зоне производства работ одного или нескольких из следующих факторов:\n- разветвленная сеть транспортных и инженерных коммуникаций;\n- стесненные условия для складирования материалов;\n- действующее технологическое оборудование;\n- движение технологического транспорта ОЗП=1,15; ЭМ=1,15 к расх.; ЗПМ=1,15; ТЗ=1,15; ТЗМ=1,15",null,null,null,null,null,null,null,null,null,null,null,null,null,null,null,null,null,null,null,null,null,null,null,null,null,null,null,null,null,null,null,null,null,null,null,null,null,null,null,null,null,null,null,null,null,null,null,null,null,null,null,null,null,null,null,null,null,null,null,null,null,null,null,null,null,null,null,null,null,"Производство работ осуществляется на территории действующего предприятия с наличием в зоне производства работ одного или нескольких из следующих факторов:\n- разветвленная сеть транспортных и инженерных коммуникаций;\n- стесненные условия для складирования материалов;\n- действующее технологическое оборудование;\n- движение технологического транспорта ОЗП=1,15; ЭМ=1,15 к расх.; ЗПМ=1,15; ТЗ=1,15; ТЗМ=1,15"]
[null,"1","ИНДЕКС К ПОЗИЦИИ: СМР 1 квартал 2025г Минстрой ОЗП=22,53; ЭМ=11,42; ЗПМ=22,53; МАТ=8,56",null,null,null,null,null,null,null,null,null,null,null,null,null,null,null,null,null,null,null,null,null,null,null,null,null,null,null,null,null,null,null,null,null,null,null,null,null,null,null,null,null,null,null,null,null,null,null,null,null,null,null,null,null,null,null,null,null,null,null,null,null,null,null,null,null,null,null,null,null,null,"ИНДЕКС К ПОЗИЦИИ: СМР 1 квартал 2025г Минстрой ОЗП=22,53; ЭМ=11,42; ЗПМ=22,53; МАТ=8,56"]
[null,null,null,null,"Накладные расходы 103% ФОТ (от 3 280,92)",null,null,null,null,null,3379.35]
[null,null,null,null,"Сметная прибыль 59% ФОТ (от 3 280,92)",null,null,null,null,null,1935.74]
[null,null,null,null,"Итого c накладными и см. прибылью",null,null,null,null,null,8831.4599999999991]
["35\n*","ТССЦ-509-4614\nПриказ Администрации ЛО от 20.10.15 №28\nприменительно","Анкер химический (капсула с клеевым составом) Hilti HVU М24/210\n(шт.)",null,null,18,91.65,null,91.65,null,14121.43,null,null,14121.43,0,0,null,null,null,null,null,null,null,null,null,null,null,null,null,null,null,null,null,null,null,null,null,null,null,null,null,null,null,null,null,null,null,null,null,null,null,null,null,null,null,null,null,null,null,null,null,null,null,null,null,null,null,null,null,null,null,"Анкер химический (капсула с клеевым составом) Hilti HVU М24/210\n(шт.)"]
[null,"1","ИНДЕКС К ПОЗИЦИИ: СМР 1 квартал 2025г Минстрой ОЗП=22,53; ЭМ=11,42; ЗПМ=22,53; МАТ=8,56",null,null,null,null,null,null,null,null,null,null,null,null,null,null,null,null,null,null,null,null,null,null,null,null,null,null,null,null,null,null,null,null,null,null,null,null,null,null,null,null,null,null,null,null,null,null,null,null,null,null,null,null,null,null,null,null,null,null,null,null,null,null,null,null,null,null,null,null,null,null,"ИНДЕКС К ПОЗИЦИИ: СМР 1 квартал 2025г Минстрой ОЗП=22,53; ЭМ=11,42; ЗПМ=22,53; МАТ=8,56"]
["36\n*","ТССЦ-509-4617\nПриказ Администрации ЛО от 20.10.15 №28\nПрименительно","Шпилька анкерная Hilti: HIT-V-5,8 М24х450 (HAS) для использования с химическими анкерами HIT\n(шт.)",null,null,18,133.4,null,133.4,null,20554.27,null,null,20554.27,0,0,null,null,null,null,null,null,null,null,null,null,null,null,null,null,null,null,null,null,null,null,null,null,null,null,null,null,null,null,null,null,null,null,null,null,null,null,null,null,null,null,null,null,null,null,null,null,null,null,null,null,null,null,null,null,null,"Шпилька анкерная Hilti: HIT-V-5,8 М24х450 (HAS) для использования с химическими анкерами HIT\n(шт.)"]
[null,"1","ИНДЕКС К ПОЗИЦИИ: СМР 1 квартал 2025г Минстрой ОЗП=22,53; ЭМ=11,42; ЗПМ=22,53; МАТ=8,56",null,null,null,null,null,null,null,null,null,null,null,null,null,null,null,null,null,null,null,null,null,null,null,null,null,null,null,null,null,null,null,null,null,null,null,null,null,null,null,null,null,null,null,null,null,null,null,null,null,null,null,null,null,null,null,null,null,null,null,null,null,null,null,null,null,null,null,null,null,null,"ИНДЕКС К ПОЗИЦИИ: СМР 1 квартал 2025г Минстрой ОЗП=22,53; ЭМ=11,42; ЗПМ=22,53; МАТ=8,56"]
["37","ТЕР46-03-014-01\nПриказ Администрации ЛО от 20.10.15 №28","Сверление вертикальных отверстий в железобетонных конструкциях полов перфоратором глубиной 200 мм диаметром: 20 мм\n(100 отверстий)",null,null,0.18,"283,68\n127,19",156.49,null,null,837.49,515.80999999999995,321.68,null,7.87,1.42,null,null,null,null,null,null,null,null,null,null,null,null,null,null,null,null,null,null,null,null,null,null,null,null,null,null,null,null,null,null,null,null,null,null,null,null,null,null,null,null,null,null,null,null,null,null,null,null,null,null,null,null,null,null,null,"Сверление вертикальных отверстий в железобетонных конструкциях полов перфоратором глубиной 200 мм диаметром: 20 мм\n(100 отверстий)"]
[null,null,"Объем=18 / 100"]
[null,"421/пр_2020_прил.10_т.3_п.3_гр.3","Производство работ осуществляется на территории действующего предприятия с наличием в зоне производства работ одного или нескольких из следующих факторов:\n- разветвленная сеть транспортных и инженерных коммуникаций;\n- стесненные условия для складирования материалов;\n- действующее технологическое оборудование;\n- движение технологического транспорта ОЗП=1,15; ЭМ=1,15 к расх.; ЗПМ=1,15; ТЗ=1,15; ТЗМ=1,15",null,null,null,null,null,null,null,null,null,null,null,null,null,null,null,null,null,null,null,null,null,null,null,null,null,null,null,null,null,null,null,null,null,null,null,null,null,null,null,null,null,null,null,null,null,null,null,null,null,null,null,null,null,null,null,null,null,null,null,null,null,null,null,null,null,null,null,null,null,"Производство работ осуществляется на территории действующего предприятия с наличием в зоне производства работ одного или нескольких из следующих факторов:\n- разветвленная сеть транспортных и инженерных коммуникаций;\n- стесненные условия для складирования материалов;\n- действующее технологическое оборудование;\n- движение технологического транспорта ОЗП=1,15; ЭМ=1,15 к расх.; ЗПМ=1,15; ТЗ=1,15; ТЗМ=1,15"]
[null,"1","ИНДЕКС К ПОЗИЦИИ: СМР 1 квартал 2025г Минстрой ОЗП=22,53; ЭМ=11,42; ЗПМ=22,53; МАТ=8,56",null,null,null,null,null,null,null,null,null,null,null,null,null,null,null,null,null,null,null,null,null,null,null,null,null,null,null,null,null,null,null,null,null,null,null,null,null,null,null,null,null,null,null,null,null,null,null,null,null,null,null,null,null,null,null,null,null,null,null,null,null,null,null,null,null,null,null,null,null,null,"ИНДЕКС К ПОЗИЦИИ: СМР 1 квартал 2025г Минстрой ОЗП=22,53; ЭМ=11,42; ЗПМ=22,53; МАТ=8,56"]
[null,null,null,null,"Накладные расходы 103% ФОТ (от 515,81)",null,null,null,null,null,531.28]
[null,null,null,null,"Сметная прибыль 59% ФОТ (от 515,81)",null,null,null,null,null,304.33]
[null,null,null,null,"Итого c накладными и см. прибылью",null,null,null,null,null,1673.1]
["38","ТЕР46-03-014-14\nПриказ Администрации ЛО от 20.10.15 №28","На каждые 10 мм изменения глубины сверления добавлять или исключать: к расценке 46-03-014-01\n(100 отверстий)",null,null,-0.18,"125,47\n50,26",75.209999999999994,null,null,-358.4,-203.8,-154.6,null,3.11,-0.56000000000000005,null,null,null,null,null,null,null,null,null,null,null,null,null,null,null,null,null,null,null,null,null,null,null,null,null,null,null,null,null,null,null,null,null,null,null,null,null,null,null,null,null,null,null,null,null,null,null,null,null,null,null,null,null,null,null,"На каждые 10 мм изменения глубины сверления добавлять или исключать: к расценке 46-03-014-01\n(100 отверстий)"]
[null,null,"Объем=-18 / 100"]
[null,null,"глубина 100: 200-100=100/10=10 ПЗ=10 (ОЗП=10; ЭМ=10 к расх.; ЗПМ=10; МАТ=10 к расх.; ТЗ=10; ТЗМ=10)",null,null,null,null,null,null,null,null,null,null,null,null,null,null,null,null,null,null,null,null,null,null,null,null,null,null,null,null,null,null,null,null,null,null,null,null,null,null,null,null,null,null,null,null,null,null,null,null,null,null,null,null,null,null,null,null,null,null,null,null,null,null,null,null,null,null,null,null,null,"глубина 100: 200-100=100/10=10 ПЗ=10 (ОЗП=10; ЭМ=10 к расх.; ЗПМ=10; МАТ=10 к расх.; ТЗ=10; ТЗМ=10)"]
[null,"421/пр_2020_прил.10_т.3_п.3_гр.3","Производство работ осуществляется на территории действующего предприятия с наличием в зоне производства работ одного или нескольких из следующих факторов:\n- разветвленная сеть транспортных и инженерных коммуникаций;\n- стесненные условия для складирования материалов;\n- действующее технологическое оборудование;\n- движение технологического транспорта ОЗП=1,15; ЭМ=1,15 к расх.; ЗПМ=1,15; ТЗ=1,15; ТЗМ=1,15",null,null,null,null,null,null,null,null,null,null,null,null,null,null,null,null,null,null,null,null,null,null,null,null,null,null,null,null,null,null,null,null,null,null,null,null,null,null,null,null,null,null,null,null,null,null,null,null,null,null,null,null,null,null,null,null,null,null,null,null,null,null,null,null,null,null,null,null,null,"Производство работ осуществляется на территории действующего предприятия с наличием в зоне производства работ одного или нескольких из следующих факторов:\n- разветвленная сеть транспортных и инженерных коммуникаций;\n- стесненные условия для складирования материалов;\n- действующее технологическое оборудование;\n- движение технологического транспорта ОЗП=1,15; ЭМ=1,15 к расх.; ЗПМ=1,15; ТЗ=1,15; ТЗМ=1,15"]
[null,"1","ИНДЕКС К ПОЗИЦИИ: СМР 1 квартал 2025г Минстрой ОЗП=22,53; ЭМ=11,42; ЗПМ=22,53; МАТ=8,56",null,null,null,null,null,null,null,null,null,null,null,null,null,null,null,null,null,null,null,null,null,null,null,null,null,null,null,null,null,null,null,null,null,null,null,null,null,null,null,null,null,null,null,null,null,null,null,null,null,null,null,null,null,null,null,null,null,null,null,null,null,null,null,null,null,null,null,null,null,null,"ИНДЕКС К ПОЗИЦИИ: СМР 1 квартал 2025г Минстрой ОЗП=22,53; ЭМ=11,42; ЗПМ=22,53; МАТ=8,56"]
[null,null,null,null,"Накладные расходы 103% ФОТ (от -203,80)",null,null,null,null,null,-209.91]
[null,null,null,null,"Сметная прибыль 59% ФОТ (от -203,80)",null,null,null,null,null,-120.24]
[null,null,null,null,"Итого c накладными и см. прибылью",null,null,null,null,null,-688.55]
["39","ТЕР06-01-015-03\nПриказ Администрации ЛО от 20.10.15 №28","Установка анкерных болтов: при бетонировании со связями из арматуры\n(1 т)",null,null,4.0860000000000002E-3,"12 378,70\n2 544,10","90,06\n6,21",9744.5400000000009,null,579.23,234.2,"4,20\n0,57",340.83,147.91,0.6,null,null,null,null,null,null,null,null,null,null,null,null,null,null,null,null,null,null,null,null,null,null,null,null,null,null,null,null,null,null,null,null,null,null,null,null,null,null,null,null,null,null,null,null,null,null,null,null,null,null,null,null,null,null,null,"Установка анкерных болтов: при бетонировании со связями из арматуры\n(1 т)"]
[null,null,"Объем=(2,628+1,152+0,306)*0,001"]
[null,"421/пр_2020_прил.10_т.3_п.3_гр.3","Производство работ осуществляется на территории действующего предприятия с наличием в зоне производства работ одного или нескольких из следующих факторов:\n- разветвленная сеть транспортных и инженерных коммуникаций;\n- стесненные условия для складирования материалов;\n- действующее технологическое оборудование;\n- движение технологического транспорта ОЗП=1,15; ЭМ=1,15 к расх.; ЗПМ=1,15; ТЗ=1,15; ТЗМ=1,15",null,null,null,null,null,null,null,null,null,null,null,null,null,null,null,null,null,null,null,null,null,null,null,null,null,null,null,null,null,null,null,null,null,null,null,null,null,null,null,null,null,null,null,null,null,null,null,null,null,null,null,null,null,null,null,null,null,null,null,null,null,null,null,null,null,null,null,null,null,"Производство работ осуществляется на территории действующего предприятия с наличием в зоне производства работ одного или нескольких из следующих факторов:\n- разветвленная сеть транспортных и инженерных коммуникаций;\n- стесненные условия для складирования материалов;\n- действующее технологическое оборудование;\n- движение технологического транспорта ОЗП=1,15; ЭМ=1,15 к расх.; ЗПМ=1,15; ТЗ=1,15; ТЗМ=1,15"]
[null,"1","ИНДЕКС К ПОЗИЦИИ: СМР 1 квартал 2025г Минстрой ОЗП=22,53; ЭМ=11,42; ЗПМ=22,53; МАТ=8,56",null,null,null,null,null,null,null,null,null,null,null,null,null,null,null,null,null,null,null,null,null,null,null,null,null,null,null,null,null,null,null,null,null,null,null,null,null,null,null,null,null,null,null,null,null,null,null,null,null,null,null,null,null,null,null,null,null,null,null,null,null,null,null,null,null,null,null,null,null,null,"ИНДЕКС К ПОЗИЦИИ: СМР 1 квартал 2025г Минстрой ОЗП=22,53; ЭМ=11,42; ЗПМ=22,53; МАТ=8,56"]
[null,null,null,null,"Накладные расходы 102% ФОТ (от 234,77)",null,null,null,null,null,239.47]
[null,null,null,null,"Сметная прибыль 58% ФОТ (от 234,77)",null,null,null,null,null,136.16999999999999]
[null,null,null,null,"Итого c накладными и см. прибылью",null,null,null,null,null,954.87]
["Крепление стоек вертикального гравитационного натяжного устройства к ростверку",null,null,null,null,null,null,null,null,null,null,null,null,null,null,null,null,null,null,null,null,null,null,null,null,null,null,null,null,null,null,null,null,null,null,null,null,null,null,null,null,null,null,null,null,null,null,null,null,null,null,null,null,null,null,null,null,null,null,null,null,null,null,null,null,null,null,null,null,null,null,null,null,null,"Крепление стоек вертикального гравитационного натяжного устройства к ростверку"]
["40","ТЕР46-08-012-01\nПриказ Администрации ЛО от 20.10.15 №28","Установка анкеров в отверстия глубиной 100 мм с применением смесей серии MASTERFLOW, диаметр анкера: до 8 мм\n(100 шт.)",null,null,0.04,"140,67\n124,03",16.64,null,null,119.37,111.77,7.6,null,7.67,0.31,null,null,null,null,null,null,null,null,null,null,null,null,null,null,null,null,null,null,null,null,null,null,null,null,null,null,null,null,null,null,null,null,null,null,null,null,null,null,null,null,null,null,null,null,null,null,null,null,null,null,null,null,null,null,null,"Установка анкеров в отверстия глубиной 100 мм с применением смесей серии MASTERFLOW, диаметр анкера: до 8 мм\n(100 шт.)"]
[null,null,"Объем=4 / 100"]
[null,"421/пр_2020_прил.10_т.3_п.3_гр.3","Производство работ осуществляется на территории действующего предприятия с наличием в зоне производства работ одного или нескольких из следующих факторов:\n- разветвленная сеть транспортных и инженерных коммуникаций;\n- стесненные условия для складирования материалов;\n- действующее технологическое оборудование;\n- движение технологического транспорта ОЗП=1,15; ЭМ=1,15 к расх.; ЗПМ=1,15; ТЗ=1,15; ТЗМ=1,15",null,null,null,null,null,null,null,null,null,null,null,null,null,null,null,null,null,null,null,null,null,null,null,null,null,null,null,null,null,null,null,null,null,null,null,null,null,null,null,null,null,null,null,null,null,null,null,null,null,null,null,null,null,null,null,null,null,null,null,null,null,null,null,null,null,null,null,null,null,"Производство работ осуществляется на территории действующего предприятия с наличием в зоне производства работ одного или нескольких из следующих факторов:\n- разветвленная сеть транспортных и инженерных коммуникаций;\n- стесненные условия для складирования материалов;\n- действующее технологическое оборудование;\n- движение технологического транспорта ОЗП=1,15; ЭМ=1,15 к расх.; ЗПМ=1,15; ТЗ=1,15; ТЗМ=1,15"]
[null,"1","ИНДЕКС К ПОЗИЦИИ: СМР 1 квартал 2025г Минстрой ОЗП=22,53; ЭМ=11,42; ЗПМ=22,53; МАТ=8,56",null,null,null,null,null,null,null,null,null,null,null,null,null,null,null,null,null,null,null,null,null,null,null,null,null,null,null,null,null,null,null,null,null,null,null,null,null,null,null,null,null,null,null,null,null,null,null,null,null,null,null,null,null,null,null,null,null,null,null,null,null,null,null,null,null,null,null,null,null,null,"ИНДЕКС К ПОЗИЦИИ: СМР 1 квартал 2025г Минстрой ОЗП=22,53; ЭМ=11,42; ЗПМ=22,53; МАТ=8,56"]
[null,null,null,null,"Накладные расходы 103% ФОТ (от 111,77)",null,null,null,null,null,115.12]
[null,null,null,null,"Сметная прибыль 59% ФОТ (от 111,77)",null,null,null,null,null,65.94]
[null,null,null,null,"Итого c накладными и см. прибылью",null,null,null,null,null,300.43]
["41","ТЕР46-08-012-06\nПриказ Администрации ЛО от 20.10.15 №28","На каждые 10 мм изменения глубины отверстия добавлять (уменьшать) к расценке: 46-08-012-01\n(100 шт.)",null,null,0.04,"362,25\n318,09",44.16,null,null,306.83,286.66000000000003,20.170000000000002,null,19.670000000000002,0.79,null,null,null,null,null,null,null,null,null,null,null,null,null,null,null,null,null,null,null,null,null,null,null,null,null,null,null,null,null,null,null,null,null,null,null,null,null,null,null,null,null,null,null,null,null,null,null,null,null,null,null,null,null,null,null,"На каждые 10 мм изменения глубины отверстия добавлять (уменьшать) к расценке: 46-08-012-01\n(100 шт.)"]
[null,null,"Объем=4 / 100"]
[null,null,"глубина 400: 400-100=300/10=30 ПЗ=30 (ОЗП=30; ЭМ=30 к расх.; ЗПМ=30; МАТ=30 к расх.; ТЗ=30; ТЗМ=30)",null,null,null,null,null,null,null,null,null,null,null,null,null,null,null,null,null,null,null,null,null,null,null,null,null,null,null,null,null,null,null,null,null,null,null,null,null,null,null,null,null,null,null,null,null,null,null,null,null,null,null,null,null,null,null,null,null,null,null,null,null,null,null,null,null,null,null,null,null,"глубина 400: 400-100=300/10=30 ПЗ=30 (ОЗП=30; ЭМ=30 к расх.; ЗПМ=30; МАТ=30 к расх.; ТЗ=30; ТЗМ=30)"]
[null,"421/пр_2020_прил.10_т.3_п.3_гр.3","Производство работ осуществляется на территории действующего предприятия с наличием в зоне производства работ одного или нескольких из следующих факторов:\n- разветвленная сеть транспортных и инженерных коммуникаций;\n- стесненные условия для складирования материалов;\n- действующее технологическое оборудование;\n- движение технологического транспорта ОЗП=1,15; ЭМ=1,15 к расх.; ЗПМ=1,15; ТЗ=1,15; ТЗМ=1,15",null,null,null,null,null,null,null,null,null,null,null,null,null,null,null,null,null,null,null,null,null,null,null,null,null,null,null,null,null,null,null,null,null,null,null,null,null,null,null,null,null,null,null,null,null,null,null,null,null,null,null,null,null,null,null,null,null,null,null,null,null,null,null,null,null,null,null,null,null,"Производство работ осуществляется на территории действующего предприятия с наличием в зоне производства работ одного или нескольких из следующих факторов:\n- разветвленная сеть транспортных и инженерных коммуникаций;\n- стесненные условия для складирования материалов;\n- действующее технологическое оборудование;\n- движение технологического транспорта ОЗП=1,15; ЭМ=1,15 к расх.; ЗПМ=1,15; ТЗ=1,15; ТЗМ=1,15"]
[null,"1","ИНДЕКС К ПОЗИЦИИ: СМР 1 квартал 2025г Минстрой ОЗП=22,53; ЭМ=11,42; ЗПМ=22,53; МАТ=8,56",null,null,null,null,null,null,null,null,null,null,null,null,null,null,null,null,null,null,null,null,null,null,null,null,null,null,null,null,null,null,null,null,null,null,null,null,null,null,null,null,null,null,null,null,null,null,null,null,null,null,null,null,null,null,null,null,null,null,null,null,null,null,null,null,null,null,null,null,null,null,"ИНДЕКС К ПОЗИЦИИ: СМР 1 квартал 2025г Минстрой ОЗП=22,53; ЭМ=11,42; ЗПМ=22,53; МАТ=8,56"]
[null,null,null,null,"Накладные расходы 103% ФОТ (от 286,66)",null,null,null,null,null,295.26]
[null,null,null,null,"Сметная прибыль 59% ФОТ (от 286,66)",null,null,null,null,null,169.13]
[null,null,null,null,"Итого c накладными и см. прибылью",null,null,null,null,null,771.22]
["42\n*","ТССЦ-509-2631\nПриказ Администрации ЛО от 20.10.15 №28\nПрименительно","Капсула с клеевым составом Hilti HVU-TZ M20\n(шт.)",null,null,4,35.28,null,35.28,null,1207.99,null,null,1207.99,0,0,null,null,null,null,null,null,null,null,null,null,null,null,null,null,null,null,null,null,null,null,null,null,null,null,null,null,null,null,null,null,null,null,null,null,null,null,null,null,null,null,null,null,null,null,null,null,null,null,null,null,null,null,null,null,null,"Капсула с клеевым составом Hilti HVU-TZ M20\n(шт.)"]
[null,"1","ИНДЕКС К ПОЗИЦИИ: СМР 1 квартал 2025г Минстрой ОЗП=22,53; ЭМ=11,42; ЗПМ=22,53; МАТ=8,56",null,null,null,null,null,null,null,null,null,null,null,null,null,null,null,null,null,null,null,null,null,null,null,null,null,null,null,null,null,null,null,null,null,null,null,null,null,null,null,null,null,null,null,null,null,null,null,null,null,null,null,null,null,null,null,null,null,null,null,null,null,null,null,null,null,null,null,null,null,null,"ИНДЕКС К ПОЗИЦИИ: СМР 1 квартал 2025г Минстрой ОЗП=22,53; ЭМ=11,42; ЗПМ=22,53; МАТ=8,56"]
["43\n*","ТССЦ-509-4616\nПриказ Администрации ЛО от 20.10.15 №28\nПрименительно","Шпилька анкерная Hilti: HIT-V-5,8 М16х300 (HAS) для использования с химическими анкерами HIT\n(шт.)",null,null,4,40.090000000000003,null,40.090000000000003,null,1372.68,null,null,1372.68,0,0,null,null,null,null,null,null,null,null,null,null,null,null,null,null,null,null,null,null,null,null,null,null,null,null,null,null,null,null,null,null,null,null,null,null,null,null,null,null,null,null,null,null,null,null,null,null,null,null,null,null,null,null,null,null,null,"Шпилька анкерная Hilti: HIT-V-5,8 М16х300 (HAS) для использования с химическими анкерами HIT\n(шт.)"]
[null,"1","ИНДЕКС К ПОЗИЦИИ: СМР 1 квартал 2025г Минстрой ОЗП=22,53; ЭМ=11,42; ЗПМ=22,53; МАТ=8,56",null,null,null,null,null,null,null,null,null,null,null,null,null,null,null,null,null,null,null,null,null,null,null,null,null,null,null,null,null,null,null,null,null,null,null,null,null,null,null,null,null,null,null,null,null,null,null,null,null,null,null,null,null,null,null,null,null,null,null,null,null,null,null,null,null,null,null,null,null,null,"ИНДЕКС К ПОЗИЦИИ: СМР 1 квартал 2025г Минстрой ОЗП=22,53; ЭМ=11,42; ЗПМ=22,53; МАТ=8,56"]
["Крепление стоек ограждения к ростверку",null,null,null,null,null,null,null,null,null,null,null,null,null,null,null,null,null,null,null,null,null,null,null,null,null,null,null,null,null,null,null,null,null,null,null,null,null,null,null,null,null,null,null,null,null,null,null,null,null,null,null,null,null,null,null,null,null,null,null,null,null,null,null,null,null,null,null,null,null,null,null,null,null,"Крепление стоек ограждения к ростверку"]
["44","ТЕР46-08-012-01\nПриказ Администрации ЛО от 20.10.15 №28","Установка анкеров в отверстия глубиной 100 мм с применением смесей серии MASTERFLOW, диаметр анкера: до 8 мм\n(100 шт.)",null,null,0.24,"140,67\n124,03",16.64,null,null,716.25,670.64,45.61,null,7.67,1.84,null,null,null,null,null,null,null,null,null,null,null,null,null,null,null,null,null,null,null,null,null,null,null,null,null,null,null,null,null,null,null,null,null,null,null,null,null,null,null,null,null,null,null,null,null,null,null,null,null,null,null,null,null,null,null,"Установка анкеров в отверстия глубиной 100 мм с применением смесей серии MASTERFLOW, диаметр анкера: до 8 мм\n(100 шт.)"]
[null,null,"Объем=24 / 100"]
[null,"421/пр_2020_прил.10_т.3_п.3_гр.3","Производство работ осуществляется на территории действующего предприятия с наличием в зоне производства работ одного или нескольких из следующих факторов:\n- разветвленная сеть транспортных и инженерных коммуникаций;\n- стесненные условия для складирования материалов;\n- действующее технологическое оборудование;\n- движение технологического транспорта ОЗП=1,15; ЭМ=1,15 к расх.; ЗПМ=1,15; ТЗ=1,15; ТЗМ=1,15",null,null,null,null,null,null,null,null,null,null,null,null,null,null,null,null,null,null,null,null,null,null,null,null,null,null,null,null,null,null,null,null,null,null,null,null,null,null,null,null,null,null,null,null,null,null,null,null,null,null,null,null,null,null,null,null,null,null,null,null,null,null,null,null,null,null,null,null,null,"Производство работ осуществляется на территории действующего предприятия с наличием в зоне производства работ одного или нескольких из следующих факторов:\n- разветвленная сеть транспортных и инженерных коммуникаций;\n- стесненные условия для складирования материалов;\n- действующее технологическое оборудование;\n- движение технологического транспорта ОЗП=1,15; ЭМ=1,15 к расх.; ЗПМ=1,15; ТЗ=1,15; ТЗМ=1,15"]
[null,"1","ИНДЕКС К ПОЗИЦИИ: СМР 1 квартал 2025г Минстрой ОЗП=22,53; ЭМ=11,42; ЗПМ=22,53; МАТ=8,56",null,null,null,null,null,null,null,null,null,null,null,null,null,null,null,null,null,null,null,null,null,null,null,null,null,null,null,null,null,null,null,null,null,null,null,null,null,null,null,null,null,null,null,null,null,null,null,null,null,null,null,null,null,null,null,null,null,null,null,null,null,null,null,null,null,null,null,null,null,null,"ИНДЕКС К ПОЗИЦИИ: СМР 1 квартал 2025г Минстрой ОЗП=22,53; ЭМ=11,42; ЗПМ=22,53; МАТ=8,56"]
[null,null,null,null,"Накладные расходы 103% ФОТ (от 670,64)",null,null,null,null,null,690.76]
[null,null,null,null,"Сметная прибыль 59% ФОТ (от 670,64)",null,null,null,null,null,395.68]
[null,null,null,null,"Итого c накладными и см. прибылью",null,null,null,null,null,1802.69]
["45","ТЕР46-08-012-06\nПриказ Администрации ЛО от 20.10.15 №28","На каждые 10 мм изменения глубины отверстия добавлять (уменьшать) к расценке: 46-08-012-01\n(100 шт.)",null,null,0.24,"120,75\n106,03",14.72,null,null,613.66999999999996,573.33000000000004,40.340000000000003,null,6.56,1.57,null,null,null,null,null,null,null,null,null,null,null,null,null,null,null,null,null,null,null,null,null,null,null,null,null,null,null,null,null,null,null,null,null,null,null,null,null,null,null,null,null,null,null,null,null,null,null,null,null,null,null,null,null,null,null,"На каждые 10 мм изменения глубины отверстия добавлять (уменьшать) к расценке: 46-08-012-01\n(100 шт.)"]
[null,null,"Объем=24 / 100"]
[null,null,"глубина 200: 200-100=100/10=10 ПЗ=10 (ОЗП=10; ЭМ=10 к расх.; ЗПМ=10; МАТ=10 к расх.; ТЗ=10; ТЗМ=10)",null,null,null,null,null,null,null,null,null,null,null,null,null,null,null,null,null,null,null,null,null,null,null,null,null,null,null,null,null,null,null,null,null,null,null,null,null,null,null,null,null,null,null,null,null,null,null,null,null,null,null,null,null,null,null,null,null,null,null,null,null,null,null,null,null,null,null,null,null,"глубина 200: 200-100=100/10=10 ПЗ=10 (ОЗП=10; ЭМ=10 к расх.; ЗПМ=10; МАТ=10 к расх.; ТЗ=10; ТЗМ=10)"]
[null,"421/пр_2020_прил.10_т.3_п.3_гр.3","Производство работ осуществляется на территории действующего предприятия с наличием в зоне производства работ одного или нескольких из следующих факторов:\n- разветвленная сеть транспортных и инженерных коммуникаций;\n- стесненные условия для складирования материалов;\n- действующее технологическое оборудование;\n- движение технологического транспорта ОЗП=1,15; ЭМ=1,15 к расх.; ЗПМ=1,15; ТЗ=1,15; ТЗМ=1,15",null,null,null,null,null,null,null,null,null,null,null,null,null,null,null,null,null,null,null,null,null,null,null,null,null,null,null,null,null,null,null,null,null,null,null,null,null,null,null,null,null,null,null,null,null,null,null,null,null,null,null,null,null,null,null,null,null,null,null,null,null,null,null,null,null,null,null,null,null,"Производство работ осуществляется на территории действующего предприятия с наличием в зоне производства работ одного или нескольких из следующих факторов:\n- разветвленная сеть транспортных и инженерных коммуникаций;\n- стесненные условия для складирования материалов;\n- действующее технологическое оборудование;\n- движение технологического транспорта ОЗП=1,15; ЭМ=1,15 к расх.; ЗПМ=1,15; ТЗ=1,15; ТЗМ=1,15"]
[null,"1","ИНДЕКС К ПОЗИЦИИ: СМР 1 квартал 2025г Минстрой ОЗП=22,53; ЭМ=11,42; ЗПМ=22,53; МАТ=8,56",null,null,null,null,null,null,null,null,null,null,null,null,null,null,null,null,null,null,null,null,null,null,null,null,null,null,null,null,null,null,null,null,null,null,null,null,null,null,null,null,null,null,null,null,null,null,null,null,null,null,null,null,null,null,null,null,null,null,null,null,null,null,null,null,null,null,null,null,null,null,"ИНДЕКС К ПОЗИЦИИ: СМР 1 квартал 2025г Минстрой ОЗП=22,53; ЭМ=11,42; ЗПМ=22,53; МАТ=8,56"]
[null,null,null,null,"Накладные расходы 103% ФОТ (от 573,33)",null,null,null,null,null,590.53]
[null,null,null,null,"Сметная прибыль 59% ФОТ (от 573,33)",null,null,null,null,null,338.26]
[null,null,null,null,"Итого c накладными и см. прибылью",null,null,null,null,null,1542.46]
["46\n*","ТССЦ-509-2631\nПриказ Администрации ЛО от 20.10.15 №28\nПрименительно","Капсула с клеевым составом Hilti HVU-TZ M20\n(шт.)",null,null,24,35.28,null,35.28,null,7247.92,null,null,7247.92,0,0,null,null,null,null,null,null,null,null,null,null,null,null,null,null,null,null,null,null,null,null,null,null,null,null,null,null,null,null,null,null,null,null,null,null,null,null,null,null,null,null,null,null,null,null,null,null,null,null,null,null,null,null,null,null,null,"Капсула с клеевым составом Hilti HVU-TZ M20\n(шт.)"]
[null,"1","ИНДЕКС К ПОЗИЦИИ: СМР 1 квартал 2025г Минстрой ОЗП=22,53; ЭМ=11,42; ЗПМ=22,53; МАТ=8,56",null,null,null,null,null,null,null,null,null,null,null,null,null,null,null,null,null,null,null,null,null,null,null,null,null,null,null,null,null,null,null,null,null,null,null,null,null,null,null,null,null,null,null,null,null,null,null,null,null,null,null,null,null,null,null,null,null,null,null,null,null,null,null,null,null,null,null,null,null,null,"ИНДЕКС К ПОЗИЦИИ: СМР 1 квартал 2025г Минстрой ОЗП=22,53; ЭМ=11,42; ЗПМ=22,53; МАТ=8,56"]
["47\n*","ТССЦ-509-4616\nПриказ Администрации ЛО от 20.10.15 №28\nПрименительно","Шпилька анкерная Hilti: HIT-V-5,8 М16х300 (HAS) для использования с химическими анкерами HIT\n(шт.)",null,null,24,40.090000000000003,null,40.090000000000003,null,8236.09,null,null,8236.09,0,0,null,null,null,null,null,null,null,null,null,null,null,null,null,null,null,null,null,null,null,null,null,null,null,null,null,null,null,null,null,null,null,null,null,null,null,null,null,null,null,null,null,null,null,null,null,null,null,null,null,null,null,null,null,null,null,"Шпилька анкерная Hilti: HIT-V-5,8 М16х300 (HAS) для использования с химическими анкерами HIT\n(шт.)"]
[null,"1","ИНДЕКС К ПОЗИЦИИ: СМР 1 квартал 2025г Минстрой ОЗП=22,53; ЭМ=11,42; ЗПМ=22,53; МАТ=8,56",null,null,null,null,null,null,null,null,null,null,null,null,null,null,null,null,null,null,null,null,null,null,null,null,null,null,null,null,null,null,null,null,null,null,null,null,null,null,null,null,null,null,null,null,null,null,null,null,null,null,null,null,null,null,null,null,null,null,null,null,null,null,null,null,null,null,null,null,null,null,"ИНДЕКС К ПОЗИЦИИ: СМР 1 квартал 2025г Минстрой ОЗП=22,53; ЭМ=11,42; ЗПМ=22,53; МАТ=8,56"]
["Крепление лебедки обслуживания к ростверку",null,null,null,null,null,null,null,null,null,null,null,null,null,null,null,null,null,null,null,null,null,null,null,null,null,null,null,null,null,null,null,null,null,null,null,null,null,null,null,null,null,null,null,null,null,null,null,null,null,null,null,null,null,null,null,null,null,null,null,null,null,null,null,null,null,null,null,null,null,null,null,null,null,"Крепление лебедки обслуживания к ростверку"]
["48","ТЕР46-08-012-01\nПриказ Администрации ЛО от 20.10.15 №28","Установка анкеров в отверстия глубиной 100 мм с применением смесей серии MASTERFLOW, диаметр анкера: до 8 мм\n(100 шт.)",null,null,0.04,"140,67\n124,03",16.64,null,null,119.37,111.77,7.6,null,7.67,0.31,null,null,null,null,null,null,null,null,null,null,null,null,null,null,null,null,null,null,null,null,null,null,null,null,null,null,null,null,null,null,null,null,null,null,null,null,null,null,null,null,null,null,null,null,null,null,null,null,null,null,null,null,null,null,null,"Установка анкеров в отверстия глубиной 100 мм с применением смесей серии MASTERFLOW, диаметр анкера: до 8 мм\n(100 шт.)"]
[null,null,"Объем=4 / 100"]
[null,"421/пр_2020_прил.10_т.3_п.3_гр.3","Производство работ осуществляется на территории действующего предприятия с наличием в зоне производства работ одного или нескольких из следующих факторов:\n- разветвленная сеть транспортных и инженерных коммуникаций;\n- стесненные условия для складирования материалов;\n- действующее технологическое оборудование;\n- движение технологического транспорта ОЗП=1,15; ЭМ=1,15 к расх.; ЗПМ=1,15; ТЗ=1,15; ТЗМ=1,15",null,null,null,null,null,null,null,null,null,null,null,null,null,null,null,null,null,null,null,null,null,null,null,null,null,null,null,null,null,null,null,null,null,null,null,null,null,null,null,null,null,null,null,null,null,null,null,null,null,null,null,null,null,null,null,null,null,null,null,null,null,null,null,null,null,null,null,null,null,"Производство работ осуществляется на территории действующего предприятия с наличием в зоне производства работ одного или нескольких из следующих факторов:\n- разветвленная сеть транспортных и инженерных коммуникаций;\n- стесненные условия для складирования материалов;\n- действующее технологическое оборудование;\n- движение технологического транспорта ОЗП=1,15; ЭМ=1,15 к расх.; ЗПМ=1,15; ТЗ=1,15; ТЗМ=1,15"]
[null,"1","ИНДЕКС К ПОЗИЦИИ: СМР 1 квартал 2025г Минстрой ОЗП=22,53; ЭМ=11,42; ЗПМ=22,53; МАТ=8,56",null,null,null,null,null,null,null,null,null,null,null,null,null,null,null,null,null,null,null,null,null,null,null,null,null,null,null,null,null,null,null,null,null,null,null,null,null,null,null,null,null,null,null,null,null,null,null,null,null,null,null,null,null,null,null,null,null,null,null,null,null,null,null,null,null,null,null,null,null,null,"ИНДЕКС К ПОЗИЦИИ: СМР 1 квартал 2025г Минстрой ОЗП=22,53; ЭМ=11,42; ЗПМ=22,53; МАТ=8,56"]
[null,null,null,null,"Накладные расходы 103% ФОТ (от 111,77)",null,null,null,null,null,115.12]
[null,null,null,null,"Сметная прибыль 59% ФОТ (от 111,77)",null,null,null,null,null,65.94]
[null,null,null,null,"Итого c накладными и см. прибылью",null,null,null,null,null,300.43]
["49","ТЕР46-08-012-06\nПриказ Администрации ЛО от 20.10.15 №28","На каждые 10 мм изменения глубины отверстия добавлять (уменьшать) к расценке: 46-08-012-01\n(100 шт.)",null,null,0.04,"362,25\n318,09",44.16,null,null,306.83,286.66000000000003,20.170000000000002,null,19.670000000000002,0.79,null,null,null,null,null,null,null,null,null,null,null,null,null,null,null,null,null,null,null,null,null,null,null,null,null,null,null,null,null,null,null,null,null,null,null,null,null,null,null,null,null,null,null,null,null,null,null,null,null,null,null,null,null,null,null,"На каждые 10 мм изменения глубины отверстия добавлять (уменьшать) к расценке: 46-08-012-01\n(100 шт.)"]
[null,null,"Объем=4 / 100"]
[null,null,"глубина 400: 400-100=300/10=30 ПЗ=30 (ОЗП=30; ЭМ=30 к расх.; ЗПМ=30; МАТ=30 к расх.; ТЗ=30; ТЗМ=30)",null,null,null,null,null,null,null,null,null,null,null,null,null,null,null,null,null,null,null,null,null,null,null,null,null,null,null,null,null,null,null,null,null,null,null,null,null,null,null,null,null,null,null,null,null,null,null,null,null,null,null,null,null,null,null,null,null,null,null,null,null,null,null,null,null,null,null,null,null,"глубина 400: 400-100=300/10=30 ПЗ=30 (ОЗП=30; ЭМ=30 к расх.; ЗПМ=30; МАТ=30 к расх.; ТЗ=30; ТЗМ=30)"]
[null,"421/пр_2020_прил.10_т.3_п.3_гр.3","Производство работ осуществляется на территории действующего предприятия с наличием в зоне производства работ одного или нескольких из следующих факторов:\n- разветвленная сеть транспортных и инженерных коммуникаций;\n- стесненные условия для складирования материалов;\n- действующее технологическое оборудование;\n- движение технологического транспорта ОЗП=1,15; ЭМ=1,15 к расх.; ЗПМ=1,15; ТЗ=1,15; ТЗМ=1,15",null,null,null,null,null,null,null,null,null,null,null,null,null,null,null,null,null,null,null,null,null,null,null,null,null,null,null,null,null,null,null,null,null,null,null,null,null,null,null,null,null,null,null,null,null,null,null,null,null,null,null,null,null,null,null,null,null,null,null,null,null,null,null,null,null,null,null,null,null,"Производство работ осуществляется на территории действующего предприятия с наличием в зоне производства работ одного или нескольких из следующих факторов:\n- разветвленная сеть транспортных и инженерных коммуникаций;\n- стесненные условия для складирования материалов;\n- действующее технологическое оборудование;\n- движение технологического транспорта ОЗП=1,15; ЭМ=1,15 к расх.; ЗПМ=1,15; ТЗ=1,15; ТЗМ=1,15"]
[null,"1","ИНДЕКС К ПОЗИЦИИ: СМР 1 квартал 2025г Минстрой ОЗП=22,53; ЭМ=11,42; ЗПМ=22,53; МАТ=8,56",null,null,null,null,null,null,null,null,null,null,null,null,null,null,null,null,null,null,null,null,null,null,null,null,null,null,null,null,null,null,null,null,null,null,null,null,null,null,null,null,null,null,null,null,null,null,null,null,null,null,null,null,null,null,null,null,null,null,null,null,null,null,null,null,null,null,null,null,null,null,"ИНДЕКС К ПОЗИЦИИ: СМР 1 квартал 2025г Минстрой ОЗП=22,53; ЭМ=11,42; ЗПМ=22,53; МАТ=8,56"]
[null,null,null,null,"Накладные расходы 103% ФОТ (от 286,66)",null,null,null,null,null,295.26]
[null,null,null,null,"Сметная прибыль 59% ФОТ (от 286,66)",null,null,null,null,null,169.13]
[null,null,null,null,"Итого c накладными и см. прибылью",null,null,null,null,null,771.22]
["50\n*","ТССЦ-509-2631\nПриказ Администрации ЛО от 20.10.15 №28\nПрименительно","Капсула с клеевым составом Hilti HVU-TZ M20\n(шт.)",null,null,4,35.28,null,35.28,null,1207.99,null,null,1207.99,0,0,null,null,null,null,null,null,null,null,null,null,null,null,null,null,null,null,null,null,null,null,null,null,null,null,null,null,null,null,null,null,null,null,null,null,null,null,null,null,null,null,null,null,null,null,null,null,null,null,null,null,null,null,null,null,null,"Капсула с клеевым составом Hilti HVU-TZ M20\n(шт.)"]
[null,"1","ИНДЕКС К ПОЗИЦИИ: СМР 1 квартал 2025г Минстрой ОЗП=22,53; ЭМ=11,42; ЗПМ=22,53; МАТ=8,56",null,null,null,null,null,null,null,null,null,null,null,null,null,null,null,null,null,null,null,null,null,null,null,null,null,null,null,null,null,null,null,null,null,null,null,null,null,null,null,null,null,null,null,null,null,null,null,null,null,null,null,null,null,null,null,null,null,null,null,null,null,null,null,null,null,null,null,null,null,null,"ИНДЕКС К ПОЗИЦИИ: СМР 1 квартал 2025г Минстрой ОЗП=22,53; ЭМ=11,42; ЗПМ=22,53; МАТ=8,56"]
["51\n*","ТССЦ-509-4616\nПриказ Администрации ЛО от 20.10.15 №28\nПрименительно","Шпилька анкерная Hilti: HIT-V-5,8 М16х300 (HAS) для использования с химическими анкерами HIT\n(шт.)",null,null,4,40.090000000000003,null,40.090000000000003,null,1372.68,null,null,1372.68,0,0,null,null,null,null,null,null,null,null,null,null,null,null,null,null,null,null,null,null,null,null,null,null,null,null,null,null,null,null,null,null,null,null,null,null,null,null,null,null,null,null,null,null,null,null,null,null,null,null,null,null,null,null,null,null,null,"Шпилька анкерная Hilti: HIT-V-5,8 М16х300 (HAS) для использования с химическими анкерами HIT\n(шт.)"]
[null,"1","ИНДЕКС К ПОЗИЦИИ: СМР 1 квартал 2025г Минстрой ОЗП=22,53; ЭМ=11,42; ЗПМ=22,53; МАТ=8,56",null,null,null,null,null,null,null,null,null,null,null,null,null,null,null,null,null,null,null,null,null,null,null,null,null,null,null,null,null,null,null,null,null,null,null,null,null,null,null,null,null,null,null,null,null,null,null,null,null,null,null,null,null,null,null,null,null,null,null,null,null,null,null,null,null,null,null,null,null,null,"ИНДЕКС К ПОЗИЦИИ: СМР 1 квартал 2025г Минстрой ОЗП=22,53; ЭМ=11,42; ЗПМ=22,53; МАТ=8,56"]
["Итого прямые затраты по смете в текущих ценах",null,null,null,null,null,null,null,null,null,39849394.960000001,4870650.0199999996,"2 247 013,48\n544 608,88",32731731.460000001,null,12089.79,null,null,null,null,null,null,null,null,null,null,null,null,null,null,null,null,null,null,null,null,null,null,null,null,null,null,null,null,null,null,null,null,null,null,null,null,null,null,null,null,null,null,null,null,null,null,null,null,null,null,null,null,null,null,null,null,null,null,null,"Итого прямые затраты по смете в текущих ценах"]
["Накладные расходы",null,null,null,null,null,null,null,null,null,5071378.97,null,null,null,null,null,null,null,null,null,null,null,null,null,null,null,null,null,null,null,null,null,null,null,null,null,null,null,null,null,null,null,null,null,null,null,null,null,null,null,null,null,null,null,null,null,null,null,null,null,null,null,null,null,null,null,null,null,null,null,null,null,null,null,null,"Накладные расходы"]
["Сметная прибыль",null,null,null,null,null,null,null,null,null,3346899.27,null,null,null,null,null,null,null,null,null,null,null,null,null,null,null,null,null,null,null,null,null,null,null,null,null,null,null,null,null,null,null,null,null,null,null,null,null,null,null,null,null,null,null,null,null,null,null,null,null,null,null,null,null,null,null,null,null,null,null,null,null,null,null,null,"Сметная прибыль"]
["Итоги по смете:",null,null,null,null,null,null,null,null,null,null,null,null,null,null,null,null,null,null,null,null,null,null,null,null,null,null,null,null,null,null,null,null,null,null,null,null,null,null,null,null,null,null,null,null,null,null,null,null,null,null,null,null,null,null,null,null,null,null,null,null,null,null,null,null,null,null,null,null,null,null,null,null,null,null,"Итоги по смете:"]
["     Строительные металлические конструкции",null,null,null,null,null,null,null,null,null,41612086.329999998,null,null,null,null,11123.98,null,null,null,null,null,null,null,null,null,null,null,null,null,null,null,null,null,null,null,null,null,null,null,null,null,null,null,null,null,null,null,null,null,null,null,null,null,null,null,null,null,null,null,null,null,null,null,null,null,null,null,null,null,null,null,null,null,null,null,null,"     Строительные металлические конструкции"]
["     Работы по реконструкции зданий и сооружений: усиление и замена существующих конструкций, возведение отдельных конструктивных элементов",null,null,null,null,null,null,null,null,null,6654090.54,null,null,null,null,964.87,null,null,null,null,null,null,null,null,null,null,null,null,null,null,null,null,null,null,null,null,null,null,null,null,null,null,null,null,null,null,null,null,null,null,null,null,null,null,null,null,null,null,null,null,null,null,null,null,null,null,null,null,null,null,null,null,null,null,null,null,"     Работы по реконструкции зданий и сооружений: усиление и замена существующих конструкций, возведение отдельных конструктивных элементов"]
["     Бетонные и железобетонные монолитные конструкции и работы в строительстве",null,null,null,null,null,null,null,null,null,1496.33,null,null,null,null,0.94,null,null,null,null,null,null,null,null,null,null,null,null,null,null,null,null,null,null,null,null,null,null,null,null,null,null,null,null,null,null,null,null,null,null,null,null,null,null,null,null,null,null,null,null,null,null,null,null,null,null,null,null,null,null,null,null,null,null,null,null,"     Бетонные и железобетонные монолитные конструкции и работы в строительстве"]
["     Итого",null,null,null,null,null,null,null,null,null,48267673.200000003,null,null,null,null,12089.79,null,null,null,null,null,null,null,null,null,null,null,null,null,null,null,null,null,null,null,null,null,null,null,null,null,null,null,null,null,null,null,null,null,null,null,null,null,null,null,null,null,null,null,null,null,null,null,null,null,null,null,null,null,null,null,null,null,null,null,null,"     Итого"]
["          В том числе:",null,null,null,null,null,null,null,null,null,null,null,null,null,null,null,null,null,null,null,null,null,null,null,null,null,null,null,null,null,null,null,null,null,null,null,null,null,null,null,null,null,null,null,null,null,null,null,null,null,null,null,null,null,null,null,null,null,null,null,null,null,null,null,null,null,null,null,null,null,null,null,null,null,null,null,"          В том числе:"]
["            Основная заработная плата",null,null,null,null,null,null,null,null,null,4870650.0199999996,null,null,null,null,null,null,null,null,null,null,null,null,null,null,null,null,null,null,null,null,null,null,null,null,null,null,null,null,null,null,null,null,null,null,null,null,null,null,null,null,null,null,null,null,null,null,null,null,null,null,null,null,null,null,null,null,null,null,null,null,null,null,null,null,null,"            Основная заработная плата"]
["            Материалы",null,null,null,null,null,null,null,null,null,32731731.460000001,null,null,null,null,null,null,null,null,null,null,null,null,null,null,null,null,null,null,null,null,null,null,null,null,null,null,null,null,null,null,null,null,null,null,null,null,null,null,null,null,null,null,null,null,null,null,null,null,null,null,null,null,null,null,null,null,null,null,null,null,null,null,null,null,null,"            Материалы"]
["            Машины и механизмы",null,null,null,null,null,null,null,null,null,2247013.48,null,null,null,null,null,null,null,null,null,null,null,null,null,null,null,null,null,null,null,null,null,null,null,null,null,null,null,null,null,null,null,null,null,null,null,null,null,null,null,null,null,null,null,null,null,null,null,null,null,null,null,null,null,null,null,null,null,null,null,null,null,null,null,null,null,"            Машины и механизмы"]
["                в том числе заработная плата машинистов",null,null,null,null,null,null,null,null,null,544608.88,null,null,null,null,null,null,null,null,null,null,null,null,null,null,null,null,null,null,null,null,null,null,null,null,null,null,null,null,null,null,null,null,null,null,null,null,null,null,null,null,null,null,null,null,null,null,null,null,null,null,null,null,null,null,null,null,null,null,null,null,null,null,null,null,null,"                в том числе заработная плата машинистов"]
["            Накладные расходы",null,null,null,null,null,null,null,null,null,5071378.97,null,null,null,null,null,null,null,null,null,null,null,null,null,null,null,null,null,null,null,null,null,null,null,null,null,null,null,null,null,null,null,null,null,null,null,null,null,null,null,null,null,null,null,null,null,null,null,null,null,null,null,null,null,null,null,null,null,null,null,null,null,null,null,null,null,"            Накладные расходы"]
["            Сметная прибыль",null,null,null,null,null,null,null,null,null,3346899.27,null,null,null,null,null,null,null,null,null,null,null,null,null,null,null,null,null,null,null,null,null,null,null,null,null,null,null,null,null,null,null,null,null,null,null,null,null,null,null,null,null,null,null,null,null,null,null,null,null,null,null,null,null,null,null,null,null,null,null,null,null,null,null,null,null,"            Сметная прибыль"]
["     ВЗиС 5,2% от 48267673,2",null,null,null,null,null,null,null,null,null,2509919.0099999998,null,null,null,null,null,null,null,null,null,null,null,null,null,null,null,null,null,null,null,null,null,null,null,null,null,null,null,null,null,null,null,null,null,null,null,null,null,null,null,null,null,null,null,null,null,null,null,null,null,null,null,null,null,null,null,null,null,null,null,null,null,null,null,null,null,"     ВЗиС 5,2% от 48267673,2"]
["     Итого",null,null,null,null,null,null,null,null,null,50777592.210000001,null,null,null,null,null,null,null,null,null,null,null,null,null,null,null,null,null,null,null,null,null,null,null,null,null,null,null,null,null,null,null,null,null,null,null,null,null,null,null,null,null,null,null,null,null,null,null,null,null,null,null,null,null,null,null,null,null,null,null,null,null,null,null,null,null,null,"     Итого"]
["     Зимнее удорожание 2,1% от 50777592,21",null,null,null,null,null,null,null,null,null,1066329.44,null,null,null,null,null,null,null,null,null,null,null,null,null,null,null,null,null,null,null,null,null,null,null,null,null,null,null,null,null,null,null,null,null,null,null,null,null,null,null,null,null,null,null,null,null,null,null,null,null,null,null,null,null,null,null,null,null,null,null,null,null,null,null,null,null,"     Зимнее удорожание 2,1% от 50777592,21"]
["     Вахтовый метод работ 3,5% от 50777592,21",null,null,null,null,null,null,null,null,null,1777215.73,null,null,null,null,null,null,null,null,null,null,null,null,null,null,null,null,null,null,null,null,null,null,null,null,null,null,null,null,null,null,null,null,null,null,null,null,null,null,null,null,null,null,null,null,null,null,null,null,null,null,null,null,null,null,null,null,null,null,null,null,null,null,null,null,null,"     Вахтовый метод работ 3,5% от 50777592,21"]
["     Перевозка работников свыше 3-х километров 2,5% от 50777592,21",null,null,null,null,null,null,null,null,null,1269439.81,null,null,null,null,null,null,null,null,null,null,null,null,null,null,null,null,null,null,null,null,null,null,null,null,null,null,null,null,null,null,null,null,null,null,null,null,null,null,null,null,null,null,null,null,null,null,null,null,null,null,null,null,null,null,null,null,null,null,null,null,null,null,null,null,null,"     Перевозка работников свыше 3-х километров 2,5% от 50777592,21"]
["     Перебазировка машин и механизмов 2% от 50777592,21",null,null,null,null,null,null,null,null,null,1015551.84,null,null,null,null,null,null,null,null,null,null,null,null,null,null,null,null,null,null,null,null,null,null,null,null,null,null,null,null,null,null,null,null,null,null,null,null,null,null,null,null,null,null,null,null,null,null,null,null,null,null,null,null,null,null,null,null,null,null,null,null,null,null,null,null,null,"     Перебазировка машин и механизмов 2% от 50777592,21"]
["     Итого",null,null,null,null,null,null,null,null,null,55906129.030000001,null,null,null,null,null,null,null,null,null,null,null,null,null,null,null,null,null,null,null,null,null,null,null,null,null,null,null,null,null,null,null,null,null,null,null,null,null,null,null,null,null,null,null,null,null,null,null,null,null,null,null,null,null,null,null,null,null,null,null,null,null,null,null,null,null,null,"     Итого"]
["     Непредвиденные затраты 3% от 55906129,03",null,null,null,null,null,null,null,null,null,1677183.87,null,null,null,null,null,null,null,null,null,null,null,null,null,null,null,null,null,null,null,null,null,null,null,null,null,null,null,null,null,null,null,null,null,null,null,null,null,null,null,null,null,null,null,null,null,null,null,null,null,null,null,null,null,null,null,null,null,null,null,null,null,null,null,null,null,"     Непредвиденные затраты 3% от 55906129,03"]
["     Исключение материалов заказчика -32472792,51",null,null,null,null,null,null,null,null,null,-32472792.510000002,null,null,null,null,null,null,null,null,null,null,null,null,null,null,null,null,null,null,null,null,null,null,null,null,null,null,null,null,null,null,null,null,null,null,null,null,null,null,null,null,null,null,null,null,null,null,null,null,null,null,null,null,null,null,null,null,null,null,null,null,null,null,null,null,null,"     Исключение материалов заказчика -32472792,51"]
["     Итого с непредвиденными",null,null,null,null,null,null,null,null,null,25110520.390000001,null,null,null,null,null,null,null,null,null,null,null,null,null,null,null,null,null,null,null,null,null,null,null,null,null,null,null,null,null,null,null,null,null,null,null,null,null,null,null,null,null,null,null,null,null,null,null,null,null,null,null,null,null,null,null,null,null,null,null,null,null,null,null,null,null,null,"     Итого с непредвиденными"]
["     НДС 20% от 25110520,39",null,null,null,null,null,null,null,null,null,5022104.08,null,null,null,null,null,null,null,null,null,null,null,null,null,null,null,null,null,null,null,null,null,null,null,null,null,null,null,null,null,null,null,null,null,null,null,null,null,null,null,null,null,null,null,null,null,null,null,null,null,null,null,null,null,null,null,null,null,null,null,null,null,null,null,null,null,"     НДС 20% от 25110520,39"]
["  ВСЕГО по смете",null,null,null,null,null,null,null,null,null,30132624.469999999,null,null,null,null,12089.79,null,null,null,null,null,null,null,null,null,null,null,null,null,null,null,null,null,null,null,null,null,null,null,null,null,null,null,null,null,null,null,null,null,null,null,null,null,null,null,null,null,null,null,null,null,null,null,null,null,null,null,null,null,null,null,null,null,null,null,null,null,null,"  ВСЕГО по смете"]
["Материалы заказчика",null,null,null,null,null,null,null,null,null,32472792.510000002,null,null,null,null,null,null,null,null,null,null,null,null,null,null,null,null,null,null,null,null,null,null,null,null,null,null,null,null,null,null,null,null,null,null,null,null,null,null,null,null,null,null,null,null,null,null,null,null,null,null,null,null,null,null,null,null,null,null,null,null,null,null,null,null,"Материалы заказчика"]
[]
[]
["Составил:  ____________________________ Пахомкина И.В."]
["[должность, подпись (инициалы, фамилия)]"]
[]
["Проверил:  ____________________________ Смирнова И.А."]
["[должность, подпись (инициалы, фамилия)]"]

{"sheet":"1632-2021-3.2-КЖ1_07.03.010-Сме","index":4,"n_rows":287,"n_cols":79,"rows_kept":287,"cut":false,"hidden":false,"merged":[[1,0,1,2],[1,12,1,15],[2,0,2,3],[2,11,2,15],[3,0,3,3],[22,9,22,13],[22,14,23,15],[23,8,24,8],[23,9,24,9],[23,10,24,10],[23,11,24,11],[23,13,24,13],[3,11,3,15],[13,0,13,15],[14,2,14,6],[19,5,19,15],[20,11,20,12],[22,0,24,0],[22,1,24,1],[22,2,24,4],[22,5,24,5],[22,6,22,8],[7,0,7,15],[8,0,8,15],[10,0,10,15],[11,0,11,15],[12,0,12,15],[34,2,34,4],[36,2,36,15],[37,2,37,4],[39,2,39,15],[40,0,40,15],[25,2,25,4],[26,0,26,15],[27,2,27,4],[29,2,29,15],[30,2,30,15],[51,2,51,4],[53,2,53,15],[54,0,54,15],[55,2,55,4],[57,2,57,15],[41,2,41,4],[43,2,43,15],[44,2,44,15],[48,2,48,4],[50,2,50,15],[68,2,68,4],[70,2,70,15],[71,2,71,15],[75,2,75,4],[77,2,77,15],[58,2,58,15],[62,2,62,4],[64,2,64,15],[65,2,65,4],[67,2,67,15],[86,2,86,15],[87,0,87,15],[88,0,88,15],[89,2,89,4],[91,2,91,15],[78,2,78,15],[79,2,79,15],[83,2,83,4],[84,2,84,15],[85,2,85,4],[104,2,104,4],[105,2,105,15],[106,2,106,4],[107,2,107,15],[108,0,108,15],[92,2,92,15],[96,2,96,4],[98,2,98,15],[99,2,99,15],[100,2,100,15],[119,2,119,15],[120,2,120,15],[124,2,124,4],[125,2,125,15],[126,2,126,4],[109,2,109,4],[111,2,111,15],[112,2,112,15],[116,2,116,4],[118,2,118,15],[136,2,136,4],[138,2,138,15],[139,2,139,15],[140,2,140,15],[144,2,144,4],[127,2,127,15],[128,0,128,15],[129,2,129,4],[131,2,131,15],[132,2,132,15],[151,2,151,15],[152,2,152,15],[156,2,156,4],[158,2,158,15],[159,2,159,15],[145,2,145,15],[146,2,146,4],[147,2,147,15],[148,0,148,15],[149,2,149,4],[168,2,168,4],[170,2,170,15],[171,2,171,15],[175,2,175,4],[177,2,177,15],[160,2,160,15],[164,2,164,4],[165,2,165,15],[166,2,166,4],[167,2,167,15],[190,0,190,15],[191,2,191,4],[193,2,193,15],[194,2,194,15],[198,2,198,4],[178,2,178,15],[179,2,179,15],[183,2,183,4],[185,2,185,15],[186,2,186,15],[208,2,208,4],[209,2,209,15],[210,2,210,4],[212,2,212,15],[213,2,213,15],[200,2,200,15],[201,2,201,15],[202,2,202,15],[206,2,206,4],[207,2,207,15],[227,2,227,15],[228,2,228,15],[232,0,232,15],[233,2,233,4],[235,2,235,15],[217,2,217,4],[219,2,219,15],[220,2,220,15],[221,2,221,15],[225,2,225,4],[248,2,248,4],[249,2,249,15],[250,2,250,4],[251,2,251,15],[252,0,252,9],[236,2,236,15],[240,2,240,4],[242,2,242,15],[243,2,243,15],[244,2,244,15],[258,0,258,9],[259,0,259,9],[260,0,260,9],[261,0,261,9],[262,0,262,9],[253,0,253,9],[254,0,254,9],[255,0,255,9],[256,0,256,9],[257,0,257,9],[268,0,268,9],[269,0,269,9],[270,0,270,9],[271,0,271,9],[272,0,272,9],[263,0,263,9],[264,0,264,9],[265,0,265,9],[266,0,266,9],[267,0,267,9],[273,0,273,9],[274,0,274,9],[275,0,275,9],[276,0,276,9],[277,0,277,9],[288,8,288,11],[282,0,282,15],[283,0,283,15],[285,0,285,15],[286,0,286,15],[278,0,278,9],[279,0,279,9]]}
[]
["СОГЛАСОВАНО:",null,null,null,null,null,null,null,null,null,null,null,"УТВЕРЖДАЮ:"]
[]
[null,null,null,null,null,null,null,null,null,null,null,null,null,null,null,null,null,null,"","","","","","","","",""]
[]
["\"____\" ________________ 2025 года",null,null,null,null,null,null,null,null,null,null,null,null,null,null,"\"____\" ________________ 2025 года"]
[]
["Терминал по перевалке минеральных удобрений в морском торговом порту Усть-Луга. Береговые объекты терминала",null,null,null,null,null,null,null,null,null,null,null,null,null,null,null,null,null,null,null,null,null,null,null,null,null,null,"Терминал по перевалке минеральных удобрений в морском торговом порту Усть-Луга. Береговые объекты терминала","","","","","","","","","","","","","","",""]
["(наименование стройки)"]
[]
["ЛОКАЛЬНАЯ СМЕТА № 1632-2021-3.1-КЖ2_07.03.010-В02"]
["(локальная смета)"]
["на Конструкции железобетонные. Ростверк., 07.03.010 Крытый склад № 2 (код SAP 01.01.001) код ГП 3.1",null,null,null,null,null,null,null,null,null,null,null,null,null,null,null,null,null,null,null,null,null,null,null,null,null,null,null,null,null,null,null,null,null,null,null,null,null,null,null,null,null,null,"на Конструкции железобетонные. Ростверк., 07.03.010 Крытый склад № 2 (код SAP 01.01.001) код ГП 3.1","","","","","","","","","","","","","","",""]
["(наименование работ и затрат, наименование объекта)"]
[null,"Основание:","1632-2021-3.2-КЖ1"]
[null,"Сметная стоимость",null,null,32420.867999999999,"тыс.руб."]
[null,"   строительных работ",null,null,46423.303,"тыс.руб."]
[null,"Средства на оплату труда",null,null,6173.4970000000003,"тыс.руб."]
[null,"Сметная трудоемкость",null,null,13663.57,"чел.час"]
[null,"Составлен(а) в текущих (прогнозных) ценах по состоянию на ",null,null,null,"1 кв. 2025 г.",null,null,null,null,null,null,null,null,null,null,null,null,null,null,null,null,null,null,null,null,null,null,null,null,null,null,null,null,null,null,null,null,null,null,null,null,null,null,null,null,null,null,null,null,null,null,null,null,null,null,null,null,null,"1 кв. 2025 г.","","","","","","","","","",""]
[]
[]
["№ п/п","Шифр и номер позиции норматива","Наименование работ и затрат, единица измерения",null,null,"Кол-во","Стоимость единицы, руб.",null,null,"Общая стоимость, руб.",null,null,null,null,"Затраты труда рабочих, чел.-ч, не занятых обслуживанием машин "]
[null,null,null,null,null,null,"Всего","эксплуатации машин","материалы","Обору-\nдование","Всего","оплаты труда","эксплуатации машин","материалы"]
[null,null,null,null,null,null,"оплаты труда","в т.ч. оплаты труда",null,null,null,null,"в т.ч. оплаты труда",null,"на единицу","всего"]
[1,2,3,null,null,4,5,6,7,8,9,10,11,12,13,14]
["Раздел 1. Рельсовый путь № 1",null,null,null,null,null,null,null,null,null,null,null,null,null,null,null,null,null,null,null,null,null,null,null,null,null,null,null,null,null,null,null,null,null,null,null,null,null,null,null,null,null,null,null,null,null,null,null,null,null,null,null,null,null,null,null,null,null,null,null,null,null,null,null,null,null,null,null,null,null,"Раздел 1. Рельсовый путь № 1"]
["1","ТЕР09-03-005-02\nПриказ Администрации ЛО от 20.10.15 №28","Монтаж подкрановых путей: по металлическим  подкрановым балкам для рельсов типа КР\n//вес 83,09 кг./м\n(100 м рельса в одну нитку)",null,null,7.6948999999999996,"21 371,82\n10 079,87","9 774,83\n1 214,85",1517.12,null,2706408.07,1747506.85,"858 970,38\n210 613,54",99930.84,559.06100000000004,4301.92,null,null,null,null,null,null,null,null,null,null,null,null,null,null,null,null,null,null,null,null,null,null,null,null,null,null,null,null,null,null,null,null,null,null,null,null,null,null,null,null,null,null,null,null,null,null,null,null,null,null,null,null,null,null,null,"Монтаж подкрановых путей: по металлическим  подкрановым балкам для рельсов типа КР\n//вес 83,09 кг./м\n(100 м рельса в одну нитку)"]
[null,null,"Объем=(384,745*2) / 100"]
[null,"421/пр_2020_прил.10_т.3_п.3_гр.3","Производство работ осуществляется на территории действующего предприятия с наличием в зоне производства работ одного или нескольких из следующих факторов:\n- разветвленная сеть транспортных и инженерных коммуникаций;\n- стесненные условия для складирования материалов;\n- действующее технологическое оборудование;\n- движение технологического транспорта ОЗП=1,15; ЭМ=1,15 к расх.; ЗПМ=1,15; ТЗ=1,15; ТЗМ=1,15",null,null,null,null,null,null,null,null,null,null,null,null,null,null,null,null,null,null,null,null,null,null,null,null,null,null,null,null,null,null,null,null,null,null,null,null,null,null,null,null,null,null,null,null,null,null,null,null,null,null,null,null,null,null,null,null,null,null,null,null,null,null,null,null,null,null,null,null,null,"Производство работ осуществляется на территории действующего предприятия с наличием в зоне производства работ одного или нескольких из следующих факторов:\n- разветвленная сеть транспортных и инженерных коммуникаций;\n- стесненные условия для складирования материалов;\n- действующее технологическое оборудование;\n- движение технологического транспорта ОЗП=1,15; ЭМ=1,15 к расх.; ЗПМ=1,15; ТЗ=1,15; ТЗМ=1,15"]
[null,"1","ИНДЕКС К ПОЗИЦИИ: СМР 1 квартал 2025г Минстрой ОЗП=22,53; ЭМ=11,42; ЗПМ=22,53; МАТ=8,56",null,null,null,null,null,null,null,null,null,null,null,null,null,null,null,null,null,null,null,null,null,null,null,null,null,null,null,null,null,null,null,null,null,null,null,null,null,null,null,null,null,null,null,null,null,null,null,null,null,null,null,null,null,null,null,null,null,null,null,null,null,null,null,null,null,null,null,null,null,null,"ИНДЕКС К ПОЗИЦИИ: СМР 1 квартал 2025г Минстрой ОЗП=22,53; ЭМ=11,42; ЗПМ=22,53; МАТ=8,56"]
[null,null,null,null,"Накладные расходы 93% ФОТ (от 1 958 120,39)",null,null,null,null,null,1821051.96]
[null,null,null,null,"Сметная прибыль 62% ФОТ (от 1 958 120,39)",null,null,null,null,null,1214034.6399999999]
[null,null,null,null,"Итого c накладными и см. прибылью",null,null,null,null,null,5741494.6699999999]
["2\n*","ТССЦ-202-0017\nПриказ Администрации ЛО от 20.10.15 №28","Пути подкрановые, марка стали: С 255, крепления и упоры//Рельсовые комплекты\n(т)",null,null,29.783619999999999,28461.8,null,28461.8,null,7256272.9299999997,null,null,7256272.9299999997,0,0,null,null,null,null,null,null,null,null,null,null,null,null,null,null,null,null,null,null,null,null,null,null,null,null,null,null,null,null,null,null,null,null,null,null,null,null,null,null,null,null,null,null,null,null,null,null,null,null,null,null,null,null,null,null,null,"Пути подкрановые, марка стали: С 255, крепления и упоры//Рельсовые комплекты\n(т)"]
[null,null,"Объем=(26124+3178+231,6+107,83+114,21+27,98)*0,001"]
[null,"1","ИНДЕКС К ПОЗИЦИИ: СМР 1 квартал 2025г Минстрой ОЗП=22,53; ЭМ=11,42; ЗПМ=22,53; МАТ=8,56",null,null,null,null,null,null,null,null,null,null,null,null,null,null,null,null,null,null,null,null,null,null,null,null,null,null,null,null,null,null,null,null,null,null,null,null,null,null,null,null,null,null,null,null,null,null,null,null,null,null,null,null,null,null,null,null,null,null,null,null,null,null,null,null,null,null,null,null,null,null,"ИНДЕКС К ПОЗИЦИИ: СМР 1 квартал 2025г Минстрой ОЗП=22,53; ЭМ=11,42; ЗПМ=22,53; МАТ=8,56"]
["3\n*","ТССЦ-202-0016\nПриказ Администрации ЛО от 20.10.15 №28","Пути подкрановые, марка стали: С 255, рельсы железнодорожные\n(т)",null,null,31.9684621,11986.77,null,11986.77,null,3280180.04,null,null,3280180.04,0,0,null,null,null,null,null,null,null,null,null,null,null,null,null,null,null,null,null,null,null,null,null,null,null,null,null,null,null,null,null,null,null,null,null,null,null,null,null,null,null,null,null,null,null,null,null,null,null,null,null,null,null,null,null,null,null,"Пути подкрановые, марка стали: С 255, рельсы железнодорожные\n(т)"]
[null,null,"Объем=83,09*384,745*0,001"]
[null,"1","ИНДЕКС К ПОЗИЦИИ: СМР 1 квартал 2025г Минстрой ОЗП=22,53; ЭМ=11,42; ЗПМ=22,53; МАТ=8,56",null,null,null,null,null,null,null,null,null,null,null,null,null,null,null,null,null,null,null,null,null,null,null,null,null,null,null,null,null,null,null,null,null,null,null,null,null,null,null,null,null,null,null,null,null,null,null,null,null,null,null,null,null,null,null,null,null,null,null,null,null,null,null,null,null,null,null,null,null,null,"ИНДЕКС К ПОЗИЦИИ: СМР 1 квартал 2025г Минстрой ОЗП=22,53; ЭМ=11,42; ЗПМ=22,53; МАТ=8,56"]
["Раздел 2. Рельсовый путь № 2",null,null,null,null,null,null,null,null,null,null,null,null,null,null,null,null,null,null,null,null,null,null,null,null,null,null,null,null,null,null,null,null,null,null,null,null,null,null,null,null,null,null,null,null,null,null,null,null,null,null,null,null,null,null,null,null,null,null,null,null,null,null,null,null,null,null,null,null,null,"Раздел 2. Рельсовый путь № 2"]
["4","ТЕР09-03-005-02\nПриказ Администрации ЛО от 20.10.15 №28","Монтаж подкрановых путей: по металлическим  подкрановым балкам для рельсов типа КР\n//вес 83,09 кг./м\n(100 м рельса в одну нитку)",null,null,8.0701999999999998,"21 371,82\n10 079,87","9 774,83\n1 214,85",1517.12,null,2838406.52,1832737.24,"900 864,56\n220 885,71",104804.72,559.06100000000004,4511.7299999999996,null,null,null,null,null,null,null,null,null,null,null,null,null,null,null,null,null,null,null,null,null,null,null,null,null,null,null,null,null,null,null,null,null,null,null,null,null,null,null,null,null,null,null,null,null,null,null,null,null,null,null,null,null,null,null,"Монтаж подкрановых путей: по металлическим  подкрановым балкам для рельсов типа КР\n//вес 83,09 кг./м\n(100 м рельса в одну нитку)"]
[null,null,"Объем=(403,510*2) / 100"]
[null,"421/пр_2020_прил.10_т.3_п.3_гр.3","Производство работ осуществляется на территории действующего предприятия с наличием в зоне производства работ одного или нескольких из следующих факторов:\n- разветвленная сеть транспортных и инженерных коммуникаций;\n- стесненные условия для складирования материалов;\n- действующее технологическое оборудование;\n- движение технологического транспорта ОЗП=1,15; ЭМ=1,15 к расх.; ЗПМ=1,15; ТЗ=1,15; ТЗМ=1,15",null,null,null,null,null,null,null,null,null,null,null,null,null,null,null,null,null,null,null,null,null,null,null,null,null,null,null,null,null,null,null,null,null,null,null,null,null,null,null,null,null,null,null,null,null,null,null,null,null,null,null,null,null,null,null,null,null,null,null,null,null,null,null,null,null,null,null,null,null,"Производство работ осуществляется на территории действующего предприятия с наличием в зоне производства работ одного или нескольких из следующих факторов:\n- разветвленная сеть транспортных и инженерных коммуникаций;\n- стесненные условия для складирования материалов;\n- действующее технологическое оборудование;\n- движение технологического транспорта ОЗП=1,15; ЭМ=1,15 к расх.; ЗПМ=1,15; ТЗ=1,15; ТЗМ=1,15"]
[null,"1","ИНДЕКС К ПОЗИЦИИ: СМР 1 квартал 2025г Минстрой ОЗП=22,53; ЭМ=11,42; ЗПМ=22,53; МАТ=8,56",null,null,null,null,null,null,null,null,null,null,null,null,null,null,null,null,null,null,null,null,null,null,null,null,null,null,null,null,null,null,null,null,null,null,null,null,null,null,null,null,null,null,null,null,null,null,null,null,null,null,null,null,null,null,null,null,null,null,null,null,null,null,null,null,null,null,null,null,null,null,"ИНДЕКС К ПОЗИЦИИ: СМР 1 квартал 2025г Минстрой ОЗП=22,53; ЭМ=11,42; ЗПМ=22,53; МАТ=8,56"]
[null,null,null,null,"Накладные расходы 93% ФОТ (от 2 053 622,95)",null,null,null,null,null,1909869.34]
[null,null,null,null,"Сметная прибыль 62% ФОТ (от 2 053 622,95)",null,null,null,null,null,1273246.23]
[null,null,null,null,"Итого c накладными и см. прибылью",null,null,null,null,null,6021522.0899999999]
["5\n*","ТССЦ-202-0017\nПриказ Администрации ЛО от 20.10.15 №28","Пути подкрановые, марка стали: С 255, крепления и упоры//Рельсовые комплекты\n(т)",null,null,31.731100000000001,28461.8,null,28461.8,null,7730743.3399999999,null,null,7730743.3399999999,0,0,null,null,null,null,null,null,null,null,null,null,null,null,null,null,null,null,null,null,null,null,null,null,null,null,null,null,null,null,null,null,null,null,null,null,null,null,null,null,null,null,null,null,null,null,null,null,null,null,null,null,null,null,null,null,null,"Пути подкрановые, марка стали: С 255, крепления и упоры//Рельсовые комплекты\n(т)"]
[null,null,"Объем=(27628+3231+235,2+142,1+200,8+112,9+181,1)*0,001"]
[null,"1","ИНДЕКС К ПОЗИЦИИ: СМР 1 квартал 2025г Минстрой ОЗП=22,53; ЭМ=11,42; ЗПМ=22,53; МАТ=8,56",null,null,null,null,null,null,null,null,null,null,null,null,null,null,null,null,null,null,null,null,null,null,null,null,null,null,null,null,null,null,null,null,null,null,null,null,null,null,null,null,null,null,null,null,null,null,null,null,null,null,null,null,null,null,null,null,null,null,null,null,null,null,null,null,null,null,null,null,null,null,"ИНДЕКС К ПОЗИЦИИ: СМР 1 квартал 2025г Минстрой ОЗП=22,53; ЭМ=11,42; ЗПМ=22,53; МАТ=8,56"]
["6\n*","ТССЦ-202-0016\nПриказ Администрации ЛО от 20.10.15 №28","Пути подкрановые, марка стали: С 255, рельсы железнодорожные\n(т)",null,null,45.786279700000001,11986.77,null,11986.77,null,4697981.41,null,null,4697981.41,0,0,null,null,null,null,null,null,null,null,null,null,null,null,null,null,null,null,null,null,null,null,null,null,null,null,null,null,null,null,null,null,null,null,null,null,null,null,null,null,null,null,null,null,null,null,null,null,null,null,null,null,null,null,null,null,null,"Пути подкрановые, марка стали: С 255, рельсы железнодорожные\n(т)"]
[null,null,"Объем=113,47*403,510*0,001"]
[null,"1","ИНДЕКС К ПОЗИЦИИ: СМР 1 квартал 2025г Минстрой ОЗП=22,53; ЭМ=11,42; ЗПМ=22,53; МАТ=8,56",null,null,null,null,null,null,null,null,null,null,null,null,null,null,null,null,null,null,null,null,null,null,null,null,null,null,null,null,null,null,null,null,null,null,null,null,null,null,null,null,null,null,null,null,null,null,null,null,null,null,null,null,null,null,null,null,null,null,null,null,null,null,null,null,null,null,null,null,null,null,"ИНДЕКС К ПОЗИЦИИ: СМР 1 квартал 2025г Минстрой ОЗП=22,53; ЭМ=11,42; ЗПМ=22,53; МАТ=8,56"]
["Раздел 3. Рельсовый путь № 3",null,null,null,null,null,null,null,null,null,null,null,null,null,null,null,null,null,null,null,null,null,null,null,null,null,null,null,null,null,null,null,null,null,null,null,null,null,null,null,null,null,null,null,null,null,null,null,null,null,null,null,null,null,null,null,null,null,null,null,null,null,null,null,null,null,null,null,null,null,"Раздел 3. Рельсовый путь № 3"]
["7","ТЕР09-03-005-02\nПриказ Администрации ЛО от 20.10.15 №28","Монтаж подкрановых путей: по металлическим  подкрановым балкам для рельсов типа КР\n//вес 83,09 кг./м\n(100 м рельса в одну нитку)",null,null,7.7721999999999998,"21 371,82\n10 079,87","9 774,83\n1 214,85",1517.12,null,2733595.6,1765061.63,"867 599,26\n212 729,29",100934.71,559.06100000000004,4345.13,null,null,null,null,null,null,null,null,null,null,null,null,null,null,null,null,null,null,null,null,null,null,null,null,null,null,null,null,null,null,null,null,null,null,null,null,null,null,null,null,null,null,null,null,null,null,null,null,null,null,null,null,null,null,null,"Монтаж подкрановых путей: по металлическим  подкрановым балкам для рельсов типа КР\n//вес 83,09 кг./м\n(100 м рельса в одну нитку)"]
[null,null,"Объем=(388,61*2) / 100"]
[null,"421/пр_2020_прил.10_т.3_п.3_гр.3","Производство работ осуществляется на территории действующего предприятия с наличием в зоне производства работ одного или нескольких из следующих факторов:\n- разветвленная сеть транспортных и инженерных коммуникаций;\n- стесненные условия для складирования материалов;\n- действующее технологическое оборудование;\n- движение технологического транспорта ОЗП=1,15; ЭМ=1,15 к расх.; ЗПМ=1,15; ТЗ=1,15; ТЗМ=1,15",null,null,null,null,null,null,null,null,null,null,null,null,null,null,null,null,null,null,null,null,null,null,null,null,null,null,null,null,null,null,null,null,null,null,null,null,null,null,null,null,null,null,null,null,null,null,null,null,null,null,null,null,null,null,null,null,null,null,null,null,null,null,null,null,null,null,null,null,null,"Производство работ осуществляется на территории действующего предприятия с наличием в зоне производства работ одного или нескольких из следующих факторов:\n- разветвленная сеть транспортных и инженерных коммуникаций;\n- стесненные условия для складирования материалов;\n- действующее технологическое оборудование;\n- движение технологического транспорта ОЗП=1,15; ЭМ=1,15 к расх.; ЗПМ=1,15; ТЗ=1,15; ТЗМ=1,15"]
[null,"1","ИНДЕКС К ПОЗИЦИИ: СМР 1 квартал 2025г Минстрой ОЗП=22,53; ЭМ=11,42; ЗПМ=22,53; МАТ=8,56",null,null,null,null,null,null,null,null,null,null,null,null,null,null,null,null,null,null,null,null,null,null,null,null,null,null,null,null,null,null,null,null,null,null,null,null,null,null,null,null,null,null,null,null,null,null,null,null,null,null,null,null,null,null,null,null,null,null,null,null,null,null,null,null,null,null,null,null,null,null,"ИНДЕКС К ПОЗИЦИИ: СМР 1 квартал 2025г Минстрой ОЗП=22,53; ЭМ=11,42; ЗПМ=22,53; МАТ=8,56"]
[null,null,null,null,"Накладные расходы 93% ФОТ (от 1 977 790,92)",null,null,null,null,null,1839345.56]
[null,null,null,null,"Сметная прибыль 62% ФОТ (от 1 977 790,92)",null,null,null,null,null,1226230.3700000001]
[null,null,null,null,"Итого c накладными и см. прибылью",null,null,null,null,null,5799171.5300000003]
["8\n*","ТССЦ-202-0017\nПриказ Администрации ЛО от 20.10.15 №28","Пути подкрановые, марка стали: С 255, крепления и упоры//Рельсовые комплекты\n(т)",null,null,14.42985,28461.8,null,28461.8,null,3515587.76,null,null,3515587.76,0,0,null,null,null,null,null,null,null,null,null,null,null,null,null,null,null,null,null,null,null,null,null,null,null,null,null,null,null,null,null,null,null,null,null,null,null,null,null,null,null,null,null,null,null,null,null,null,null,null,null,null,null,null,null,null,null,"Пути подкрановые, марка стали: С 255, крепления и упоры//Рельсовые комплекты\n(т)"]
[null,null,"Объем=(12010+39,95+103,8+2216+60,1)*0,001"]
[null,"1","ИНДЕКС К ПОЗИЦИИ: СМР 1 квартал 2025г Минстрой ОЗП=22,53; ЭМ=11,42; ЗПМ=22,53; МАТ=8,56",null,null,null,null,null,null,null,null,null,null,null,null,null,null,null,null,null,null,null,null,null,null,null,null,null,null,null,null,null,null,null,null,null,null,null,null,null,null,null,null,null,null,null,null,null,null,null,null,null,null,null,null,null,null,null,null,null,null,null,null,null,null,null,null,null,null,null,null,null,null,"ИНДЕКС К ПОЗИЦИИ: СМР 1 квартал 2025г Минстрой ОЗП=22,53; ЭМ=11,42; ЗПМ=22,53; МАТ=8,56"]
["9\n*","ТССЦ-202-0016\nПриказ Администрации ЛО от 20.10.15 №28","Пути подкрановые, марка стали: С 255, рельсы железнодорожные\n(т)",null,null,4.8809415999999999,11986.77,null,11986.77,null,500817.56,null,null,500817.56,0,0,null,null,null,null,null,null,null,null,null,null,null,null,null,null,null,null,null,null,null,null,null,null,null,null,null,null,null,null,null,null,null,null,null,null,null,null,null,null,null,null,null,null,null,null,null,null,null,null,null,null,null,null,null,null,null,"Пути подкрановые, марка стали: С 255, рельсы железнодорожные\n(т)"]
[null,null,"Объем=12,56*388,61*0,001"]
[null,"1","ИНДЕКС К ПОЗИЦИИ: СМР 1 квартал 2025г Минстрой ОЗП=22,53; ЭМ=11,42; ЗПМ=22,53; МАТ=8,56",null,null,null,null,null,null,null,null,null,null,null,null,null,null,null,null,null,null,null,null,null,null,null,null,null,null,null,null,null,null,null,null,null,null,null,null,null,null,null,null,null,null,null,null,null,null,null,null,null,null,null,null,null,null,null,null,null,null,null,null,null,null,null,null,null,null,null,null,null,null,"ИНДЕКС К ПОЗИЦИИ: СМР 1 квартал 2025г Минстрой ОЗП=22,53; ЭМ=11,42; ЗПМ=22,53; МАТ=8,56"]
["10","ТЕР46-08-012-01\nПриказ Администрации ЛО от 20.10.15 №28","Установка анкеров в отверстия глубиной 100 мм с применением смесей серии MASTERFLOW, диаметр анкера: до 8 мм\n(100 шт.)",null,null,15.46,"140,67\n124,03",16.64,null,null,46138.42,43200.49,2937.93,null,7.6704999999999997,118.59,null,null,null,null,null,null,null,null,null,null,null,null,null,null,null,null,null,null,null,null,null,null,null,null,null,null,null,null,null,null,null,null,null,null,null,null,null,null,null,null,null,null,null,null,null,null,null,null,null,null,null,null,null,null,null,"Установка анкеров в отверстия глубиной 100 мм с применением смесей серии MASTERFLOW, диаметр анкера: до 8 мм\n(100 шт.)"]
[null,null,"Объем=1546 / 100"]
[null,"421/пр_2020_прил.10_т.3_п.3_гр.3","Производство работ осуществляется на территории действующего предприятия с наличием в зоне производства работ одного или нескольких из следующих факторов:\n- разветвленная сеть транспортных и инженерных коммуникаций;\n- стесненные условия для складирования материалов;\n- действующее технологическое оборудование;\n- движение технологического транспорта ОЗП=1,15; ЭМ=1,15 к расх.; ЗПМ=1,15; ТЗ=1,15; ТЗМ=1,15",null,null,null,null,null,null,null,null,null,null,null,null,null,null,null,null,null,null,null,null,null,null,null,null,null,null,null,null,null,null,null,null,null,null,null,null,null,null,null,null,null,null,null,null,null,null,null,null,null,null,null,null,null,null,null,null,null,null,null,null,null,null,null,null,null,null,null,null,null,"Производство работ осуществляется на территории действующего предприятия с наличием в зоне производства работ одного или нескольких из следующих факторов:\n- разветвленная сеть транспортных и инженерных коммуникаций;\n- стесненные условия для складирования материалов;\n- действующее технологическое оборудование;\n- движение технологического транспорта ОЗП=1,15; ЭМ=1,15 к расх.; ЗПМ=1,15; ТЗ=1,15; ТЗМ=1,15"]
[null,"1","ИНДЕКС К ПОЗИЦИИ: СМР 1 квартал 2025г Минстрой ОЗП=22,53; ЭМ=11,42; ЗПМ=22,53; МАТ=8,56",null,null,null,null,null,null,null,null,null,null,null,null,null,null,null,null,null,null,null,null,null,null,null,null,null,null,null,null,null,null,null,null,null,null,null,null,null,null,null,null,null,null,null,null,null,null,null,null,null,null,null,null,null,null,null,null,null,null,null,null,null,null,null,null,null,null,null,null,null,null,"ИНДЕКС К ПОЗИЦИИ: СМР 1 квартал 2025г Минстрой ОЗП=22,53; ЭМ=11,42; ЗПМ=22,53; МАТ=8,56"]
[null,null,null,null,"Накладные расходы 103% ФОТ (от 43 200,49)",null,null,null,null,null,44496.5]
[null,null,null,null,"Сметная прибыль 59% ФОТ (от 43 200,49)",null,null,null,null,null,25488.29]
[null,null,null,null,"Итого c накладными и см. прибылью",null,null,null,null,null,116123.21]
["11","ТЕР46-08-012-06\nПриказ Администрации ЛО от 20.10.15 №28","На каждые 10 мм изменения глубины отверстия добавлять (уменьшать) к расценке: 46-08-012-01\n(100 шт.)",null,null,15.46,"362,25\n318,09",44.16,null,null,118591.73,110795.14,7796.59,null,19.664999999999999,304.02,null,null,null,null,null,null,null,null,null,null,null,null,null,null,null,null,null,null,null,null,null,null,null,null,null,null,null,null,null,null,null,null,null,null,null,null,null,null,null,null,null,null,null,null,null,null,null,null,null,null,null,null,null,null,null,"На каждые 10 мм изменения глубины отверстия добавлять (уменьшать) к расценке: 46-08-012-01\n(100 шт.)"]
[null,null,"Объем=1546 / 100"]
[null,null,"глубина 400: 400-100=300/10=30 ПЗ=30 (ОЗП=30; ЭМ=30 к расх.; ЗПМ=30; МАТ=30 к расх.; ТЗ=30; ТЗМ=30)",null,null,null,null,null,null,null,null,null,null,null,null,null,null,null,null,null,null,null,null,null,null,null,null,null,null,null,null,null,null,null,null,null,null,null,null,null,null,null,null,null,null,null,null,null,null,null,null,null,null,null,null,null,null,null,null,null,null,null,null,null,null,null,null,null,null,null,null,null,"глубина 400: 400-100=300/10=30 ПЗ=30 (ОЗП=30; ЭМ=30 к расх.; ЗПМ=30; МАТ=30 к расх.; ТЗ=30; ТЗМ=30)"]
[null,"421/пр_2020_прил.10_т.3_п.3_гр.3","Производство работ осуществляется на территории действующего предприятия с наличием в зоне производства работ одного или нескольких из следующих факторов:\n- разветвленная сеть транспортных и инженерных коммуникаций;\n- стесненные условия для складирования материалов;\n- действующее технологическое оборудование;\n- движение технологического транспорта ОЗП=1,15; ЭМ=1,15 к расх.; ЗПМ=1,15; ТЗ=1,15; ТЗМ=1,15",null,null,null,null,null,null,null,null,null,null,null,null,null,null,null,null,null,null,null,null,null,null,null,null,null,null,null,null,null,null,null,null,null,null,null,null,null,null,null,null,null,null,null,null,null,null,null,null,null,null,null,null,null,null,null,null,null,null,null,null,null,null,null,null,null,null,null,null,null,"Производство работ осуществляется на территории действующего предприятия с наличием в зоне производства работ одного или нескольких из следующих факторов:\n- разветвленная сеть транспортных и инженерных коммуникаций;\n- стесненные условия для складирования материалов;\n- действующее технологическое оборудование;\n- движение технологического транспорта ОЗП=1,15; ЭМ=1,15 к расх.; ЗПМ=1,15; ТЗ=1,15; ТЗМ=1,15"]
[null,"1","ИНДЕКС К ПОЗИЦИИ: СМР 1 квартал 2025г Минстрой ОЗП=22,53; ЭМ=11,42; ЗПМ=22,53; МАТ=8,56",null,null,null,null,null,null,null,null,null,null,null,null,null,null,null,null,null,null,null,null,null,null,null,null,null,null,null,null,null,null,null,null,null,null,null,null,null,null,null,null,null,null,null,null,null,null,null,null,null,null,null,null,null,null,null,null,null,null,null,null,null,null,null,null,null,null,null,null,null,null,"ИНДЕКС К ПОЗИЦИИ: СМР 1 квартал 2025г Минстрой ОЗП=22,53; ЭМ=11,42; ЗПМ=22,53; МАТ=8,56"]
[null,null,null,null,"Накладные расходы 103% ФОТ (от 110 795,14)",null,null,null,null,null,114118.99]
[null,null,null,null,"Сметная прибыль 59% ФОТ (от 110 795,14)",null,null,null,null,null,65369.13]
[null,null,null,null,"Итого c накладными и см. прибылью",null,null,null,null,null,298079.84999999998]
["12\n*","ТССЦ-509-2631\nПриказ Администрации ЛО от 20.10.15 №28\nПрименительно","Капсула с клеевым составом Hilti HVU-TZ M20\n(шт.)",null,null,1546,35.28,null,35.28,null,466887.05,null,null,466887.05,0,0,null,null,null,null,null,null,null,null,null,null,null,null,null,null,null,null,null,null,null,null,null,null,null,null,null,null,null,null,null,null,null,null,null,null,null,null,null,null,null,null,null,null,null,null,null,null,null,null,null,null,null,null,null,null,null,"Капсула с клеевым составом Hilti HVU-TZ M20\n(шт.)"]
[null,"1","ИНДЕКС К ПОЗИЦИИ: СМР 1 квартал 2025г Минстрой ОЗП=22,53; ЭМ=11,42; ЗПМ=22,53; МАТ=8,56",null,null,null,null,null,null,null,null,null,null,null,null,null,null,null,null,null,null,null,null,null,null,null,null,null,null,null,null,null,null,null,null,null,null,null,null,null,null,null,null,null,null,null,null,null,null,null,null,null,null,null,null,null,null,null,null,null,null,null,null,null,null,null,null,null,null,null,null,null,null,"ИНДЕКС К ПОЗИЦИИ: СМР 1 квартал 2025г Минстрой ОЗП=22,53; ЭМ=11,42; ЗПМ=22,53; МАТ=8,56"]
["13\n*","ТССЦ-509-4616\nПриказ Администрации ЛО от 20.10.15 №28\nПрименительно","Шпилька анкерная Hilti: HIT-V-5,8 М16х300 (HAS) для использования с химическими анкерами HIT\n(шт.)",null,null,1546,40.090000000000003,null,40.090000000000003,null,530541.43999999994,null,null,530541.43999999994,0,0,null,null,null,null,null,null,null,null,null,null,null,null,null,null,null,null,null,null,null,null,null,null,null,null,null,null,null,null,null,null,null,null,null,null,null,null,null,null,null,null,null,null,null,null,null,null,null,null,null,null,null,null,null,null,null,"Шпилька анкерная Hilti: HIT-V-5,8 М16х300 (HAS) для использования с химическими анкерами HIT\n(шт.)"]
[null,"1","ИНДЕКС К ПОЗИЦИИ: СМР 1 квартал 2025г Минстрой ОЗП=22,53; ЭМ=11,42; ЗПМ=22,53; МАТ=8,56",null,null,null,null,null,null,null,null,null,null,null,null,null,null,null,null,null,null,null,null,null,null,null,null,null,null,null,null,null,null,null,null,null,null,null,null,null,null,null,null,null,null,null,null,null,null,null,null,null,null,null,null,null,null,null,null,null,null,null,null,null,null,null,null,null,null,null,null,null,null,"ИНДЕКС К ПОЗИЦИИ: СМР 1 квартал 2025г Минстрой ОЗП=22,53; ЭМ=11,42; ЗПМ=22,53; МАТ=8,56"]
["Раздел 4. Крепление опорных деталей. Лист 424,.2, 424.3",null,null,null,null,null,null,null,null,null,null,null,null,null,null,null,null,null,null,null,null,null,null,null,null,null,null,null,null,null,null,null,null,null,null,null,null,null,null,null,null,null,null,null,null,null,null,null,null,null,null,null,null,null,null,null,null,null,null,null,null,null,null,null,null,null,null,null,null,null,"Раздел 4. Крепление опорных деталей. Лист 424,.2, 424.3"]
["Крепление стоек к ростверку",null,null,null,null,null,null,null,null,null,null,null,null,null,null,null,null,null,null,null,null,null,null,null,null,null,null,null,null,null,null,null,null,null,null,null,null,null,null,null,null,null,null,null,null,null,null,null,null,null,null,null,null,null,null,null,null,null,null,null,null,null,null,null,null,null,null,null,null,null,null,null,null,null,"Крепление стоек к ростверку"]
["14","ТЕР46-08-012-01\nПриказ Администрации ЛО от 20.10.15 №28","Установка анкеров в отверстия глубиной 100 мм с применением смесей серии MASTERFLOW, диаметр анкера: до 8 мм\n(100 шт.)",null,null,3.42,"140,67\n124,03",16.64,null,null,10206.56,9556.64,649.91999999999996,null,7.6704999999999997,26.23,null,null,null,null,null,null,null,null,null,null,null,null,null,null,null,null,null,null,null,null,null,null,null,null,null,null,null,null,null,null,null,null,null,null,null,null,null,null,null,null,null,null,null,null,null,null,null,null,null,null,null,null,null,null,null,"Установка анкеров в отверстия глубиной 100 мм с применением смесей серии MASTERFLOW, диаметр анкера: до 8 мм\n(100 шт.)"]
[null,null,"Объем=342 / 100"]
[null,"421/пр_2020_прил.10_т.3_п.3_гр.3","Производство работ осуществляется на территории действующего предприятия с наличием в зоне производства работ одного или нескольких из следующих факторов:\n- разветвленная сеть транспортных и инженерных коммуникаций;\n- стесненные условия для складирования материалов;\n- действующее технологическое оборудование;\n- движение технологического транспорта ОЗП=1,15; ЭМ=1,15 к расх.; ЗПМ=1,15; ТЗ=1,15; ТЗМ=1,15",null,null,null,null,null,null,null,null,null,null,null,null,null,null,null,null,null,null,null,null,null,null,null,null,null,null,null,null,null,null,null,null,null,null,null,null,null,null,null,null,null,null,null,null,null,null,null,null,null,null,null,null,null,null,null,null,null,null,null,null,null,null,null,null,null,null,null,null,null,"Производство работ осуществляется на территории действующего предприятия с наличием в зоне производства работ одного или нескольких из следующих факторов:\n- разветвленная сеть транспортных и инженерных коммуникаций;\n- стесненные условия для складирования материалов;\n- действующее технологическое оборудование;\n- движение технологического транспорта ОЗП=1,15; ЭМ=1,15 к расх.; ЗПМ=1,15; ТЗ=1,15; ТЗМ=1,15"]
[null,"1","ИНДЕКС К ПОЗИЦИИ: СМР 1 квартал 2025г Минстрой ОЗП=22,53; ЭМ=11,42; ЗПМ=22,53; МАТ=8,56",null,null,null,null,null,null,null,null,null,null,null,null,null,null,null,null,null,null,null,null,null,null,null,null,null,null,null,null,null,null,null,null,null,null,null,null,null,null,null,null,null,null,null,null,null,null,null,null,null,null,null,null,null,null,null,null,null,null,null,null,null,null,null,null,null,null,null,null,null,null,"ИНДЕКС К ПОЗИЦИИ: СМР 1 квартал 2025г Минстрой ОЗП=22,53; ЭМ=11,42; ЗПМ=22,53; МАТ=8,56"]
[null,null,null,null,"Накладные расходы 103% ФОТ (от 9 556,64)",null,null,null,null,null,9843.34]
[null,null,null,null,"Сметная прибыль 59% ФОТ (от 9 556,64)",null,null,null,null,null,5638.42]
[null,null,null,null,"Итого c накладными и см. прибылью",null,null,null,null,null,25688.32]
["15","ТЕР46-08-012-06\nПриказ Администрации ЛО от 20.10.15 №28","На каждые 10 мм изменения глубины отверстия добавлять (уменьшать) к расценке: 46-08-012-01\n(100 шт.)",null,null,3.42,"48,30\n42,41",5.89,null,null,3497.91,3267.95,229.96,null,2.6219999999999999,8.9700000000000006,null,null,null,null,null,null,null,null,null,null,null,null,null,null,null,null,null,null,null,null,null,null,null,null,null,null,null,null,null,null,null,null,null,null,null,null,null,null,null,null,null,null,null,null,null,null,null,null,null,null,null,null,null,null,null,"На каждые 10 мм изменения глубины отверстия добавлять (уменьшать) к расценке: 46-08-012-01\n(100 шт.)"]
[null,null,"Объем=342 / 100"]
[null,null,"глубина 140: 140-100=40/10=4 ПЗ=4 (ОЗП=4; ЭМ=4 к расх.; ЗПМ=4; МАТ=4 к расх.; ТЗ=4; ТЗМ=4)",null,null,null,null,null,null,null,null,null,null,null,null,null,null,null,null,null,null,null,null,null,null,null,null,null,null,null,null,null,null,null,null,null,null,null,null,null,null,null,null,null,null,null,null,null,null,null,null,null,null,null,null,null,null,null,null,null,null,null,null,null,null,null,null,null,null,null,null,null,"глубина 140: 140-100=40/10=4 ПЗ=4 (ОЗП=4; ЭМ=4 к расх.; ЗПМ=4; МАТ=4 к расх.; ТЗ=4; ТЗМ=4)"]
[null,"421/пр_2020_прил.10_т.3_п.3_гр.3","Производство работ осуществляется на территории действующего предприятия с наличием в зоне производства работ одного или нескольких из следующих факторов:\n- разветвленная сеть транспортных и инженерных коммуникаций;\n- стесненные условия для складирования материалов;\n- действующее технологическое оборудование;\n- движение технологического транспорта ОЗП=1,15; ЭМ=1,15 к расх.; ЗПМ=1,15; ТЗ=1,15; ТЗМ=1,15",null,null,null,null,null,null,null,null,null,null,null,null,null,null,null,null,null,null,null,null,null,null,null,null,null,null,null,null,null,null,null,null,null,null,null,null,null,null,null,null,null,null,null,null,null,null,null,null,null,null,null,null,null,null,null,null,null,null,null,null,null,null,null,null,null,null,null,null,null,"Производство работ осуществляется на территории действующего предприятия с наличием в зоне производства работ одного или нескольких из следующих факторов:\n- разветвленная сеть транспортных и инженерных коммуникаций;\n- стесненные условия для складирования материалов;\n- действующее технологическое оборудование;\n- движение технологического транспорта ОЗП=1,15; ЭМ=1,15 к расх.; ЗПМ=1,15; ТЗ=1,15; ТЗМ=1,15"]
[null,"1","ИНДЕКС К ПОЗИЦИИ: СМР 1 квартал 2025г Минстрой ОЗП=22,53; ЭМ=11,42; ЗПМ=22,53; МАТ=8,56",null,null,null,null,null,null,null,null,null,null,null,null,null,null,null,null,null,null,null,null,null,null,null,null,null,null,null,null,null,null,null,null,null,null,null,null,null,null,null,null,null,null,null,null,null,null,null,null,null,null,null,null,null,null,null,null,null,null,null,null,null,null,null,null,null,null,null,null,null,null,"ИНДЕКС К ПОЗИЦИИ: СМР 1 квартал 2025г Минстрой ОЗП=22,53; ЭМ=11,42; ЗПМ=22,53; МАТ=8,56"]
[null,null,null,null,"Накладные расходы 103% ФОТ (от 3 267,95)",null,null,null,null,null,3365.99]
[null,null,null,null,"Сметная прибыль 59% ФОТ (от 3 267,95)",null,null,null,null,null,1928.09]
[null,null,null,null,"Итого c накладными и см. прибылью",null,null,null,null,null,8791.99]
["16\n*","ТССЦ-509-2631\nПриказ Администрации ЛО от 20.10.15 №28\nПрименительно","Капсула с клеевым составом Hilti HVU-TZ M20\n(шт.)",null,null,342,35.28,null,35.28,null,103282.91,null,null,103282.91,0,0,null,null,null,null,null,null,null,null,null,null,null,null,null,null,null,null,null,null,null,null,null,null,null,null,null,null,null,null,null,null,null,null,null,null,null,null,null,null,null,null,null,null,null,null,null,null,null,null,null,null,null,null,null,null,null,"Капсула с клеевым составом Hilti HVU-TZ M20\n(шт.)"]
[null,"1","ИНДЕКС К ПОЗИЦИИ: СМР 1 квартал 2025г Минстрой ОЗП=22,53; ЭМ=11,42; ЗПМ=22,53; МАТ=8,56",null,null,null,null,null,null,null,null,null,null,null,null,null,null,null,null,null,null,null,null,null,null,null,null,null,null,null,null,null,null,null,null,null,null,null,null,null,null,null,null,null,null,null,null,null,null,null,null,null,null,null,null,null,null,null,null,null,null,null,null,null,null,null,null,null,null,null,null,null,null,"ИНДЕКС К ПОЗИЦИИ: СМР 1 квартал 2025г Минстрой ОЗП=22,53; ЭМ=11,42; ЗПМ=22,53; МАТ=8,56"]
["17\n*","ТССЦ-509-4616\nПриказ Администрации ЛО от 20.10.15 №28\nПрименительно","Шпилька анкерная Hilti: HIT-V-5,8 М16х300 (HAS) для использования с химическими анкерами HIT\n(шт.)",null,null,342,40.090000000000003,null,40.090000000000003,null,117364.28,null,null,117364.28,0,0,null,null,null,null,null,null,null,null,null,null,null,null,null,null,null,null,null,null,null,null,null,null,null,null,null,null,null,null,null,null,null,null,null,null,null,null,null,null,null,null,null,null,null,null,null,null,null,null,null,null,null,null,null,null,null,"Шпилька анкерная Hilti: HIT-V-5,8 М16х300 (HAS) для использования с химическими анкерами HIT\n(шт.)"]
[null,"1","ИНДЕКС К ПОЗИЦИИ: СМР 1 квартал 2025г Минстрой ОЗП=22,53; ЭМ=11,42; ЗПМ=22,53; МАТ=8,56",null,null,null,null,null,null,null,null,null,null,null,null,null,null,null,null,null,null,null,null,null,null,null,null,null,null,null,null,null,null,null,null,null,null,null,null,null,null,null,null,null,null,null,null,null,null,null,null,null,null,null,null,null,null,null,null,null,null,null,null,null,null,null,null,null,null,null,null,null,null,"ИНДЕКС К ПОЗИЦИИ: СМР 1 квартал 2025г Минстрой ОЗП=22,53; ЭМ=11,42; ЗПМ=22,53; МАТ=8,56"]
["Крепление тормозных упоров крацер-крана к ростверку",null,null,null,null,null,null,null,null,null,null,null,null,null,null,null,null,null,null,null,null,null,null,null,null,null,null,null,null,null,null,null,null,null,null,null,null,null,null,null,null,null,null,null,null,null,null,null,null,null,null,null,null,null,null,null,null,null,null,null,null,null,null,null,null,null,null,null,null,null,null,null,null,null,"Крепление тормозных упоров крацер-крана к ростверку"]
["18","ТЕР46-08-012-05\nПриказ Администрации ЛО от 20.10.15 №28","Установка анкеров в отверстия глубиной 100 мм с применением смесей серии MASTERFLOW, диаметр анкера: 20 мм и более\n(100 шт.)",null,null,0.24,"341,58\n296,60",44.98,null,null,1727.06,1603.76,123.3,null,18.342500000000001,4.4000000000000004,null,null,null,null,null,null,null,null,null,null,null,null,null,null,null,null,null,null,null,null,null,null,null,null,null,null,null,null,null,null,null,null,null,null,null,null,null,null,null,null,null,null,null,null,null,null,null,null,null,null,null,null,null,null,null,"Установка анкеров в отверстия глубиной 100 мм с применением смесей серии MASTERFLOW, диаметр анкера: 20 мм и более\n(100 шт.)"]
[null,null,"Объем=24 / 100"]
[null,"421/пр_2020_прил.10_т.3_п.3_гр.3","Производство работ осуществляется на территории действующего предприятия с наличием в зоне производства работ одного или нескольких из следующих факторов:\n- разветвленная сеть транспортных и инженерных коммуникаций;\n- стесненные условия для складирования материалов;\n- действующее технологическое оборудование;\n- движение технологического транспорта ОЗП=1,15; ЭМ=1,15 к расх.; ЗПМ=1,15; ТЗ=1,15; ТЗМ=1,15",null,null,null,null,null,null,null,null,null,null,null,null,null,null,null,null,null,null,null,null,null,null,null,null,null,null,null,null,null,null,null,null,null,null,null,null,null,null,null,null,null,null,null,null,null,null,null,null,null,null,null,null,null,null,null,null,null,null,null,null,null,null,null,null,null,null,null,null,null,"Производство работ осуществляется на территории действующего предприятия с наличием в зоне производства работ одного или нескольких из следующих факторов:\n- разветвленная сеть транспортных и инженерных коммуникаций;\n- стесненные условия для складирования материалов;\n- действующее технологическое оборудование;\n- движение технологического транспорта ОЗП=1,15; ЭМ=1,15 к расх.; ЗПМ=1,15; ТЗ=1,15; ТЗМ=1,15"]
[null,"1","ИНДЕКС К ПОЗИЦИИ: СМР 1 квартал 2025г Минстрой ОЗП=22,53; ЭМ=11,42; ЗПМ=22,53; МАТ=8,56",null,null,null,null,null,null,null,null,null,null,null,null,null,null,null,null,null,null,null,null,null,null,null,null,null,null,null,null,null,null,null,null,null,null,null,null,null,null,null,null,null,null,null,null,null,null,null,null,null,null,null,null,null,null,null,null,null,null,null,null,null,null,null,null,null,null,null,null,null,null,"ИНДЕКС К ПОЗИЦИИ: СМР 1 квартал 2025г Минстрой ОЗП=22,53; ЭМ=11,42; ЗПМ=22,53; МАТ=8,56"]
[null,null,null,null,"Накладные расходы 103% ФОТ (от 1 603,76)",null,null,null,null,null,1651.87]
[null,null,null,null,"Сметная прибыль 59% ФОТ (от 1 603,76)",null,null,null,null,null,946.22]
[null,null,null,null,"Итого c накладными и см. прибылью",null,null,null,null,null,4325.1499999999996]
["19","ТЕР46-08-012-10\nПриказ Администрации ЛО от 20.10.15 №28","На каждые 10 мм изменения глубины отверстия добавлять (уменьшать) к расценке: 46-08-012-05\n(100 шт.)",null,null,0.24,"1 231,42\n1 078,70",152.72,null,null,6251.32,5832.75,418.57,null,66.7,16.010000000000002,null,null,null,null,null,null,null,null,null,null,null,null,null,null,null,null,null,null,null,null,null,null,null,null,null,null,null,null,null,null,null,null,null,null,null,null,null,null,null,null,null,null,null,null,null,null,null,null,null,null,null,null,null,null,null,"На каждые 10 мм изменения глубины отверстия добавлять (уменьшать) к расценке: 46-08-012-05\n(100 шт.)"]
[null,null,"Объем=24 / 100"]
[null,null,"глубина 500: 500-100=400/10=40 ПЗ=40 (ОЗП=40; ЭМ=40 к расх.; ЗПМ=40; МАТ=40 к расх.; ТЗ=40; ТЗМ=40)",null,null,null,null,null,null,null,null,null,null,null,null,null,null,null,null,null,null,null,null,null,null,null,null,null,null,null,null,null,null,null,null,null,null,null,null,null,null,null,null,null,null,null,null,null,null,null,null,null,null,null,null,null,null,null,null,null,null,null,null,null,null,null,null,null,null,null,null,null,"глубина 500: 500-100=400/10=40 ПЗ=40 (ОЗП=40; ЭМ=40 к расх.; ЗПМ=40; МАТ=40 к расх.; ТЗ=40; ТЗМ=40)"]
[null,"421/пр_2020_прил.10_т.3_п.3_гр.3","Производство работ осуществляется на территории действующего предприятия с наличием в зоне производства работ одного или нескольких из следующих факторов:\n- разветвленная сеть транспортных и инженерных коммуникаций;\n- стесненные условия для складирования материалов;\n- действующее технологическое оборудование;\n- движение технологического транспорта ОЗП=1,15; ЭМ=1,15 к расх.; ЗПМ=1,15; ТЗ=1,15; ТЗМ=1,15",null,null,null,null,null,null,null,null,null,null,null,null,null,null,null,null,null,null,null,null,null,null,null,null,null,null,null,null,null,null,null,null,null,null,null,null,null,null,null,null,null,null,null,null,null,null,null,null,null,null,null,null,null,null,null,null,null,null,null,null,null,null,null,null,null,null,null,null,null,"Производство работ осуществляется на территории действующего предприятия с наличием в зоне производства работ одного или нескольких из следующих факторов:\n- разветвленная сеть транспортных и инженерных коммуникаций;\n- стесненные условия для складирования материалов;\n- действующее технологическое оборудование;\n- движение технологического транспорта ОЗП=1,15; ЭМ=1,15 к расх.; ЗПМ=1,15; ТЗ=1,15; ТЗМ=1,15"]
[null,"1","ИНДЕКС К ПОЗИЦИИ: СМР 1 квартал 2025г Минстрой ОЗП=22,53; ЭМ=11,42; ЗПМ=22,53; МАТ=8,56",null,null,null,null,null,null,null,null,null,null,null,null,null,null,null,null,null,null,null,null,null,null,null,null,null,null,null,null,null,null,null,null,null,null,null,null,null,null,null,null,null,null,null,null,null,null,null,null,null,null,null,null,null,null,null,null,null,null,null,null,null,null,null,null,null,null,null,null,null,null,"ИНДЕКС К ПОЗИЦИИ: СМР 1 квартал 2025г Минстрой ОЗП=22,53; ЭМ=11,42; ЗПМ=22,53; МАТ=8,56"]
[null,null,null,null,"Накладные расходы 103% ФОТ (от 5 832,75)",null,null,null,null,null,6007.73]
[null,null,null,null,"Сметная прибыль 59% ФОТ (от 5 832,75)",null,null,null,null,null,3441.32]
[null,null,null,null,"Итого c накладными и см. прибылью",null,null,null,null,null,15700.37]
["20\n*","ТССЦ-509-4614\nПриказ Администрации ЛО от 20.10.15 №28\nприменительно","Анкер химический (капсула с клеевым составом) Hilti HVU М24/210\n(шт.)",null,null,24,91.65,null,91.65,null,18828.580000000002,null,null,18828.580000000002,0,0,null,null,null,null,null,null,null,null,null,null,null,null,null,null,null,null,null,null,null,null,null,null,null,null,null,null,null,null,null,null,null,null,null,null,null,null,null,null,null,null,null,null,null,null,null,null,null,null,null,null,null,null,null,null,null,"Анкер химический (капсула с клеевым составом) Hilti HVU М24/210\n(шт.)"]
[null,"1","ИНДЕКС К ПОЗИЦИИ: СМР 1 квартал 2025г Минстрой ОЗП=22,53; ЭМ=11,42; ЗПМ=22,53; МАТ=8,56",null,null,null,null,null,null,null,null,null,null,null,null,null,null,null,null,null,null,null,null,null,null,null,null,null,null,null,null,null,null,null,null,null,null,null,null,null,null,null,null,null,null,null,null,null,null,null,null,null,null,null,null,null,null,null,null,null,null,null,null,null,null,null,null,null,null,null,null,null,null,"ИНДЕКС К ПОЗИЦИИ: СМР 1 квартал 2025г Минстрой ОЗП=22,53; ЭМ=11,42; ЗПМ=22,53; МАТ=8,56"]
["21\n*","ТССЦ-509-4617\nПриказ Администрации ЛО от 20.10.15 №28\nПрименительно","Шпилька анкерная Hilti: HIT-V-5,8 М24х450 (HAS) для использования с химическими анкерами HIT\n(шт.)",null,null,24,133.4,null,133.4,null,27405.7,null,null,27405.7,0,0,null,null,null,null,null,null,null,null,null,null,null,null,null,null,null,null,null,null,null,null,null,null,null,null,null,null,null,null,null,null,null,null,null,null,null,null,null,null,null,null,null,null,null,null,null,null,null,null,null,null,null,null,null,null,null,"Шпилька анкерная Hilti: HIT-V-5,8 М24х450 (HAS) для использования с химическими анкерами HIT\n(шт.)"]
[null,"1","ИНДЕКС К ПОЗИЦИИ: СМР 1 квартал 2025г Минстрой ОЗП=22,53; ЭМ=11,42; ЗПМ=22,53; МАТ=8,56",null,null,null,null,null,null,null,null,null,null,null,null,null,null,null,null,null,null,null,null,null,null,null,null,null,null,null,null,null,null,null,null,null,null,null,null,null,null,null,null,null,null,null,null,null,null,null,null,null,null,null,null,null,null,null,null,null,null,null,null,null,null,null,null,null,null,null,null,null,null,"ИНДЕКС К ПОЗИЦИИ: СМР 1 квартал 2025г Минстрой ОЗП=22,53; ЭМ=11,42; ЗПМ=22,53; МАТ=8,56"]
["Крепление крацер-крана в сервесном положении",null,null,null,null,null,null,null,null,null,null,null,null,null,null,null,null,null,null,null,null,null,null,null,null,null,null,null,null,null,null,null,null,null,null,null,null,null,null,null,null,null,null,null,null,null,null,null,null,null,null,null,null,null,null,null,null,null,null,null,null,null,null,null,null,null,null,null,null,null,null,null,null,null,"Крепление крацер-крана в сервесном положении"]
["22","ТЕР46-08-012-01\nПриказ Администрации ЛО от 20.10.15 №28","Установка анкеров в отверстия глубиной 100 мм с применением смесей серии MASTERFLOW, диаметр анкера: до 8 мм\n(100 шт.)",null,null,0.24,"140,67\n124,03",16.64,null,null,716.25,670.64,45.61,null,7.6704999999999997,1.84,null,null,null,null,null,null,null,null,null,null,null,null,null,null,null,null,null,null,null,null,null,null,null,null,null,null,null,null,null,null,null,null,null,null,null,null,null,null,null,null,null,null,null,null,null,null,null,null,null,null,null,null,null,null,null,"Установка анкеров в отверстия глубиной 100 мм с применением смесей серии MASTERFLOW, диаметр анкера: до 8 мм\n(100 шт.)"]
[null,null,"Объем=24 / 100"]
[null,"421/пр_2020_прил.10_т.3_п.3_гр.3","Производство работ осуществляется на территории действующего предприятия с наличием в зоне производства работ одного или нескольких из следующих факторов:\n- разветвленная сеть транспортных и инженерных коммуникаций;\n- стесненные условия для складирования материалов;\n- действующее технологическое оборудование;\n- движение технологического транспорта ОЗП=1,15; ЭМ=1,15 к расх.; ЗПМ=1,15; ТЗ=1,15; ТЗМ=1,15",null,null,null,null,null,null,null,null,null,null,null,null,null,null,null,null,null,null,null,null,null,null,null,null,null,null,null,null,null,null,null,null,null,null,null,null,null,null,null,null,null,null,null,null,null,null,null,null,null,null,null,null,null,null,null,null,null,null,null,null,null,null,null,null,null,null,null,null,null,"Производство работ осуществляется на территории действующего предприятия с наличием в зоне производства работ одного или нескольких из следующих факторов:\n- разветвленная сеть транспортных и инженерных коммуникаций;\n- стесненные условия для складирования материалов;\n- действующее технологическое оборудование;\n- движение технологического транспорта ОЗП=1,15; ЭМ=1,15 к расх.; ЗПМ=1,15; ТЗ=1,15; ТЗМ=1,15"]
[null,"1","ИНДЕКС К ПОЗИЦИИ: СМР 1 квартал 2025г Минстрой ОЗП=22,53; ЭМ=11,42; ЗПМ=22,53; МАТ=8,56",null,null,null,null,null,null,null,null,null,null,null,null,null,null,null,null,null,null,null,null,null,null,null,null,null,null,null,null,null,null,null,null,null,null,null,null,null,null,null,null,null,null,null,null,null,null,null,null,null,null,null,null,null,null,null,null,null,null,null,null,null,null,null,null,null,null,null,null,null,null,"ИНДЕКС К ПОЗИЦИИ: СМР 1 квартал 2025г Минстрой ОЗП=22,53; ЭМ=11,42; ЗПМ=22,53; МАТ=8,56"]
[null,null,null,null,"Накладные расходы 103% ФОТ (от 670,64)",null,null,null,null,null,690.76]
[null,null,null,null,"Сметная прибыль 59% ФОТ (от 670,64)",null,null,null,null,null,395.68]
[null,null,null,null,"Итого c накладными и см. прибылью",null,null,null,null,null,1802.69]
["23","ТЕР46-08-012-06\nПриказ Администрации ЛО от 20.10.15 №28","На каждые 10 мм изменения глубины отверстия добавлять (уменьшать) к расценке: 46-08-012-01\n(100 шт.)",null,null,0.24,"362,25\n318,09",44.16,null,null,1841.01,1719.98,121.03,null,19.664999999999999,4.72,null,null,null,null,null,null,null,null,null,null,null,null,null,null,null,null,null,null,null,null,null,null,null,null,null,null,null,null,null,null,null,null,null,null,null,null,null,null,null,null,null,null,null,null,null,null,null,null,null,null,null,null,null,null,null,"На каждые 10 мм изменения глубины отверстия добавлять (уменьшать) к расценке: 46-08-012-01\n(100 шт.)"]
[null,null,"Объем=24 / 100"]
[null,null,"глубина 400: 400-100=300/10=30 ПЗ=30 (ОЗП=30; ЭМ=30 к расх.; ЗПМ=30; МАТ=30 к расх.; ТЗ=30; ТЗМ=30)",null,null,null,null,null,null,null,null,null,null,null,null,null,null,null,null,null,null,null,null,null,null,null,null,null,null,null,null,null,null,null,null,null,null,null,null,null,null,null,null,null,null,null,null,null,null,null,null,null,null,null,null,null,null,null,null,null,null,null,null,null,null,null,null,null,null,null,null,null,"глубина 400: 400-100=300/10=30 ПЗ=30 (ОЗП=30; ЭМ=30 к расх.; ЗПМ=30; МАТ=30 к расх.; ТЗ=30; ТЗМ=30)"]
[null,"421/пр_2020_прил.10_т.3_п.3_гр.3","Производство работ осуществляется на территории действующего предприятия с наличием в зоне производства работ одного или нескольких из следующих факторов:\n- разветвленная сеть транспортных и инженерных коммуникаций;\n- стесненные условия для складирования материалов;\n- действующее технологическое оборудование;\n- движение технологического транспорта ОЗП=1,15; ЭМ=1,15 к расх.; ЗПМ=1,15; ТЗ=1,15; ТЗМ=1,15",null,null,null,null,null,null,null,null,null,null,null,null,null,null,null,null,null,null,null,null,null,null,null,null,null,null,null,null,null,null,null,null,null,null,null,null,null,null,null,null,null,null,null,null,null,null,null,null,null,null,null,null,null,null,null,null,null,null,null,null,null,null,null,null,null,null,null,null,null,"Производство работ осуществляется на территории действующего предприятия с наличием в зоне производства работ одного или нескольких из следующих факторов:\n- разветвленная сеть транспортных и инженерных коммуникаций;\n- стесненные условия для складирования материалов;\n- действующее технологическое оборудование;\n- движение технологического транспорта ОЗП=1,15; ЭМ=1,15 к расх.; ЗПМ=1,15; ТЗ=1,15; ТЗМ=1,15"]
[null,"1","ИНДЕКС К ПОЗИЦИИ: СМР 1 квартал 2025г Минстрой ОЗП=22,53; ЭМ=11,42; ЗПМ=22,53; МАТ=8,56",null,null,null,null,null,null,null,null,null,null,null,null,null,null,null,null,null,null,null,null,null,null,null,null,null,null,null,null,null,null,null,null,null,null,null,null,null,null,null,null,null,null,null,null,null,null,null,null,null,null,null,null,null,null,null,null,null,null,null,null,null,null,null,null,null,null,null,null,null,null,"ИНДЕКС К ПОЗИЦИИ: СМР 1 квартал 2025г Минстрой ОЗП=22,53; ЭМ=11,42; ЗПМ=22,53; МАТ=8,56"]
[null,null,null,null,"Накладные расходы 103% ФОТ (от 1 719,98)",null,null,null,null,null,1771.58]
[null,null,null,null,"Сметная прибыль 59% ФОТ (от 1 719,98)",null,null,null,null,null,1014.79]
[null,null,null,null,"Итого c накладными и см. прибылью",null,null,null,null,null,4627.38]
["24\n*","ТССЦ-509-2631\nПриказ Администрации ЛО от 20.10.15 №28\nПрименительно","Капсула с клеевым составом Hilti HVU-TZ M20\n(шт.)",null,null,24,35.28,null,35.28,null,7247.92,null,null,7247.92,0,0,null,null,null,null,null,null,null,null,null,null,null,null,null,null,null,null,null,null,null,null,null,null,null,null,null,null,null,null,null,null,null,null,null,null,null,null,null,null,null,null,null,null,null,null,null,null,null,null,null,null,null,null,null,null,null,"Капсула с клеевым составом Hilti HVU-TZ M20\n(шт.)"]
[null,"1","ИНДЕКС К ПОЗИЦИИ: СМР 1 квартал 2025г Минстрой ОЗП=22,53; ЭМ=11,42; ЗПМ=22,53; МАТ=8,56",null,null,null,null,null,null,null,null,null,null,null,null,null,null,null,null,null,null,null,null,null,null,null,null,null,null,null,null,null,null,null,null,null,null,null,null,null,null,null,null,null,null,null,null,null,null,null,null,null,null,null,null,null,null,null,null,null,null,null,null,null,null,null,null,null,null,null,null,null,null,"ИНДЕКС К ПОЗИЦИИ: СМР 1 квартал 2025г Минстрой ОЗП=22,53; ЭМ=11,42; ЗПМ=22,53; МАТ=8,56"]
["25\n*","ТССЦ-509-4616\nПриказ Администрации ЛО от 20.10.15 №28\nПрименительно","Шпилька анкерная Hilti: HIT-V-5,8 М16х300 (HAS) для использования с химическими анкерами HIT\n(шт.)",null,null,24,40.090000000000003,null,40.090000000000003,null,8236.09,null,null,8236.09,0,0,null,null,null,null,null,null,null,null,null,null,null,null,null,null,null,null,null,null,null,null,null,null,null,null,null,null,null,null,null,null,null,null,null,null,null,null,null,null,null,null,null,null,null,null,null,null,null,null,null,null,null,null,null,null,null,"Шпилька анкерная Hilti: HIT-V-5,8 М16х300 (HAS) для использования с химическими анкерами HIT\n(шт.)"]
[null,"1","ИНДЕКС К ПОЗИЦИИ: СМР 1 квартал 2025г Минстрой ОЗП=22,53; ЭМ=11,42; ЗПМ=22,53; МАТ=8,56",null,null,null,null,null,null,null,null,null,null,null,null,null,null,null,null,null,null,null,null,null,null,null,null,null,null,null,null,null,null,null,null,null,null,null,null,null,null,null,null,null,null,null,null,null,null,null,null,null,null,null,null,null,null,null,null,null,null,null,null,null,null,null,null,null,null,null,null,null,null,"ИНДЕКС К ПОЗИЦИИ: СМР 1 квартал 2025г Минстрой ОЗП=22,53; ЭМ=11,42; ЗПМ=22,53; МАТ=8,56"]
["Крепление стоек подъемной каретки к ростверку",null,null,null,null,null,null,null,null,null,null,null,null,null,null,null,null,null,null,null,null,null,null,null,null,null,null,null,null,null,null,null,null,null,null,null,null,null,null,null,null,null,null,null,null,null,null,null,null,null,null,null,null,null,null,null,null,null,null,null,null,null,null,null,null,null,null,null,null,null,null,null,null,null,"Крепление стоек подъемной каретки к ростверку"]
["26","ТЕР46-08-012-01\nПриказ Администрации ЛО от 20.10.15 №28","Установка анкеров в отверстия глубиной 100 мм с применением смесей серии MASTERFLOW, диаметр анкера: до 8 мм\n(100 шт.)",null,null,0.16,"140,67\n124,03",16.64,null,null,477.5,447.09,30.41,null,7.6704999999999997,1.23,null,null,null,null,null,null,null,null,null,null,null,null,null,null,null,null,null,null,null,null,null,null,null,null,null,null,null,null,null,null,null,null,null,null,null,null,null,null,null,null,null,null,null,null,null,null,null,null,null,null,null,null,null,null,null,"Установка анкеров в отверстия глубиной 100 мм с применением смесей серии MASTERFLOW, диаметр анкера: до 8 мм\n(100 шт.)"]
[null,null,"Объем=16 / 100"]
[null,"421/пр_2020_прил.10_т.3_п.3_гр.3","Производство работ осуществляется на территории действующего предприятия с наличием в зоне производства работ одного или нескольких из следующих факторов:\n- разветвленная сеть транспортных и инженерных коммуникаций;\n- стесненные условия для складирования материалов;\n- действующее технологическое оборудование;\n- движение технологического транспорта ОЗП=1,15; ЭМ=1,15 к расх.; ЗПМ=1,15; ТЗ=1,15; ТЗМ=1,15",null,null,null,null,null,null,null,null,null,null,null,null,null,null,null,null,null,null,null,null,null,null,null,null,null,null,null,null,null,null,null,null,null,null,null,null,null,null,null,null,null,null,null,null,null,null,null,null,null,null,null,null,null,null,null,null,null,null,null,null,null,null,null,null,null,null,null,null,null,"Производство работ осуществляется на территории действующего предприятия с наличием в зоне производства работ одного или нескольких из следующих факторов:\n- разветвленная сеть транспортных и инженерных коммуникаций;\n- стесненные условия для складирования материалов;\n- действующее технологическое оборудование;\n- движение технологического транспорта ОЗП=1,15; ЭМ=1,15 к расх.; ЗПМ=1,15; ТЗ=1,15; ТЗМ=1,15"]
[null,"1","ИНДЕКС К ПОЗИЦИИ: СМР 1 квартал 2025г Минстрой ОЗП=22,53; ЭМ=11,42; ЗПМ=22,53; МАТ=8,56",null,null,null,null,null,null,null,null,null,null,null,null,null,null,null,null,null,null,null,null,null,null,null,null,null,null,null,null,null,null,null,null,null,null,null,null,null,null,null,null,null,null,null,null,null,null,null,null,null,null,null,null,null,null,null,null,null,null,null,null,null,null,null,null,null,null,null,null,null,null,"ИНДЕКС К ПОЗИЦИИ: СМР 1 квартал 2025г Минстрой ОЗП=22,53; ЭМ=11,42; ЗПМ=22,53; МАТ=8,56"]
[null,null,null,null,"Накладные расходы 103% ФОТ (от 447,09)",null,null,null,null,null,460.5]
[null,null,null,null,"Сметная прибыль 59% ФОТ (от 447,09)",null,null,null,null,null,263.77999999999997]
[null,null,null,null,"Итого c накладными и см. прибылью",null,null,null,null,null,1201.78]
["27","ТЕР46-08-012-06\nПриказ Администрации ЛО от 20.10.15 №28","На каждые 10 мм изменения глубины отверстия добавлять (уменьшать) к расценке: 46-08-012-01\n(100 шт.)",null,null,0.16,"362,25\n318,09",44.16,null,null,1227.3399999999999,1146.6500000000001,80.69,null,19.664999999999999,3.15,null,null,null,null,null,null,null,null,null,null,null,null,null,null,null,null,null,null,null,null,null,null,null,null,null,null,null,null,null,null,null,null,null,null,null,null,null,null,null,null,null,null,null,null,null,null,null,null,null,null,null,null,null,null,null,"На каждые 10 мм изменения глубины отверстия добавлять (уменьшать) к расценке: 46-08-012-01\n(100 шт.)"]
[null,null,"Объем=16 / 100"]
[null,null,"глубина 400: 400-100=300/10=30 ПЗ=30 (ОЗП=30; ЭМ=30 к расх.; ЗПМ=30; МАТ=30 к расх.; ТЗ=30; ТЗМ=30)",null,null,null,null,null,null,null,null,null,null,null,null,null,null,null,null,null,null,null,null,null,null,null,null,null,null,null,null,null,null,null,null,null,null,null,null,null,null,null,null,null,null,null,null,null,null,null,null,null,null,null,null,null,null,null,null,null,null,null,null,null,null,null,null,null,null,null,null,null,"глубина 400: 400-100=300/10=30 ПЗ=30 (ОЗП=30; ЭМ=30 к расх.; ЗПМ=30; МАТ=30 к расх.; ТЗ=30; ТЗМ=30)"]
[null,"421/пр_2020_прил.10_т.3_п.3_гр.3","Производство работ осуществляется на территории действующего предприятия с наличием в зоне производства работ одного или нескольких из следующих факторов:\n- разветвленная сеть транспортных и инженерных коммуникаций;\n- стесненные условия для складирования материалов;\n- действующее технологическое оборудование;\n- движение технологического транспорта ОЗП=1,15; ЭМ=1,15 к расх.; ЗПМ=1,15; ТЗ=1,15; ТЗМ=1,15",null,null,null,null,null,null,null,null,null,null,null,null,null,null,null,null,null,null,null,null,null,null,null,null,null,null,null,null,null,null,null,null,null,null,null,null,null,null,null,null,null,null,null,null,null,null,null,null,null,null,null,null,null,null,null,null,null,null,null,null,null,null,null,null,null,null,null,null,null,"Производство работ осуществляется на территории действующего предприятия с наличием в зоне производства работ одного или нескольких из следующих факторов:\n- разветвленная сеть транспортных и инженерных коммуникаций;\n- стесненные условия для складирования материалов;\n- действующее технологическое оборудование;\n- движение технологического транспорта ОЗП=1,15; ЭМ=1,15 к расх.; ЗПМ=1,15; ТЗ=1,15; ТЗМ=1,15"]
[null,"1","ИНДЕКС К ПОЗИЦИИ: СМР 1 квартал 2025г Минстрой ОЗП=22,53; ЭМ=11,42; ЗПМ=22,53; МАТ=8,56",null,null,null,null,null,null,null,null,null,null,null,null,null,null,null,null,null,null,null,null,null,null,null,null,null,null,null,null,null,null,null,null,null,null,null,null,null,null,null,null,null,null,null,null,null,null,null,null,null,null,null,null,null,null,null,null,null,null,null,null,null,null,null,null,null,null,null,null,null,null,"ИНДЕКС К ПОЗИЦИИ: СМР 1 квартал 2025г Минстрой ОЗП=22,53; ЭМ=11,42; ЗПМ=22,53; МАТ=8,56"]
[null,null,null,null,"Накладные расходы 103% ФОТ (от 1 146,65)",null,null,null,null,null,1181.05]
[null,null,null,null,"Сметная прибыль 59% ФОТ (от 1 146,65)",null,null,null,null,null,676.52]
[null,null,null,null,"Итого c накладными и см. прибылью",null,null,null,null,null,3084.91]
["28\n*","ТССЦ-509-4614\nПриказ Администрации ЛО от 20.10.15 №28\nприменительно","Анкер химический (капсула с клеевым составом) Hilti HVU М24/210\n(шт.)",null,null,16,91.65,null,91.65,null,12552.38,null,null,12552.38,0,0,null,null,null,null,null,null,null,null,null,null,null,null,null,null,null,null,null,null,null,null,null,null,null,null,null,null,null,null,null,null,null,null,null,null,null,null,null,null,null,null,null,null,null,null,null,null,null,null,null,null,null,null,null,null,null,"Анкер химический (капсула с клеевым составом) Hilti HVU М24/210\n(шт.)"]
[null,"1","ИНДЕКС К ПОЗИЦИИ: СМР 1 квартал 2025г Минстрой ОЗП=22,53; ЭМ=11,42; ЗПМ=22,53; МАТ=8,56",null,null,null,null,null,null,null,null,null,null,null,null,null,null,null,null,null,null,null,null,null,null,null,null,null,null,null,null,null,null,null,null,null,null,null,null,null,null,null,null,null,null,null,null,null,null,null,null,null,null,null,null,null,null,null,null,null,null,null,null,null,null,null,null,null,null,null,null,null,null,"ИНДЕКС К ПОЗИЦИИ: СМР 1 квартал 2025г Минстрой ОЗП=22,53; ЭМ=11,42; ЗПМ=22,53; МАТ=8,56"]
["29\n*","ТССЦ-509-4617\nПриказ Администрации ЛО от 20.10.15 №28\nПрименительно","Шпилька анкерная Hilti: HIT-V-5,8 М24х450 (HAS) для использования с химическими анкерами HIT\n(шт.)",null,null,16,133.4,null,133.4,null,18270.46,null,null,18270.46,0,0,null,null,null,null,null,null,null,null,null,null,null,null,null,null,null,null,null,null,null,null,null,null,null,null,null,null,null,null,null,null,null,null,null,null,null,null,null,null,null,null,null,null,null,null,null,null,null,null,null,null,null,null,null,null,null,"Шпилька анкерная Hilti: HIT-V-5,8 М24х450 (HAS) для использования с химическими анкерами HIT\n(шт.)"]
[null,"1","ИНДЕКС К ПОЗИЦИИ: СМР 1 квартал 2025г Минстрой ОЗП=22,53; ЭМ=11,42; ЗПМ=22,53; МАТ=8,56",null,null,null,null,null,null,null,null,null,null,null,null,null,null,null,null,null,null,null,null,null,null,null,null,null,null,null,null,null,null,null,null,null,null,null,null,null,null,null,null,null,null,null,null,null,null,null,null,null,null,null,null,null,null,null,null,null,null,null,null,null,null,null,null,null,null,null,null,null,null,"ИНДЕКС К ПОЗИЦИИ: СМР 1 квартал 2025г Минстрой ОЗП=22,53; ЭМ=11,42; ЗПМ=22,53; МАТ=8,56"]
["30","ТЕР46-03-014-01\nПриказ Администрации ЛО от 20.10.15 №28","Сверление вертикальных отверстий в железобетонных конструкциях полов перфоратором глубиной 200 мм диаметром: 20 мм\n(100 отверстий)",null,null,0.08,"283,68\n127,19",156.49,null,null,372.22,229.25,142.97,null,7.8659999999999997,0.63,null,null,null,null,null,null,null,null,null,null,null,null,null,null,null,null,null,null,null,null,null,null,null,null,null,null,null,null,null,null,null,null,null,null,null,null,null,null,null,null,null,null,null,null,null,null,null,null,null,null,null,null,null,null,null,"Сверление вертикальных отверстий в железобетонных конструкциях полов перфоратором глубиной 200 мм диаметром: 20 мм\n(100 отверстий)"]
[null,null,"Объем=8 / 100"]
[null,"421/пр_2020_прил.10_т.3_п.3_гр.3","Производство работ осуществляется на территории действующего предприятия с наличием в зоне производства работ одного или нескольких из следующих факторов:\n- разветвленная сеть транспортных и инженерных коммуникаций;\n- стесненные условия для складирования материалов;\n- действующее технологическое оборудование;\n- движение технологического транспорта ОЗП=1,15; ЭМ=1,15 к расх.; ЗПМ=1,15; ТЗ=1,15; ТЗМ=1,15",null,null,null,null,null,null,null,null,null,null,null,null,null,null,null,null,null,null,null,null,null,null,null,null,null,null,null,null,null,null,null,null,null,null,null,null,null,null,null,null,null,null,null,null,null,null,null,null,null,null,null,null,null,null,null,null,null,null,null,null,null,null,null,null,null,null,null,null,null,"Производство работ осуществляется на территории действующего предприятия с наличием в зоне производства работ одного или нескольких из следующих факторов:\n- разветвленная сеть транспортных и инженерных коммуникаций;\n- стесненные условия для складирования материалов;\n- действующее технологическое оборудование;\n- движение технологического транспорта ОЗП=1,15; ЭМ=1,15 к расх.; ЗПМ=1,15; ТЗ=1,15; ТЗМ=1,15"]
[null,"1","ИНДЕКС К ПОЗИЦИИ: СМР 1 квартал 2025г Минстрой ОЗП=22,53; ЭМ=11,42; ЗПМ=22,53; МАТ=8,56",null,null,null,null,null,null,null,null,null,null,null,null,null,null,null,null,null,null,null,null,null,null,null,null,null,null,null,null,null,null,null,null,null,null,null,null,null,null,null,null,null,null,null,null,null,null,null,null,null,null,null,null,null,null,null,null,null,null,null,null,null,null,null,null,null,null,null,null,null,null,"ИНДЕКС К ПОЗИЦИИ: СМР 1 квартал 2025г Минстрой ОЗП=22,53; ЭМ=11,42; ЗПМ=22,53; МАТ=8,56"]
[null,null,null,null,"Накладные расходы 103% ФОТ (от 229,25)",null,null,null,null,null,236.13]
[null,null,null,null,"Сметная прибыль 59% ФОТ (от 229,25)",null,null,null,null,null,135.26]
[null,null,null,null,"Итого c накладными и см. прибылью",null,null,null,null,null,743.61]
["31","ТЕР46-03-014-14\nПриказ Администрации ЛО от 20.10.15 №28","На каждые 10 мм изменения глубины сверления добавлять или исключать: к расценке 46-03-014-01\n(100 отверстий)",null,null,-0.08,"125,47\n50,26",75.209999999999994,null,null,-159.29,-90.58,-68.709999999999994,null,3.105,-0.25,null,null,null,null,null,null,null,null,null,null,null,null,null,null,null,null,null,null,null,null,null,null,null,null,null,null,null,null,null,null,null,null,null,null,null,null,null,null,null,null,null,null,null,null,null,null,null,null,null,null,null,null,null,null,null,"На каждые 10 мм изменения глубины сверления добавлять или исключать: к расценке 46-03-014-01\n(100 отверстий)"]
[null,null,"Объем=-8 / 100"]
[null,null,"глубина 100: 200-100=100/10=10 ПЗ=10 (ОЗП=10; ЭМ=10 к расх.; ЗПМ=10; МАТ=10 к расх.; ТЗ=10; ТЗМ=10)",null,null,null,null,null,null,null,null,null,null,null,null,null,null,null,null,null,null,null,null,null,null,null,null,null,null,null,null,null,null,null,null,null,null,null,null,null,null,null,null,null,null,null,null,null,null,null,null,null,null,null,null,null,null,null,null,null,null,null,null,null,null,null,null,null,null,null,null,null,"глубина 100: 200-100=100/10=10 ПЗ=10 (ОЗП=10; ЭМ=10 к расх.; ЗПМ=10; МАТ=10 к расх.; ТЗ=10; ТЗМ=10)"]
[null,"421/пр_2020_прил.10_т.3_п.3_гр.3","Производство работ осуществляется на территории действующего предприятия с наличием в зоне производства работ одного или нескольких из следующих факторов:\n- разветвленная сеть транспортных и инженерных коммуникаций;\n- стесненные условия для складирования материалов;\n- действующее технологическое оборудование;\n- движение технологического транспорта ОЗП=1,15; ЭМ=1,15 к расх.; ЗПМ=1,15; ТЗ=1,15; ТЗМ=1,15",null,null,null,null,null,null,null,null,null,null,null,null,null,null,null,null,null,null,null,null,null,null,null,null,null,null,null,null,null,null,null,null,null,null,null,null,null,null,null,null,null,null,null,null,null,null,null,null,null,null,null,null,null,null,null,null,null,null,null,null,null,null,null,null,null,null,null,null,null,"Производство работ осуществляется на территории действующего предприятия с наличием в зоне производства работ одного или нескольких из следующих факторов:\n- разветвленная сеть транспортных и инженерных коммуникаций;\n- стесненные условия для складирования материалов;\n- действующее технологическое оборудование;\n- движение технологического транспорта ОЗП=1,15; ЭМ=1,15 к расх.; ЗПМ=1,15; ТЗ=1,15; ТЗМ=1,15"]
[null,"1","ИНДЕКС К ПОЗИЦИИ: СМР 1 квартал 2025г Минстрой ОЗП=22,53; ЭМ=11,42; ЗПМ=22,53; МАТ=8,56",null,null,null,null,null,null,null,null,null,null,null,null,null,null,null,null,null,null,null,null,null,null,null,null,null,null,null,null,null,null,null,null,null,null,null,null,null,null,null,null,null,null,null,null,null,null,null,null,null,null,null,null,null,null,null,null,null,null,null,null,null,null,null,null,null,null,null,null,null,null,"ИНДЕКС К ПОЗИЦИИ: СМР 1 квартал 2025г Минстрой ОЗП=22,53; ЭМ=11,42; ЗПМ=22,53; МАТ=8,56"]
[null,null,null,null,"Накладные расходы 103% ФОТ (от -90,58)",null,null,null,null,null,-93.3]
[null,null,null,null,"Сметная прибыль 59% ФОТ (от -90,58)",null,null,null,null,null,-53.44]
[null,null,null,null,"Итого c накладными и см. прибылью",null,null,null,null,null,-306.02999999999997]
["32","ТЕР06-01-015-03\nПриказ Администрации ЛО от 20.10.15 №28","Установка анкерных болтов: при бетонировании со связями из арматуры\n(1 т)",null,null,2.317E-3,"12 378,70\n2 544,10","90,06\n6,21",9744.5400000000009,null,328.46,132.81,"2,38\n0,32",193.27,147.91300000000001,0.34,null,null,null,null,null,null,null,null,null,null,null,null,null,null,null,null,null,null,null,null,null,null,null,null,null,null,null,null,null,null,null,null,null,null,null,null,null,null,null,null,null,null,null,null,null,null,null,null,null,null,null,null,null,null,null,"Установка анкерных болтов: при бетонировании со связями из арматуры\n(1 т)"]
[null,null,"Объем=(1,664+0,515+0,138)*0,001"]
[null,"421/пр_2020_прил.10_т.3_п.3_гр.3","Производство работ осуществляется на территории действующего предприятия с наличием в зоне производства работ одного или нескольких из следующих факторов:\n- разветвленная сеть транспортных и инженерных коммуникаций;\n- стесненные условия для складирования материалов;\n- действующее технологическое оборудование;\n- движение технологического транспорта ОЗП=1,15; ЭМ=1,15 к расх.; ЗПМ=1,15; ТЗ=1,15; ТЗМ=1,15",null,null,null,null,null,null,null,null,null,null,null,null,null,null,null,null,null,null,null,null,null,null,null,null,null,null,null,null,null,null,null,null,null,null,null,null,null,null,null,null,null,null,null,null,null,null,null,null,null,null,null,null,null,null,null,null,null,null,null,null,null,null,null,null,null,null,null,null,null,"Производство работ осуществляется на территории действующего предприятия с наличием в зоне производства работ одного или нескольких из следующих факторов:\n- разветвленная сеть транспортных и инженерных коммуникаций;\n- стесненные условия для складирования материалов;\n- действующее технологическое оборудование;\n- движение технологического транспорта ОЗП=1,15; ЭМ=1,15 к расх.; ЗПМ=1,15; ТЗ=1,15; ТЗМ=1,15"]
[null,"1","ИНДЕКС К ПОЗИЦИИ: СМР 1 квартал 2025г Минстрой ОЗП=22,53; ЭМ=11,42; ЗПМ=22,53; МАТ=8,56",null,null,null,null,null,null,null,null,null,null,null,null,null,null,null,null,null,null,null,null,null,null,null,null,null,null,null,null,null,null,null,null,null,null,null,null,null,null,null,null,null,null,null,null,null,null,null,null,null,null,null,null,null,null,null,null,null,null,null,null,null,null,null,null,null,null,null,null,null,null,"ИНДЕКС К ПОЗИЦИИ: СМР 1 квартал 2025г Минстрой ОЗП=22,53; ЭМ=11,42; ЗПМ=22,53; МАТ=8,56"]
[null,null,null,null,"Накладные расходы 102% ФОТ (от 133,13)",null,null,null,null,null,135.79]
[null,null,null,null,"Сметная прибыль 58% ФОТ (от 133,13)",null,null,null,null,null,77.22]
[null,null,null,null,"Итого c накладными и см. прибылью",null,null,null,null,null,541.47]
["Крепление тормазных упоров мобильного бункера",null,null,null,null,null,null,null,null,null,null,null,null,null,null,null,null,null,null,null,null,null,null,null,null,null,null,null,null,null,null,null,null,null,null,null,null,null,null,null,null,null,null,null,null,null,null,null,null,null,null,null,null,null,null,null,null,null,null,null,null,null,null,null,null,null,null,null,null,null,null,null,null,null,"Крепление тормазных упоров мобильного бункера"]
["33","ТЕР46-08-012-01\nПриказ Администрации ЛО от 20.10.15 №28","Установка анкеров в отверстия глубиной 100 мм с применением смесей серии MASTERFLOW, диаметр анкера: до 8 мм\n(100 шт.)",null,null,0.18,"140,67\n124,03",16.64,null,null,537.19000000000005,502.98,34.21,null,7.6704999999999997,1.38,null,null,null,null,null,null,null,null,null,null,null,null,null,null,null,null,null,null,null,null,null,null,null,null,null,null,null,null,null,null,null,null,null,null,null,null,null,null,null,null,null,null,null,null,null,null,null,null,null,null,null,null,null,null,null,"Установка анкеров в отверстия глубиной 100 мм с применением смесей серии MASTERFLOW, диаметр анкера: до 8 мм\n(100 шт.)"]
[null,null,"Объем=18 / 100"]
[null,"421/пр_2020_прил.10_т.3_п.3_гр.3","Производство работ осуществляется на территории действующего предприятия с наличием в зоне производства работ одного или нескольких из следующих факторов:\n- разветвленная сеть транспортных и инженерных коммуникаций;\n- стесненные условия для складирования материалов;\n- действующее технологическое оборудование;\n- движение технологического транспорта ОЗП=1,15; ЭМ=1,15 к расх.; ЗПМ=1,15; ТЗ=1,15; ТЗМ=1,15",null,null,null,null,null,null,null,null,null,null,null,null,null,null,null,null,null,null,null,null,null,null,null,null,null,null,null,null,null,null,null,null,null,null,null,null,null,null,null,null,null,null,null,null,null,null,null,null,null,null,null,null,null,null,null,null,null,null,null,null,null,null,null,null,null,null,null,null,null,"Производство работ осуществляется на территории действующего предприятия с наличием в зоне производства работ одного или нескольких из следующих факторов:\n- разветвленная сеть транспортных и инженерных коммуникаций;\n- стесненные условия для складирования материалов;\n- действующее технологическое оборудование;\n- движение технологического транспорта ОЗП=1,15; ЭМ=1,15 к расх.; ЗПМ=1,15; ТЗ=1,15; ТЗМ=1,15"]
[null,"1","ИНДЕКС К ПОЗИЦИИ: СМР 1 квартал 2025г Минстрой ОЗП=22,53; ЭМ=11,42; ЗПМ=22,53; МАТ=8,56",null,null,null,null,null,null,null,null,null,null,null,null,null,null,null,null,null,null,null,null,null,null,null,null,null,null,null,null,null,null,null,null,null,null,null,null,null,null,null,null,null,null,null,null,null,null,null,null,null,null,null,null,null,null,null,null,null,null,null,null,null,null,null,null,null,null,null,null,null,null,"ИНДЕКС К ПОЗИЦИИ: СМР 1 квартал 2025г Минстрой ОЗП=22,53; ЭМ=11,42; ЗПМ=22,53; МАТ=8,56"]
[null,null,null,null,"Накладные расходы 103% ФОТ (от 502,98)",null,null,null,null,null,518.07000000000005]
[null,null,null,null,"Сметная прибыль 59% ФОТ (от 502,98)",null,null,null,null,null,296.76]
[null,null,null,null,"Итого c накладными и см. прибылью",null,null,null,null,null,1352.02]
["34","ТЕР46-08-012-06\nПриказ Администрации ЛО от 20.10.15 №28","На каждые 10 мм изменения глубины отверстия добавлять (уменьшать) к расценке: 46-08-012-01\n(100 шт.)",null,null,0.18,"362,25\n318,09",44.16,null,null,1380.76,1289.98,90.78,null,19.664999999999999,3.54,null,null,null,null,null,null,null,null,null,null,null,null,null,null,null,null,null,null,null,null,null,null,null,null,null,null,null,null,null,null,null,null,null,null,null,null,null,null,null,null,null,null,null,null,null,null,null,null,null,null,null,null,null,null,null,"На каждые 10 мм изменения глубины отверстия добавлять (уменьшать) к расценке: 46-08-012-01\n(100 шт.)"]
[null,null,"Объем=18 / 100"]
[null,null,"глубина 400: 400-100=300/10=30 ПЗ=30 (ОЗП=30; ЭМ=30 к расх.; ЗПМ=30; МАТ=30 к расх.; ТЗ=30; ТЗМ=30)",null,null,null,null,null,null,null,null,null,null,null,null,null,null,null,null,null,null,null,null,null,null,null,null,null,null,null,null,null,null,null,null,null,null,null,null,null,null,null,null,null,null,null,null,null,null,null,null,null,null,null,null,null,null,null,null,null,null,null,null,null,null,null,null,null,null,null,null,null,"глубина 400: 400-100=300/10=30 ПЗ=30 (ОЗП=30; ЭМ=30 к расх.; ЗПМ=30; МАТ=30 к расх.; ТЗ=30; ТЗМ=30)"]
[null,"421/пр_2020_прил.10_т.3_п.3_гр.3","Производство работ осуществляется на территории действующего предприятия с наличием в зоне производства работ одного или нескольких из следующих факторов:\n- разветвленная сеть транспортных и инженерных коммуникаций;\n- стесненные условия для складирования материалов;\n- действующее технологическое оборудование;\n- движение технологического транспорта ОЗП=1,15; ЭМ=1,15 к расх.; ЗПМ=1,15; ТЗ=1,15; ТЗМ=1,15",null,null,null,null,null,null,null,null,null,null,null,null,null,null,null,null,null,null,null,null,null,null,null,null,null,null,null,null,null,null,null,null,null,null,null,null,null,null,null,null,null,null,null,null,null,null,null,null,null,null,null,null,null,null,null,null,null,null,null,null,null,null,null,null,null,null,null,null,null,"Производство работ осуществляется на территории действующего предприятия с наличием в зоне производства работ одного или нескольких из следующих факторов:\n- разветвленная сеть транспортных и инженерных коммуникаций;\n- стесненные условия для складирования материалов;\n- действующее технологическое оборудование;\n- движение технологического транспорта ОЗП=1,15; ЭМ=1,15 к расх.; ЗПМ=1,15; ТЗ=1,15; ТЗМ=1,15"]
[null,"1","ИНДЕКС К ПОЗИЦИИ: СМР 1 квартал 2025г Минстрой ОЗП=22,53; ЭМ=11,42; ЗПМ=22,53; МАТ=8,56",null,null,null,null,null,null,null,null,null,null,null,null,null,null,null,null,null,null,null,null,null,null,null,null,null,null,null,null,null,null,null,null,null,null,null,null,null,null,null,null,null,null,null,null,null,null,null,null,null,null,null,null,null,null,null,null,null,null,null,null,null,null,null,null,null,null,null,null,null,null,"ИНДЕКС К ПОЗИЦИИ: СМР 1 квартал 2025г Минстрой ОЗП=22,53; ЭМ=11,42; ЗПМ=22,53; МАТ=8,56"]
[null,null,null,null,"Накладные расходы 103% ФОТ (от 1 289,98)",null,null,null,null,null,1328.68]
[null,null,null,null,"Сметная прибыль 59% ФОТ (от 1 289,98)",null,null,null,null,null,761.09]
[null,null,null,null,"Итого c накладными и см. прибылью",null,null,null,null,null,3470.53]
["35\n*","ТССЦ-509-4614\nПриказ Администрации ЛО от 20.10.15 №28\nприменительно","Анкер химический (капсула с клеевым составом) Hilti HVU М24/210\n(шт.)",null,null,18,91.65,null,91.65,null,14121.43,null,null,14121.43,0,0,null,null,null,null,null,null,null,null,null,null,null,null,null,null,null,null,null,null,null,null,null,null,null,null,null,null,null,null,null,null,null,null,null,null,null,null,null,null,null,null,null,null,null,null,null,null,null,null,null,null,null,null,null,null,null,"Анкер химический (капсула с клеевым составом) Hilti HVU М24/210\n(шт.)"]
[null,"1","ИНДЕКС К ПОЗИЦИИ: СМР 1 квартал 2025г Минстрой ОЗП=22,53; ЭМ=11,42; ЗПМ=22,53; МАТ=8,56",null,null,null,null,null,null,null,null,null,null,null,null,null,null,null,null,null,null,null,null,null,null,null,null,null,null,null,null,null,null,null,null,null,null,null,null,null,null,null,null,null,null,null,null,null,null,null,null,null,null,null,null,null,null,null,null,null,null,null,null,null,null,null,null,null,null,null,null,null,null,"ИНДЕКС К ПОЗИЦИИ: СМР 1 квартал 2025г Минстрой ОЗП=22,53; ЭМ=11,42; ЗПМ=22,53; МАТ=8,56"]
["36\n*","ТССЦ-509-4617\nПриказ Администрации ЛО от 20.10.15 №28\nПрименительно","Шпилька анкерная Hilti: HIT-V-5,8 М24х450 (HAS) для использования с химическими анкерами HIT\n(шт.)",null,null,18,133.4,null,133.4,null,20554.27,null,null,20554.27,0,0,null,null,null,null,null,null,null,null,null,null,null,null,null,null,null,null,null,null,null,null,null,null,null,null,null,null,null,null,null,null,null,null,null,null,null,null,null,null,null,null,null,null,null,null,null,null,null,null,null,null,null,null,null,null,null,"Шпилька анкерная Hilti: HIT-V-5,8 М24х450 (HAS) для использования с химическими анкерами HIT\n(шт.)"]
[null,"1","ИНДЕКС К ПОЗИЦИИ: СМР 1 квартал 2025г Минстрой ОЗП=22,53; ЭМ=11,42; ЗПМ=22,53; МАТ=8,56",null,null,null,null,null,null,null,null,null,null,null,null,null,null,null,null,null,null,null,null,null,null,null,null,null,null,null,null,null,null,null,null,null,null,null,null,null,null,null,null,null,null,null,null,null,null,null,null,null,null,null,null,null,null,null,null,null,null,null,null,null,null,null,null,null,null,null,null,null,null,"ИНДЕКС К ПОЗИЦИИ: СМР 1 квартал 2025г Минстрой ОЗП=22,53; ЭМ=11,42; ЗПМ=22,53; МАТ=8,56"]
["37","ТЕР46-03-014-01\nПриказ Администрации ЛО от 20.10.15 №28","Сверление вертикальных отверстий в железобетонных конструкциях полов перфоратором глубиной 200 мм диаметром: 20 мм\n(100 отверстий)",null,null,0.18,"283,68\n127,19",156.49,null,null,837.49,515.80999999999995,321.68,null,7.8659999999999997,1.42,null,null,null,null,null,null,null,null,null,null,null,null,null,null,null,null,null,null,null,null,null,null,null,null,null,null,null,null,null,null,null,null,null,null,null,null,null,null,null,null,null,null,null,null,null,null,null,null,null,null,null,null,null,null,null,"Сверление вертикальных отверстий в железобетонных конструкциях полов перфоратором глубиной 200 мм диаметром: 20 мм\n(100 отверстий)"]
[null,null,"Объем=18 / 100"]
[null,"421/пр_2020_прил.10_т.3_п.3_гр.3","Производство работ осуществляется на территории действующего предприятия с наличием в зоне производства работ одного или нескольких из следующих факторов:\n- разветвленная сеть транспортных и инженерных коммуникаций;\n- стесненные условия для складирования материалов;\n- действующее технологическое оборудование;\n- движение технологического транспорта ОЗП=1,15; ЭМ=1,15 к расх.; ЗПМ=1,15; ТЗ=1,15; ТЗМ=1,15",null,null,null,null,null,null,null,null,null,null,null,null,null,null,null,null,null,null,null,null,null,null,null,null,null,null,null,null,null,null,null,null,null,null,null,null,null,null,null,null,null,null,null,null,null,null,null,null,null,null,null,null,null,null,null,null,null,null,null,null,null,null,null,null,null,null,null,null,null,"Производство работ осуществляется на территории действующего предприятия с наличием в зоне производства работ одного или нескольких из следующих факторов:\n- разветвленная сеть транспортных и инженерных коммуникаций;\n- стесненные условия для складирования материалов;\n- действующее технологическое оборудование;\n- движение технологического транспорта ОЗП=1,15; ЭМ=1,15 к расх.; ЗПМ=1,15; ТЗ=1,15; ТЗМ=1,15"]
[null,"1","ИНДЕКС К ПОЗИЦИИ: СМР 1 квартал 2025г Минстрой ОЗП=22,53; ЭМ=11,42; ЗПМ=22,53; МАТ=8,56",null,null,null,null,null,null,null,null,null,null,null,null,null,null,null,null,null,null,null,null,null,null,null,null,null,null,null,null,null,null,null,null,null,null,null,null,null,null,null,null,null,null,null,null,null,null,null,null,null,null,null,null,null,null,null,null,null,null,null,null,null,null,null,null,null,null,null,null,null,null,"ИНДЕКС К ПОЗИЦИИ: СМР 1 квартал 2025г Минстрой ОЗП=22,53; ЭМ=11,42; ЗПМ=22,53; МАТ=8,56"]
[null,null,null,null,"Накладные расходы 103% ФОТ (от 515,81)",null,null,null,null,null,531.28]
[null,null,null,null,"Сметная прибыль 59% ФОТ (от 515,81)",null,null,null,null,null,304.33]
[null,null,null,null,"Итого c накладными и см. прибылью",null,null,null,null,null,1673.1]
["38","ТЕР46-03-014-14\nПриказ Администрации ЛО от 20.10.15 №28","На каждые 10 мм изменения глубины сверления добавлять или исключать: к расценке 46-03-014-01\n(100 отверстий)",null,null,-0.18,"125,47\n50,26",75.209999999999994,null,null,-358.4,-203.8,-154.6,null,3.105,-0.56000000000000005,null,null,null,null,null,null,null,null,null,null,null,null,null,null,null,null,null,null,null,null,null,null,null,null,null,null,null,null,null,null,null,null,null,null,null,null,null,null,null,null,null,null,null,null,null,null,null,null,null,null,null,null,null,null,null,"На каждые 10 мм изменения глубины сверления добавлять или исключать: к расценке 46-03-014-01\n(100 отверстий)"]
[null,null,"Объем=-18 / 100"]
[null,null,"глубина 100: 200-100=100/10=10 ПЗ=10 (ОЗП=10; ЭМ=10 к расх.; ЗПМ=10; МАТ=10 к расх.; ТЗ=10; ТЗМ=10)",null,null,null,null,null,null,null,null,null,null,null,null,null,null,null,null,null,null,null,null,null,null,null,null,null,null,null,null,null,null,null,null,null,null,null,null,null,null,null,null,null,null,null,null,null,null,null,null,null,null,null,null,null,null,null,null,null,null,null,null,null,null,null,null,null,null,null,null,null,"глубина 100: 200-100=100/10=10 ПЗ=10 (ОЗП=10; ЭМ=10 к расх.; ЗПМ=10; МАТ=10 к расх.; ТЗ=10; ТЗМ=10)"]
[null,"421/пр_2020_прил.10_т.3_п.3_гр.3","Производство работ осуществляется на территории действующего предприятия с наличием в зоне производства работ одного или нескольких из следующих факторов:\n- разветвленная сеть транспортных и инженерных коммуникаций;\n- стесненные условия для складирования материалов;\n- действующее технологическое оборудование;\n- движение технологического транспорта ОЗП=1,15; ЭМ=1,15 к расх.; ЗПМ=1,15; ТЗ=1,15; ТЗМ=1,15",null,null,null,null,null,null,null,null,null,null,null,null,null,null,null,null,null,null,null,null,null,null,null,null,null,null,null,null,null,null,null,null,null,null,null,null,null,null,null,null,null,null,null,null,null,null,null,null,null,null,null,null,null,null,null,null,null,null,null,null,null,null,null,null,null,null,null,null,null,"Производство работ осуществляется на территории действующего предприятия с наличием в зоне производства работ одного или нескольких из следующих факторов:\n- разветвленная сеть транспортных и инженерных коммуникаций;\n- стесненные условия для складирования материалов;\n- действующее технологическое оборудование;\n- движение технологического транспорта ОЗП=1,15; ЭМ=1,15 к расх.; ЗПМ=1,15; ТЗ=1,15; ТЗМ=1,15"]
[null,"1","ИНДЕКС К ПОЗИЦИИ: СМР 1 квартал 2025г Минстрой ОЗП=22,53; ЭМ=11,42; ЗПМ=22,53; МАТ=8,56",null,null,null,null,null,null,null,null,null,null,null,null,null,null,null,null,null,null,null,null,null,null,null,null,null,null,null,null,null,null,null,null,null,null,null,null,null,null,null,null,null,null,null,null,null,null,null,null,null,null,null,null,null,null,null,null,null,null,null,null,null,null,null,null,null,null,null,null,null,null,"ИНДЕКС К ПОЗИЦИИ: СМР 1 квартал 2025г Минстрой ОЗП=22,53; ЭМ=11,42; ЗПМ=22,53; МАТ=8,56"]
[null,null,null,null,"Накладные расходы 103% ФОТ (от -203,80)",null,null,null,null,null,-209.91]
[null,null,null,null,"Сметная прибыль 59% ФОТ (от -203,80)",null,null,null,null,null,-120.24]
[null,null,null,null,"Итого c накладными и см. прибылью",null,null,null,null,null,-688.55]
["39","ТЕР06-01-015-03\nПриказ Администрации ЛО от 20.10.15 №28","Установка анкерных болтов: при бетонировании со связями из арматуры\n(1 т)",null,null,4.0860000000000002E-3,"12 378,70\n2 544,10","90,06\n6,21",9744.5400000000009,null,579.23,234.2,"4,20\n0,57",340.83,147.91300000000001,0.6,null,null,null,null,null,null,null,null,null,null,null,null,null,null,null,null,null,null,null,null,null,null,null,null,null,null,null,null,null,null,null,null,null,null,null,null,null,null,null,null,null,null,null,null,null,null,null,null,null,null,null,null,null,null,null,"Установка анкерных болтов: при бетонировании со связями из арматуры\n(1 т)"]
[null,null,"Объем=(2,628+1,152+0,306)*0,001"]
[null,"421/пр_2020_прил.10_т.3_п.3_гр.3","Производство работ осуществляется на территории действующего предприятия с наличием в зоне производства работ одного или нескольких из следующих факторов:\n- разветвленная сеть транспортных и инженерных коммуникаций;\n- стесненные условия для складирования материалов;\n- действующее технологическое оборудование;\n- движение технологического транспорта ОЗП=1,15; ЭМ=1,15 к расх.; ЗПМ=1,15; ТЗ=1,15; ТЗМ=1,15",null,null,null,null,null,null,null,null,null,null,null,null,null,null,null,null,null,null,null,null,null,null,null,null,null,null,null,null,null,null,null,null,null,null,null,null,null,null,null,null,null,null,null,null,null,null,null,null,null,null,null,null,null,null,null,null,null,null,null,null,null,null,null,null,null,null,null,null,null,"Производство работ осуществляется на территории действующего предприятия с наличием в зоне производства работ одного или нескольких из следующих факторов:\n- разветвленная сеть транспортных и инженерных коммуникаций;\n- стесненные условия для складирования материалов;\n- действующее технологическое оборудование;\n- движение технологического транспорта ОЗП=1,15; ЭМ=1,15 к расх.; ЗПМ=1,15; ТЗ=1,15; ТЗМ=1,15"]
[null,"1","ИНДЕКС К ПОЗИЦИИ: СМР 1 квартал 2025г Минстрой ОЗП=22,53; ЭМ=11,42; ЗПМ=22,53; МАТ=8,56",null,null,null,null,null,null,null,null,null,null,null,null,null,null,null,null,null,null,null,null,null,null,null,null,null,null,null,null,null,null,null,null,null,null,null,null,null,null,null,null,null,null,null,null,null,null,null,null,null,null,null,null,null,null,null,null,null,null,null,null,null,null,null,null,null,null,null,null,null,null,"ИНДЕКС К ПОЗИЦИИ: СМР 1 квартал 2025г Минстрой ОЗП=22,53; ЭМ=11,42; ЗПМ=22,53; МАТ=8,56"]
[null,null,null,null,"Накладные расходы 102% ФОТ (от 234,77)",null,null,null,null,null,239.47]
[null,null,null,null,"Сметная прибыль 58% ФОТ (от 234,77)",null,null,null,null,null,136.16999999999999]
[null,null,null,null,"Итого c накладными и см. прибылью",null,null,null,null,null,954.87]
["Крепление стоек ограждения к ростверку",null,null,null,null,null,null,null,null,null,null,null,null,null,null,null,null,null,null,null,null,null,null,null,null,null,null,null,null,null,null,null,null,null,null,null,null,null,null,null,null,null,null,null,null,null,null,null,null,null,null,null,null,null,null,null,null,null,null,null,null,null,null,null,null,null,null,null,null,null,null,null,null,null,"Крепление стоек ограждения к ростверку"]
["40","ТЕР46-08-012-01\nПриказ Администрации ЛО от 20.10.15 №28","Установка анкеров в отверстия глубиной 100 мм с применением смесей серии MASTERFLOW, диаметр анкера: до 8 мм\n(100 шт.)",null,null,0.6,"140,67\n124,03",16.64,null,null,1790.62,1676.6,114.02,null,7.6704999999999997,4.5999999999999996,null,null,null,null,null,null,null,null,null,null,null,null,null,null,null,null,null,null,null,null,null,null,null,null,null,null,null,null,null,null,null,null,null,null,null,null,null,null,null,null,null,null,null,null,null,null,null,null,null,null,null,null,null,null,null,"Установка анкеров в отверстия глубиной 100 мм с применением смесей серии MASTERFLOW, диаметр анкера: до 8 мм\n(100 шт.)"]
[null,null,"Объем=60 / 100"]
[null,"421/пр_2020_прил.10_т.3_п.3_гр.3","Производство работ осуществляется на территории действующего предприятия с наличием в зоне производства работ одного или нескольких из следующих факторов:\n- разветвленная сеть транспортных и инженерных коммуникаций;\n- стесненные условия для складирования материалов;\n- действующее технологическое оборудование;\n- движение технологического транспорта ОЗП=1,15; ЭМ=1,15 к расх.; ЗПМ=1,15; ТЗ=1,15; ТЗМ=1,15",null,null,null,null,null,null,null,null,null,null,null,null,null,null,null,null,null,null,null,null,null,null,null,null,null,null,null,null,null,null,null,null,null,null,null,null,null,null,null,null,null,null,null,null,null,null,null,null,null,null,null,null,null,null,null,null,null,null,null,null,null,null,null,null,null,null,null,null,null,"Производство работ осуществляется на территории действующего предприятия с наличием в зоне производства работ одного или нескольких из следующих факторов:\n- разветвленная сеть транспортных и инженерных коммуникаций;\n- стесненные условия для складирования материалов;\n- действующее технологическое оборудование;\n- движение технологического транспорта ОЗП=1,15; ЭМ=1,15 к расх.; ЗПМ=1,15; ТЗ=1,15; ТЗМ=1,15"]
[null,"1","ИНДЕКС К ПОЗИЦИИ: СМР 1 квартал 2025г Минстрой ОЗП=22,53; ЭМ=11,42; ЗПМ=22,53; МАТ=8,56",null,null,null,null,null,null,null,null,null,null,null,null,null,null,null,null,null,null,null,null,null,null,null,null,null,null,null,null,null,null,null,null,null,null,null,null,null,null,null,null,null,null,null,null,null,null,null,null,null,null,null,null,null,null,null,null,null,null,null,null,null,null,null,null,null,null,null,null,null,null,"ИНДЕКС К ПОЗИЦИИ: СМР 1 квартал 2025г Минстрой ОЗП=22,53; ЭМ=11,42; ЗПМ=22,53; МАТ=8,56"]
[null,null,null,null,"Накладные расходы 103% ФОТ (от 1 676,60)",null,null,null,null,null,1726.9]
[null,null,null,null,"Сметная прибыль 59% ФОТ (от 1 676,60)",null,null,null,null,null,989.19]
[null,null,null,null,"Итого c накладными и см. прибылью",null,null,null,null,null,4506.71]
["41","ТЕР46-08-012-06\nПриказ Администрации ЛО от 20.10.15 №28","На каждые 10 мм изменения глубины отверстия добавлять (уменьшать) к расценке: 46-08-012-01\n(100 шт.)",null,null,0.6,"120,75\n106,03",14.72,null,null,1534.17,1433.31,100.86,null,6.5549999999999997,3.93,null,null,null,null,null,null,null,null,null,null,null,null,null,null,null,null,null,null,null,null,null,null,null,null,null,null,null,null,null,null,null,null,null,null,null,null,null,null,null,null,null,null,null,null,null,null,null,null,null,null,null,null,null,null,null,"На каждые 10 мм изменения глубины отверстия добавлять (уменьшать) к расценке: 46-08-012-01\n(100 шт.)"]
[null,null,"Объем=60 / 100"]
[null,null,"глубина 200: 200-100=100/10=10 ПЗ=10 (ОЗП=10; ЭМ=10 к расх.; ЗПМ=10; МАТ=10 к расх.; ТЗ=10; ТЗМ=10)",null,null,null,null,null,null,null,null,null,null,null,null,null,null,null,null,null,null,null,null,null,null,null,null,null,null,null,null,null,null,null,null,null,null,null,null,null,null,null,null,null,null,null,null,null,null,null,null,null,null,null,null,null,null,null,null,null,null,null,null,null,null,null,null,null,null,null,null,null,"глубина 200: 200-100=100/10=10 ПЗ=10 (ОЗП=10; ЭМ=10 к расх.; ЗПМ=10; МАТ=10 к расх.; ТЗ=10; ТЗМ=10)"]
[null,"421/пр_2020_прил.10_т.3_п.3_гр.3","Производство работ осуществляется на территории действующего предприятия с наличием в зоне производства работ одного или нескольких из следующих факторов:\n- разветвленная сеть транспортных и инженерных коммуникаций;\n- стесненные условия для складирования материалов;\n- действующее технологическое оборудование;\n- движение технологического транспорта ОЗП=1,15; ЭМ=1,15 к расх.; ЗПМ=1,15; ТЗ=1,15; ТЗМ=1,15",null,null,null,null,null,null,null,null,null,null,null,null,null,null,null,null,null,null,null,null,null,null,null,null,null,null,null,null,null,null,null,null,null,null,null,null,null,null,null,null,null,null,null,null,null,null,null,null,null,null,null,null,null,null,null,null,null,null,null,null,null,null,null,null,null,null,null,null,null,"Производство работ осуществляется на территории действующего предприятия с наличием в зоне производства работ одного или нескольких из следующих факторов:\n- разветвленная сеть транспортных и инженерных коммуникаций;\n- стесненные условия для складирования материалов;\n- действующее технологическое оборудование;\n- движение технологического транспорта ОЗП=1,15; ЭМ=1,15 к расх.; ЗПМ=1,15; ТЗ=1,15; ТЗМ=1,15"]
[null,"1","ИНДЕКС К ПОЗИЦИИ: СМР 1 квартал 2025г Минстрой ОЗП=22,53; ЭМ=11,42; ЗПМ=22,53; МАТ=8,56",null,null,null,null,null,null,null,null,null,null,null,null,null,null,null,null,null,null,null,null,null,null,null,null,null,null,null,null,null,null,null,null,null,null,null,null,null,null,null,null,null,null,null,null,null,null,null,null,null,null,null,null,null,null,null,null,null,null,null,null,null,null,null,null,null,null,null,null,null,null,"ИНДЕКС К ПОЗИЦИИ: СМР 1 квартал 2025г Минстрой ОЗП=22,53; ЭМ=11,42; ЗПМ=22,53; МАТ=8,56"]
[null,null,null,null,"Накладные расходы 103% ФОТ (от 1 433,31)",null,null,null,null,null,1476.31]
[null,null,null,null,"Сметная прибыль 59% ФОТ (от 1 433,31)",null,null,null,null,null,845.65]
[null,null,null,null,"Итого c накладными и см. прибылью",null,null,null,null,null,3856.13]
["42\n*","ТССЦ-509-2631\nПриказ Администрации ЛО от 20.10.15 №28\nПрименительно","Капсула с клеевым составом Hilti HVU-TZ M20\n(шт.)",null,null,60,35.28,null,35.28,null,18119.810000000001,null,null,18119.810000000001,0,0,null,null,null,null,null,null,null,null,null,null,null,null,null,null,null,null,null,null,null,null,null,null,null,null,null,null,null,null,null,null,null,null,null,null,null,null,null,null,null,null,null,null,null,null,null,null,null,null,null,null,null,null,null,null,null,"Капсула с клеевым составом Hilti HVU-TZ M20\n(шт.)"]
[null,"1","ИНДЕКС К ПОЗИЦИИ: СМР 1 квартал 2025г Минстрой ОЗП=22,53; ЭМ=11,42; ЗПМ=22,53; МАТ=8,56",null,null,null,null,null,null,null,null,null,null,null,null,null,null,null,null,null,null,null,null,null,null,null,null,null,null,null,null,null,null,null,null,null,null,null,null,null,null,null,null,null,null,null,null,null,null,null,null,null,null,null,null,null,null,null,null,null,null,null,null,null,null,null,null,null,null,null,null,null,null,"ИНДЕКС К ПОЗИЦИИ: СМР 1 квартал 2025г Минстрой ОЗП=22,53; ЭМ=11,42; ЗПМ=22,53; МАТ=8,56"]
["43\n*","ТССЦ-509-4616\nПриказ Администрации ЛО от 20.10.15 №28\nПрименительно","Шпилька анкерная Hilti: HIT-V-5,8 М16х300 (HAS) для использования с химическими анкерами HIT\n(шт.)",null,null,60,40.090000000000003,null,40.090000000000003,null,20590.22,null,null,20590.22,0,0,null,null,null,null,null,null,null,null,null,null,null,null,null,null,null,null,null,null,null,null,null,null,null,null,null,null,null,null,null,null,null,null,null,null,null,null,null,null,null,null,null,null,null,null,null,null,null,null,null,null,null,null,null,null,null,"Шпилька анкерная Hilti: HIT-V-5,8 М16х300 (HAS) для использования с химическими анкерами HIT\n(шт.)"]
[null,"1","ИНДЕКС К ПОЗИЦИИ: СМР 1 квартал 2025г Минстрой ОЗП=22,53; ЭМ=11,42; ЗПМ=22,53; МАТ=8,56",null,null,null,null,null,null,null,null,null,null,null,null,null,null,null,null,null,null,null,null,null,null,null,null,null,null,null,null,null,null,null,null,null,null,null,null,null,null,null,null,null,null,null,null,null,null,null,null,null,null,null,null,null,null,null,null,null,null,null,null,null,null,null,null,null,null,null,null,null,null,"ИНДЕКС К ПОЗИЦИИ: СМР 1 квартал 2025г Минстрой ОЗП=22,53; ЭМ=11,42; ЗПМ=22,53; МАТ=8,56"]
["Итого прямые затраты по смете в текущих ценах",null,null,null,null,null,null,null,null,null,36841513.32,5529267.3700000001,"2 640 456,00\n644 229,43",28671789.949999999,null,13663.57,null,null,null,null,null,null,null,null,null,null,null,null,null,null,null,null,null,null,null,null,null,null,null,null,null,null,null,null,null,null,null,null,null,null,null,null,null,null,null,null,null,null,null,null,null,null,null,null,null,null,null,null,null,null,null,null,null,null,null,"Итого прямые затраты по смете в текущих ценах"]
["Накладные расходы",null,null,null,null,null,null,null,null,null,5759744.5999999996,null,null,null,null,null,null,null,null,null,null,null,null,null,null,null,null,null,null,null,null,null,null,null,null,null,null,null,null,null,null,null,null,null,null,null,null,null,null,null,null,null,null,null,null,null,null,null,null,null,null,null,null,null,null,null,null,null,null,null,null,null,null,null,null,"Накладные расходы"]
["Сметная прибыль",null,null,null,null,null,null,null,null,null,3822045.46,null,null,null,null,null,null,null,null,null,null,null,null,null,null,null,null,null,null,null,null,null,null,null,null,null,null,null,null,null,null,null,null,null,null,null,null,null,null,null,null,null,null,null,null,null,null,null,null,null,null,null,null,null,null,null,null,null,null,null,null,null,null,null,null,"Сметная прибыль"]
["Итоги по смете:",null,null,null,null,null,null,null,null,null,null,null,null,null,null,null,null,null,null,null,null,null,null,null,null,null,null,null,null,null,null,null,null,null,null,null,null,null,null,null,null,null,null,null,null,null,null,null,null,null,null,null,null,null,null,null,null,null,null,null,null,null,null,null,null,null,null,null,null,null,null,null,null,null,null,"Итоги по смете:"]
["     Строительные металлические конструкции",null,null,null,null,null,null,null,null,null,44543771.329999998,null,null,null,null,13158.78,null,null,null,null,null,null,null,null,null,null,null,null,null,null,null,null,null,null,null,null,null,null,null,null,null,null,null,null,null,null,null,null,null,null,null,null,null,null,null,null,null,null,null,null,null,null,null,null,null,null,null,null,null,null,null,null,null,null,null,null,"     Строительные металлические конструкции"]
["     Работы по реконструкции зданий и сооружений: усиление и замена существующих конструкций, возведение отдельных конструктивных элементов",null,null,null,null,null,null,null,null,null,1878035.72,null,null,null,null,503.85,null,null,null,null,null,null,null,null,null,null,null,null,null,null,null,null,null,null,null,null,null,null,null,null,null,null,null,null,null,null,null,null,null,null,null,null,null,null,null,null,null,null,null,null,null,null,null,null,null,null,null,null,null,null,null,null,null,null,null,null,"     Работы по реконструкции зданий и сооружений: усиление и замена существующих конструкций, возведение отдельных конструктивных элементов"]
["     Бетонные и железобетонные монолитные конструкции и работы в строительстве",null,null,null,null,null,null,null,null,null,1496.33,null,null,null,null,0.94,null,null,null,null,null,null,null,null,null,null,null,null,null,null,null,null,null,null,null,null,null,null,null,null,null,null,null,null,null,null,null,null,null,null,null,null,null,null,null,null,null,null,null,null,null,null,null,null,null,null,null,null,null,null,null,null,null,null,null,null,"     Бетонные и железобетонные монолитные конструкции и работы в строительстве"]
["     Итого",null,null,null,null,null,null,null,null,null,46423303.380000003,null,null,null,null,13663.57,null,null,null,null,null,null,null,null,null,null,null,null,null,null,null,null,null,null,null,null,null,null,null,null,null,null,null,null,null,null,null,null,null,null,null,null,null,null,null,null,null,null,null,null,null,null,null,null,null,null,null,null,null,null,null,null,null,null,null,null,"     Итого"]
["          В том числе:",null,null,null,null,null,null,null,null,null,null,null,null,null,null,null,null,null,null,null,null,null,null,null,null,null,null,null,null,null,null,null,null,null,null,null,null,null,null,null,null,null,null,null,null,null,null,null,null,null,null,null,null,null,null,null,null,null,null,null,null,null,null,null,null,null,null,null,null,null,null,null,null,null,null,null,"          В том числе:"]
["            Основная заработная плата",null,null,null,null,null,null,null,null,null,5529267.3700000001,null,null,null,null,null,null,null,null,null,null,null,null,null,null,null,null,null,null,null,null,null,null,null,null,null,null,null,null,null,null,null,null,null,null,null,null,null,null,null,null,null,null,null,null,null,null,null,null,null,null,null,null,null,null,null,null,null,null,null,null,null,null,null,null,null,"            Основная заработная плата"]
["            Материалы",null,null,null,null,null,null,null,null,null,28671789.949999999,null,null,null,null,null,null,null,null,null,null,null,null,null,null,null,null,null,null,null,null,null,null,null,null,null,null,null,null,null,null,null,null,null,null,null,null,null,null,null,null,null,null,null,null,null,null,null,null,null,null,null,null,null,null,null,null,null,null,null,null,null,null,null,null,null,"            Материалы"]
["            Машины и механизмы",null,null,null,null,null,null,null,null,null,2640456,null,null,null,null,null,null,null,null,null,null,null,null,null,null,null,null,null,null,null,null,null,null,null,null,null,null,null,null,null,null,null,null,null,null,null,null,null,null,null,null,null,null,null,null,null,null,null,null,null,null,null,null,null,null,null,null,null,null,null,null,null,null,null,null,null,"            Машины и механизмы"]
["                в том числе заработная плата машинистов",null,null,null,null,null,null,null,null,null,644229.43000000005,null,null,null,null,null,null,null,null,null,null,null,null,null,null,null,null,null,null,null,null,null,null,null,null,null,null,null,null,null,null,null,null,null,null,null,null,null,null,null,null,null,null,null,null,null,null,null,null,null,null,null,null,null,null,null,null,null,null,null,null,null,null,null,null,null,"                в том числе заработная плата машинистов"]
["            Накладные расходы",null,null,null,null,null,null,null,null,null,5759744.5999999996,null,null,null,null,null,null,null,null,null,null,null,null,null,null,null,null,null,null,null,null,null,null,null,null,null,null,null,null,null,null,null,null,null,null,null,null,null,null,null,null,null,null,null,null,null,null,null,null,null,null,null,null,null,null,null,null,null,null,null,null,null,null,null,null,null,"            Накладные расходы"]
["            Сметная прибыль",null,null,null,null,null,null,null,null,null,3822045.46,null,null,null,null,null,null,null,null,null,null,null,null,null,null,null,null,null,null,null,null,null,null,null,null,null,null,null,null,null,null,null,null,null,null,null,null,null,null,null,null,null,null,null,null,null,null,null,null,null,null,null,null,null,null,null,null,null,null,null,null,null,null,null,null,null,"            Сметная прибыль"]
["     ВЗиС 5,2% от 46423303,38",null,null,null,null,null,null,null,null,null,2414011.7799999998,null,null,null,null,null,null,null,null,null,null,null,null,null,null,null,null,null,null,null,null,null,null,null,null,null,null,null,null,null,null,null,null,null,null,null,null,null,null,null,null,null,null,null,null,null,null,null,null,null,null,null,null,null,null,null,null,null,null,null,null,null,null,null,null,null,"     ВЗиС 5,2% от 46423303,38"]
["     Итого",null,null,null,null,null,null,null,null,null,48837315.159999996,null,null,null,null,null,null,null,null,null,null,null,null,null,null,null,null,null,null,null,null,null,null,null,null,null,null,null,null,null,null,null,null,null,null,null,null,null,null,null,null,null,null,null,null,null,null,null,null,null,null,null,null,null,null,null,null,null,null,null,null,null,null,null,null,null,null,"     Итого"]
["     Зимнее удорожание 2,1% от 48837315,16",null,null,null,null,null,null,null,null,null,1025583.62,null,null,null,null,null,null,null,null,null,null,null,null,null,null,null,null,null,null,null,null,null,null,null,null,null,null,null,null,null,null,null,null,null,null,null,null,null,null,null,null,null,null,null,null,null,null,null,null,null,null,null,null,null,null,null,null,null,null,null,null,null,null,null,null,null,"     Зимнее удорожание 2,1% от 48837315,16"]
["     Вахтовый метод работ 3,5% от 48837315,16",null,null,null,null,null,null,null,null,null,1709306.03,null,null,null,null,null,null,null,null,null,null,null,null,null,null,null,null,null,null,null,null,null,null,null,null,null,null,null,null,null,null,null,null,null,null,null,null,null,null,null,null,null,null,null,null,null,null,null,null,null,null,null,null,null,null,null,null,null,null,null,null,null,null,null,null,null,"     Вахтовый метод работ 3,5% от 48837315,16"]
["     Перевозка работников свыше 3-х километров 2,5% от 48837315,16",null,null,null,null,null,null,null,null,null,1220932.8799999999,null,null,null,null,null,null,null,null,null,null,null,null,null,null,null,null,null,null,null,null,null,null,null,null,null,null,null,null,null,null,null,null,null,null,null,null,null,null,null,null,null,null,null,null,null,null,null,null,null,null,null,null,null,null,null,null,null,null,null,null,null,null,null,null,null,"     Перевозка работников свыше 3-х километров 2,5% от 48837315,16"]
["     Перебазировка машин и механизмов 2% от 48837315,16",null,null,null,null,null,null,null,null,null,976746.3,null,null,null,null,null,null,null,null,null,null,null,null,null,null,null,null,null,null,null,null,null,null,null,null,null,null,null,null,null,null,null,null,null,null,null,null,null,null,null,null,null,null,null,null,null,null,null,null,null,null,null,null,null,null,null,null,null,null,null,null,null,null,null,null,null,"     Перебазировка машин и механизмов 2% от 48837315,16"]
["     Итого",null,null,null,null,null,null,null,null,null,53769883.990000002,null,null,null,null,null,null,null,null,null,null,null,null,null,null,null,null,null,null,null,null,null,null,null,null,null,null,null,null,null,null,null,null,null,null,null,null,null,null,null,null,null,null,null,null,null,null,null,null,null,null,null,null,null,null,null,null,null,null,null,null,null,null,null,null,null,null,"     Итого"]
["     Непредвиденные затраты 3% от 53769883,99",null,null,null,null,null,null,null,null,null,1613096.52,null,null,null,null,null,null,null,null,null,null,null,null,null,null,null,null,null,null,null,null,null,null,null,null,null,null,null,null,null,null,null,null,null,null,null,null,null,null,null,null,null,null,null,null,null,null,null,null,null,null,null,null,null,null,null,null,null,null,null,null,null,null,null,null,null,"     Непредвиденные затраты 3% от 53769883,99"]
["     Исключение материалов заказчика -28365590,68",null,null,null,null,null,null,null,null,null,-28365590.68,null,null,null,null,null,null,null,null,null,null,null,null,null,null,null,null,null,null,null,null,null,null,null,null,null,null,null,null,null,null,null,null,null,null,null,null,null,null,null,null,null,null,null,null,null,null,null,null,null,null,null,null,null,null,null,null,null,null,null,null,null,null,null,null,null,"     Исключение материалов заказчика -28365590,68"]
["     Итого с непредвиденными",null,null,null,null,null,null,null,null,null,27017389.829999998,null,null,null,null,null,null,null,null,null,null,null,null,null,null,null,null,null,null,null,null,null,null,null,null,null,null,null,null,null,null,null,null,null,null,null,null,null,null,null,null,null,null,null,null,null,null,null,null,null,null,null,null,null,null,null,null,null,null,null,null,null,null,null,null,null,null,"     Итого с непредвиденными"]
["     НДС 20% от 27017389,83",null,null,null,null,null,null,null,null,null,5403477.9699999997,null,null,null,null,null,null,null,null,null,null,null,null,null,null,null,null,null,null,null,null,null,null,null,null,null,null,null,null,null,null,null,null,null,null,null,null,null,null,null,null,null,null,null,null,null,null,null,null,null,null,null,null,null,null,null,null,null,null,null,null,null,null,null,null,null,"     НДС 20% от 27017389,83"]
["  ВСЕГО по смете",null,null,null,null,null,null,null,null,null,32420867.800000001,null,null,null,null,13663.57,null,null,null,null,null,null,null,null,null,null,null,null,null,null,null,null,null,null,null,null,null,null,null,null,null,null,null,null,null,null,null,null,null,null,null,null,null,null,null,null,null,null,null,null,null,null,null,null,null,null,null,null,null,null,null,null,null,null,null,null,null,null,"  ВСЕГО по смете"]
["Материалы заказчика",null,null,null,null,null,null,null,null,null,28365590.68,null,null,null,null,null,null,null,null,null,null,null,null,null,null,null,null,null,null,null,null,null,null,null,null,null,null,null,null,null,null,null,null,null,null,null,null,null,null,null,null,null,null,null,null,null,null,null,null,null,null,null,null,null,null,null,null,null,null,null,null,null,null,null,null,"Материалы заказчика"]
[]
[]
["Составил:  ____________________________ Пахомкина И.В."]
["[должность, подпись (инициалы, фамилия)]"]
[]
["Проверил:  ____________________________ Смирнова И.А."]
["[должность, подпись (инициалы, фамилия)]"]